{"text_format":"1","workbook":"xlsx","n_sheets":4,"sheets":["ORÇAMENTO GLOBAL","ORÇAMENTO(PALCO)","ORÇAMENTO(PRAÇA)","COMPOSIÇÕES"],"not_rendered":{"charts":0,"images":1,"macros":1,"external_links":0,"defined_names":10,"comments":0,"pivot_tables":0},"unopened":[],"bounds":{"document_bytes":16777216,"sheet_cells":100000,"rows_first":2000,"rows_last":500,"rows_between":2000,"halvings":0,"cell_chars":16384,"cell_head_chars":4096},"cells_cut":0,"cells_raw":0,"read":"whole","date_system":"1900"}

{"sheet":"ORÇAMENTO GLOBAL","index":0,"n_rows":22,"n_cols":21,"rows_kept":22,"cut":false,"hidden":false,"merged":[]}
[]
[]
[]
[]
[]
[]
[]
[]
[]
[]
[]
[]
[null,null,"TODOS OS VALORES ESTÃO NA UNIDADE MONETÁRIA REAL"]
[null,null,null,"ETAPAS",null,null,null,null,null,null,null,null,null,null,null,"","",0,"","",0]
[null,null,null,"Palco da Praça",null,null,null,null,null,223171.89,null,null,null,null,null,"","",0,"","",0]
[null,null,null,"Praça Central",null,null,null,null,null,202954.3,null,null,null,null,null,"","",0,"","",0]
[null,null,null,null,null,null,null,null,null,null,null,null,null,null,null,"","",0,"","",0]
[null,null,null,null,null,null,null,null,"TOTAL:",426126.19]
[]
[]
[]
[null,null,"Rio do Sul,","2021-09-21"]

{"sheet":"ORÇAMENTO(PALCO)","index":1,"n_rows":269,"n_cols":29,"rows_kept":269,"cut":false,"hidden":false,"merged":[]}
[]
[]
[]
[]
[]
[]
[]
[]
[]
[]
[]
[]
[null,null,null,null,null,null,null,null,null,"TODOS OS VALORES ESTÃO NA UNIDADE MONETÁRIA REAL"]
[null,"Nível","PUXAR AQUI",null,null,null,null,null,null,"ITEM ","SERVIÇO ","UN","QUANT.","VALOR \n(S/ BDI)","BDI","VALOR \n(C/ BDI)","VALOR TOTAL","CÓDIGO ","FONTE",null,"CURVA ABC",null,null,"CLASSIFICAÇÃO","% \nSIMPLES","% \nACUMULADA","ORDEM CLASSIFICAÇÃO","ORDEM PORCENTAGEM","ORDEM ACUMULADO"]
[null,1,null,1,0,0,7526.09,null,null,"1","ADMINISTRAÇÃO LOCAL - PALCO",null,null,null,null,"∑ ",7526.09,null,null,null,null,null,null,"","",0,"","",0]
[null,2,null,1,1,0,"",null,null,"1.1","Administração Local","UN",1,6254.02,0.2034,7526.09,7526.09,"CED001.1","COMPOSIÇÃO",null,"A",null,null,5,3.3723288358583153E-2,0.41715500101737724,1,0.22410819749745364,0.22410819749745364]
[null,1,null,2,0,0,3760.9700000000003,null,null,"2","FUNDAÇÃO PROFUNDA",null,null,null,null,"∑ ",3760.9700000000003,null,null,null,null,null,null,"","",0,"","",0.22410819749745364]
[null,2,null,2,1,0,"",null,null,"2.1","Perfuração",null,null,null,null,null,null,null,null,null,null,null,null,"","",0,"","",0.22410819749745364]
[null,3,null,2,1,1,"",null,null,"2.1.1","Perfuração de Estaca Escavada Mecanicamente Ø30cm","M",35,16.14,0.2034,19.420000000000002,679.7,"CED104","COMPOSIÇÃO",null,"B",null,null,51,3.0456344658818814E-3,0.87685908830184667,2,9.5847375760450826E-2,0.31995557325790447]
[null,2,null,2,2,0,"",null,null,"2.2","Armaduras",null,null,null,null,null,null,null,null,null,null,null,null,"","",0,"","",0.31995557325790447]
[null,3,null,2,2,1,"",null,null,"2.2.1","Armadura CA-50 - 8.0mm (fornecimento, corte, dobra e colocação)","KG",66.3,16.07,0.2034,19.34,1282.24,95576,"SINAPI-C",null,"B",null,null,36,5.7455264639287677E-3,0.81156394741291127,3,5.7077036001263418E-2,0.37703260925916787]
[null,3,null,2,2,2,"",null,null,"2.2.2","Armadura CA-60 - 5.0mm (fornecimento, corte, dobra e colocação)","KG",20.399999999999999,18.59,0.2034,22.37,456.35,95583,"SINAPI-C",null,"B",null,null,71,2.04483638149948E-3,0.92793406911596266,4,4.0122391758209336E-2,0.41715500101737724]
[null,2,null,2,3,0,"",null,null,"2.3","Concreto",null,null,null,null,null,null,null,null,null,null,null,null,"","",0,"","",0.41715500101737724]
[null,3,null,2,3,1,"",null,null,"2.3.1","Concreto Usinado (fornecimento, lançamento, adensamento e bombeado) FCK=25MPA","M3",2.5,446.29,0.2034,537.07000000000005,1342.68,92720,"SINAPI-C",null,"B",null,null,35,6.0163491020307257E-3,0.80554759831088052,5,3.3723288358583153E-2,0.45087828937596042]
[null,1,null,3,0,0,15439.779999999999,null,null,"3","INFRAESTRUTURA",null,null,null,null,"∑ ",15439.779999999999,null,null,null,null,null,null,"","",0,"","",0.45087828937596042]
[null,2,null,3,1,0,"",null,null,"3.1","Locação",null,"",null,null,null,null,null,null,null,null,null,null,"","",0,"","",0.45087828937596042]
[null,3,null,3,1,1,"",null,null,"3.1.1","Locação de Obra, através de Gabarito de Tábuas Corridas Pontaletadas a Cada 2m","M",32.774999999999999,44.31,0.2034,53.32,1747.83,"CED004","COMPOSIÇÃO",null,"A",null,null,28,7.8317659092280827E-3,0.75699336506940906,6,2.6760897172130413E-2,0.47763918654809084]
[null,2,null,3,2,0,"",null,null,"3.2","Escavação",null,null,null,null,null,null,null,null,null,null,null,null,"","",0,"","",0.47763918654809084]
[null,3,null,3,2,1,"",null,null,"3.2.1","Escavação Manual para Bloco/Sapata, com previsão de fôrma","M3",3.42,85.75,0.2034,103.19,352.91,96523,"SINAPI-C",null,"B",null,null,80,1.5813371477922241E-3,0.94504240655039473,7,2.3208209600232357E-2,0.50084739614832319]
[null,2,null,3,3,0,"",null,null,"3.3","Lastro de Brita Graduada",null,null,null,null,null,null,null,null,null,null,null,null,"","",0,"","",0.50084739614832319]
[null,3,null,3,3,1,"",null,null,"3.3.1","Lastro de Brita Graduada para Fundo de Valas das Fundações, esp.=5cm","M3",0.17100000000000001,179.42,0.2034,215.91,36.700000000000003,96621,"SINAPI-C",null,"C",null,null,157,1.6444723392359137E-4,0.99850944489469529,8,1.930202768816449E-2,0.52014942383648766]
[null,2,null,3,4,0,"",null,null,"3.4","Fôrma",null,"",null,null,null,null,null,null,null,null,null,null,"","",0,"","",0.52014942383648766]
[null,3,null,3,4,1,"",null,null,"3.4.1","Fôrma de Madeira para Concreto (material e mão-de-obra para fabricação, montagem e desforma) - Blocos de Coroamento e Pilares de Fundação","M2",21.77,71.599999999999994,0.2034,86.16,1875.7,"CED005","COMPOSIÇÃO",null,"A",null,null,27,8.4047323343455129E-3,0.7485886327350636,9,1.8611887007812675E-2,0.53876131084430035]
[null,3,null,3,4,2,"",null,null,"3.4.2","Fôrma de Madeira para Concreto, (material e mão-de-obra para fabricação, montagem e desforma) - Vigas Baldrame","M2",15.66,59.99,0.2034,72.19,1130.5,"CED007","COMPOSIÇÃO",null,"B",null,null,41,5.0656021239950961E-3,0.83834756249991882,10,1.7647742285105888E-2,0.55640905312940625]
[null,2,null,3,5,0,"",null,null,"3.5","Armadura",null,"",null,null,null,null,null,null,null,null,null,null,"","",0,"","",0.55640905312940625]
[null,3,null,3,5,1,"",null,null,"3.5.1","Armadura CA-50 - 6.3mm (fornecimento, corte, dobra e colocação)","KG",24.299999999999997,18.510000000000002,0.2034,22.27,541.16,96544,"SINAPI-C",null,"B",null,null,59,2.4248573599479754E-3,0.89980848394481949,11,1.667781726453094E-2,0.57308687039393724]
[null,3,null,3,5,2,"",null,null,"3.5.2","Armadura CA-50 - 8.0mm (fornecimento, corte, dobra e colocação)","KG",56.120000000000005,17.420000000000002,0.2034,20.96,1176.28,96545,"SINAPI-C",null,"B",null,null,38,5.2707354855488289E-3,0.82285403417070146,12,1.6671454456024904E-2,0.58975832484996216]
[null,3,null,3,5,3,"",null,null,"3.5.3","Armadura CA-50 - 10.0mm (fornecimento, corte, dobra e colocação)","KG",168,15.61,0.2034,18.79,3156.72,96546,"SINAPI-C",null,"A",null,null,15,1.4144792159980362E-2,0.6207173313807578,13,1.6219874286138813E-2,0.60597819913610096]
[null,3,null,3,5,4,"",null,null,"3.5.4","Armadura CA-50 - 12.5mm (fornecimento, corte, dobra e colocação)","KG",125.1,13.19,0.2034,15.87,1985.34,96547,"SINAPI-C",null,"A",null,null,24,8.8960128446284158E-3,0.72257890543473025,14,1.4739132244656797E-2,0.6207173313807578]
[null,3,null,3,5,5,"",null,null,"3.5.5","Armadura CA-60 - 5.0mm (fornecimento, corte, dobra e colocação)","KG",30.900000000000002,19.54,0.2034,23.51,726.46,96543,"SINAPI-C",null,"B",null,null,49,3.2551590614749914E-3,0.87054028175322617,15,1.4144792159980362E-2,0.63486212354073812]
[null,2,null,3,6,0,"",null,null,"3.6","Concreto",null,"",null,null,null,null,null,null,null,null,null,null,"","",0,"","",0.63486212354073812]
[null,3,null,3,6,1,"",null,null,"3.6.1","Concreto Usinado, Fck= 25MPa (fornecimento, lançamento, adensamento e bombeado) ","M3",4.03,431.37,0.2034,519.11,2092.0100000000002,"CED003","COMPOSIÇÃO",null,"A",null,null,21,9.3739852272613725E-3,0.69465796073152408,16,1.385367126657394E-2,0.64871579480731201]
[null,2,null,3,7,0,"",null,null,"3.7","Bloco de Concreto",null,"",null,null,null,null,null,null,null,null,null,null,"","",0,"","",0.64871579480731201]
[null,3,null,3,7,1,"",null,null,"3.7.1","Blocos de Concreto 14x19x39cm, 4MPa ","M2",2.92,77.28,0.2034,93,271.56,87455,"SINAPI-C",null,"C",null,null,92,1.2168199140133642E-3,0.96203222547427458,17,1.190960922542709E-2,0.66062540403273906]
[null,2,null,3,8,0,"",null,null,"3.8","Impermeabilização",null,"",null,null,null,null,null,null,null,null,null,null,"","",0,"","",0.66062540403273906]
[null,3,null,3,8,1,"",null,null,"3.8.1","Impermeabilização das Vigas Baldrames com Manta Asfáltica e=3mm, incluindo Emulsão Asfáltica","M2",3.5999999999999996,80.010000000000005,0.2034,96.28,346.61,98546,"SINAPI-C",null,"B",null,null,81,1.5531077861105178E-3,0.94662374369818691,18,1.1741442885123212E-2,0.6723668469178623]
[null,1,null,4,0,0,33614.04,null,null,"4","SUPRAESTRUTURA",null,"",null,null,"∑ ",33614.04,null,null,null,null,null,null,"","",0,"","",0.6723668469178623]
[null,2,null,4,1,0,"",null,null,"4.1","Fôrma",null,"",null,null,null,null,null,null,null,null,null,null,"","",0,"","",0.6723668469178623]
[null,3,null,4,1,1,"",null,null,"4.1.1","Fôrma de Madeira Serrada para Concreto, (material e mão-de-obra para fabricação, montagem e desforma) - Pilares","M2",36.209999999999994,95.320000000000007,0.2034,114.71,4153.6499999999996,"CED008","COMPOSIÇÃO",null,"A",null,null,9,1.8611887007812675E-2,0.52014942383648766,19,1.1517265906561977E-2,0.6838841128244243]
[null,3,null,4,1,2,"",null,null,"4.1.2","Fôrma de Madeira Serrada para Concreto, (material e mão-de-obra para fabricação, montagem e desforma) - Vigas","M2",62.699999999999996,118.67000000000002,0.2034,142.81,8954.19,"CED009","COMPOSIÇÃO",null,"A",null,null,4,4.0122391758209336E-2,0.37703260925916793,20,1.077384790709977E-2,0.69465796073152408]
[null,2,null,4,2,0,"",null,null,"4.2","Armadura",null,"",null,null,null,null,null,null,null,null,null,null,"","",0,"","",0.69465796073152408]
[null,3,null,4,2,1,"",null,null,"4.2.1","Armadura CA-50 - 6.3mm (fornecimento, corte, dobra e colocação)","KG",71.7,18.600000000000001,0.2034,22.38,1604.65,92776,"SINAPI-C",null,"A",null,null,30,7.1901976543730485E-3,0.77216400327120049,21,9.3739852272613725E-3,0.70403194595878549]
[null,3,null,4,2,2,"",null,null,"4.2.2","Armadura CA-50 - 10.0mm (fornecimento, corte, dobra e colocação)","KG",85.1,15.54,0.2034,18.7,1591.37,92778,"SINAPI-C",null,"A",null,null,31,7.1306919522884345E-3,0.7793542009255735,22,9.366547014500794E-3,0.71339849297328628]
[null,3,null,4,2,3,"",null,null,"4.2.3","Armadura CA-50 - 12.5mm (fornecimento, corte, dobra e colocação)","KG",380.4,13.05,0.2034,15.7,5972.28,92779,"SINAPI-C",null,"A",null,null,6,2.6760897172130413E-2,0.45087828937596042,23,9.1804124614439566E-3,0.72257890543473025]
[null,3,null,4,2,4,"",null,null,"4.2.4","Armadura CA-60 - 5.0mm (fornecimento, corte, dobra e colocação)","KG",112.1,19.7,0.2034,23.71,2657.89,92775,"SINAPI-C",null,"A",null,null,17,1.190960922542709E-2,0.64871579480731201,24,8.8960128446284158E-3,0.73147491827935862]
[null,2,null,4,3,0,"",null,null,"4.3","Concreto",null,"",null,null,null,null,null,null,null,null,null,null,"","",0,"","",0.73147491827935862]
[null,3,null,4,3,1,"",null,null,"4.3.1","Concreto Usinado, Fck= 25MPa (fornecimento, lançamento, adensamento e bombeado) ","M3",7.17,431.37,0.2034,519.11,3722.02,"CED003","COMPOSIÇÃO",null,"A",null,null,11,1.667781726453094E-2,0.55640905312940625,25,8.6506414405505983E-3,0.74012555971990923]
[null,2,null,4,4,0,"",null,null,"4.4","Laje",null,"",null,null,null,null,null,null,null,null,null,null,"","",0,"","",0.74012555971990923]
[null,3,null,4,4,1,"",null,null,"4.4.1","Laje Pré-Moldada, SC 500Kg/m2, vão aprox.: 2,00m, incluso:\n- Enchimento de Lajota e Vigota\n- Malha Pop\n- Capeamento, Concreto Usinado FCK=25 MPa, e=4cm\n- Escoramento\n(incluso Projeto e ART de Projeto)","M2",8.59,119.69999999999999,0.2034,144.05000000000001,1237.3900000000001,"CED024","COMPOSIÇÃO",null,"B",null,null,37,5.5445602938613819E-3,0.81730947387684005,26,8.4630730151543723E-3,0.7485886327350636]
[null,3,null,4,4,2,"",null,null,"4.4.2","Laje Pré-Moldada/Treliçada, SC 500Kg/m2, vão aprox.: 4,00m, incluso:\n- Enchimento de Lajota e Vigota\n- Malha Pop\n- Capeamento, Concreto Usinado FCK=25 MPa, e=4cm\n(incluso Projeto e ART de Projeto)","M2",21.59,143.20000000000002,0.2034,172.33,3720.6,"CED025","COMPOSIÇÃO",null,"A",null,null,12,1.6671454456024904E-2,0.57308687039393724,27,8.4047323343455129E-3,0.75699336506940906]
[null,1,null,5,0,0,3450.8799999999997,null,null,"5","FECHAMENTOS",null,"",null,null,"∑ ",3450.8799999999997,null,null,null,null,null,null,"","",0,"","",0.75699336506940906]
[null,2,null,5,1,0,"",null,null,"5.1","Alvenaria de Tijolos Cerâmicos",null,"",null,null,null,null,null,null,null,null,null,null,"","",0,"","",0.75699336506940906]
[null,3,null,5,1,1,"",null,null,"5.1.1","Alvenaria de Vedação de Tijolos Cerâmicos Furados\nTijolo 14x19x24cm, 09 Furos, Assentamento Cutelo \n(fornecimento e assentamento, incluso argamassa)","M2",40.760000000000012,52.4,0.2034,63.06,2570.33,"CED034","COMPOSIÇÃO",null,"A",null,null,19,1.1517265906561977E-2,0.6723668469178623,28,7.8317659092280827E-3,0.76482513097863714]
[null,2,null,5,2,0,"",null,null,"5.2","Vergas e Contravergas",null,"",null,null,null,null,null,null,null,null,null,null,"","",0,"","",0.76482513097863714]
[null,3,null,5,2,1,"",null,null,"5.2.1","Vergas, moldadas no local, h=20cm (incluso Fôrmas, Concreto e Armadura) ","M",9,60.790000000000006,0.2034,73.150000000000006,658.35,"CED030","COMPOSIÇÃO",null,"B",null,null,53,2.9499682957383208E-3,0.8829404545527666,29,7.3388722925633683E-3,0.77216400327120049]
[null,3,null,5,2,2,"",null,null,"5.2.2","Contravergas, moldadas no local, h=20cm (incluso Fôrmas, Concreto e Armadura) ","M",4,46.160000000000004,0.2034,55.55,222.2,"CED031","COMPOSIÇÃO",null,"C",null,null,98,9.9564510566272474E-4,0.96864649934183011,30,7.1901976543730485E-3,0.7793542009255735]
[null,1,null,6,0,0,50014.65,null,null,"6","ESTRUTURA METÁLICA E COBERTURA",null,"",null,null,"∑ ",50014.65,null,null,null,null,null,null,"","",0,"","",0.7793542009255735]
[null,2,null,6,1,0,"",null,null,"6.1","Cobertura e Estrutura\nIncluso nesse item;\nEstrutura metálica para cobertura em pintura epoxi.\nTelha térmica sanduíche TP40, Esp. 0,43mm + lã de rocha + 0,43mm pré pintada.\nMontagem, execução, equipamentos, mão de obra, transporte, guindastes, ferragens, entre outros,\npara execuação dessa estrutura.\n ART de projeto, fabricação e montagem.","CJ",1,43700,0.14449999999999999,50014.65,50014.65,"MED126","MERCADO",null,"A",null,null,1,0.22410819749745364,0,31,7.1306919522884345E-3,0.78648489287786194]
[null,1,null,7,0,0,3482.92,null,null,"7","CALHAS E RUFOS",null,"",null,null,"∑ ",3482.92,null,null,null,null,null,null,"","",0,"","",0.78648489287786194]
[null,2,null,7,1,0,"",null,null,"7.1","Calha Platibanda + Rufo Capa em Chapa de Aço Galvanizado, em Chapa 24 (e=0,65mm)","M",8.94,194.3,0.2034,233.82,2090.35,94229,"SINAPI-C",null,"A",null,null,22,9.366547014500794E-3,0.70403194595878549,32,6.782171356795875E-3,0.79326706423465787]
[null,2,null,7,2,0,"",null,null,"7.2","Rufo Capa + Rufo Externo em Chapa em Aço Galvanizado, em Chapa 24 (e=0,65mm)","M",8.94,58.33,0.2034,70.19,627.5,94231,"SINAPI-C",null,"B",null,null,56,2.8117340405191711E-3,0.89166350654645632,33,6.1534183359741226E-3,0.79942048257063203]
[null,2,null,7,3,0,"",null,null,"7.3","Rufo Capa + Rufo Interno em Chapa em Aço Galvanizado, em Chapa 24 (e=0,65mm)","M",10.9,58.33,0.2034,70.19,765.07,94231,"SINAPI-C",null,"B",null,null,48,3.4281647209243064E-3,0.86711211703230184,34,6.1271157402484691E-3,0.80554759831088052]
[null,1,null,8,0,0,1949.96,null,null,"8","PISO CONVENCIONAL",null,"",null,null,"∑ ",1949.96,null,null,null,null,null,null,"","",0,"","",0.80554759831088052]
[null,2,null,8,1,0,"",null,null,"8.1","Regularização e Apiloamento Manual","M2",18.8,3.12,0.2034,3.75,70.5,"CED060","COMPOSIÇÃO",null,"C",null,null,140,3.1589999977147656E-4,0.99439938425937069,35,6.0163491020307257E-3,0.81156394741291127]
[null,2,null,8,2,0,"",null,null,"8.2","Forma de Madeira Serrada para Concreto, (material e mão-de-obra para fabricação, montagem e desforma)","M2",3.4280000000000004,59.99,0.2034,72.19,247.61,"CED007","COMPOSIÇÃO",null,"C",null,null,94,1.1095035311122741E-3,0.96443423049381349,36,5.7455264639287677E-3,0.81730947387684005]
[null,2,null,8,3,0,"",null,null,"8.3","Lastro de Brita Graduada, e=10cm","M3",1.8800000000000001,107.46,0.2034,129.32,243.12,100324,"SINAPI-C",null,"C",null,null,95,1.0893845098502324E-3,0.96554373402492577,37,5.5445602938613819E-3,0.82285403417070146]
[null,2,null,8,4,0,"",null,null,"8.4","Lona 200 Micras (fornecimento e instalação)","M2",18.8,2.56,0.2034,3.08,57.9,97087,"SINAPI-C",null,"C",null,null,145,2.5944127640806371E-4,0.99584835706683306,38,5.2707354855488289E-3,0.82812476965625026]
[null,2,null,8,5,0,"",null,null,"8.5","Tela Soldada Q-92 (fornecimento, corte e colocação com espaçador)","M2",18.8,23.26,0.2034,27.99,526.21,"CED061","COMPOSIÇÃO",null,"B",null,null,64,2.35786863659218E-3,0.91176303610638432,39,5.1245701239524388E-3,0.83324933978020266]
[null,2,null,8,6,0,"",null,null,"8.6","Piso de Concreto Usinado, e= 7cm, Fck= 25MPa (fornecimento, lançamento, adensamento, bombeamento e sarrafeamento)","M3",1.5470000000000002,431.37,0.2034,519.11,804.62,"CED003","COMPOSIÇÃO",null,"B",null,null,47,3.6053823803705743E-3,0.86350673465193128,40,5.0982227197161785E-3,0.83834756249991882]
[null,1,null,9,0,0,15859.020000000002,null,null,"9","INSTALAÇÕES ELÉTRICAS",null,null,null,null,"∑ ",15859.020000000002,null,null,null,null,null,null,"","",0,"","",0.83834756249991882]
[null,2,null,9,1,0,"",null,null,"9.1","Infraestrutura do Ramal de Ligação",null,null,null,null,null,null,null,null,null,null,null,null,"","",0,"","",0.83834756249991882]
[null,3,null,9,1,1,"",null,null,"9.1.1","Alvenaria de Vedação de Tijolos Cerâmicos Furados\nTijolo 14x19x24cm, 09 Furos, Assentamento Cutelo \n(fornecimento e assentamento, incluso argamassa)","M2",0.95,52.4,0.2034,63.06,59.91,"CED034","COMPOSIÇÃO",null,"C",null,null,143,2.6844778703984627E-4,0.99531733140764278,41,5.0656021239950961E-3,0.84341316462391391]
[null,3,null,9,1,2,"",null,null,"9.1.2","Chapisco, aplicado com Colher de Pedreiro, Argamassa Traço 1:3","M2",3.19,3.61,0.2034,4.34,13.84,87879,"SINAPI-C",null,"C",null,null,168,6.2014978678542348E-5,0.99985836029797459,42,4.2104765075924207E-3,0.84762364113150634]
[null,3,null,9,1,3,"",null,null,"9.1.3","Massa Única, Argamassa Traço 1:2:8","M2",3.19,30.45,0.2034,36.64,116.88,87529,"SINAPI-C",null,"C",null,null,121,5.2372187196156285E-4,0.98624737192484246,43,4.2038000395121441E-3,0.8518274411710185]
[null,3,null,9,1,4,"",null,null,"9.1.4","Caixa de Proteção para Medidor Trifásico (fornecimento e instalação)","UN",1,161.03,0.2034,193.78,193.78,101946,"SINAPI-C",null,"C",null,null,103,8.6829931852080468E-4,0.97341914342348401,44,4.0095551460356408E-3,0.85583699631705412]
[null,3,null,9,1,5,"",null,null,"9.1.5","Disjuntor de Proteção Contra Raios (DPS), 275V - 45KA (fornecimento e instalação)","UN",1,108.9,0.2034,131.05000000000001,131.05000000000001,"CEL017","COMPOSIÇÃO",null,"C",null,null,119,5.8721553149009942E-4,0.98510117022354393,45,3.9359347631101743E-3,0.85977293108016428]
[null,3,null,9,1,6,"",null,null,"9.1.6","Disjuntor trifasico de 50A","UN",1,97.04,0.2034,116.78,116.78,93673,"SINAPI-C",null,"C",null,null,122,5.2327378685550403E-4,0.98677109379680406,46,3.7338035717670351E-3,0.86350673465193128]
[null,2,null,9,2,0,"",null,null,"9.2","Fiação do Ramal de Ligação.",null,null,null,null,null,null,null,null,null,null,null,null,"","",0,"","",0.86350673465193128]
[null,3,null,9,2,1,"",null,null,"9.2.1","Cabo de Cobre Isolado 10mm2 - 1KV","M",8,11.24,0.2034,13.53,108.24,92980,"SINAPI-C",null,"C",null,null,124,4.8500731879807976E-4,0.98780263051946204,47,3.6053823803705743E-3,0.86711211703230184]
[null,3,null,9,2,2,"",null,null,"9.2.2","Haste de Aterramento em Aço de 2,4m e Ø5/8\"","UN",1,68.25,0.2034,82.13,82.13,96985,"SINAPI-C",null,"C",null,null,136,3.680122976061187E-4,0.99302631706887468,48,3.4281647209243064E-3,0.87054028175322617]
[null,2,null,9,3,0,"",null,null,"9.3","Infraestrutura do Ramal de Carga e Aterramento",null,null,null,null,null,null,null,null,null,null,null,null,"","",0,"","",0.87054028175322617]
[null,3,null,9,3,1,"",null,null,"9.3.1","Eletroduto PEAD 1.1/2\" (fornecimento, escavação, assentamento e reaterro)","M",14,31.25,0.2034,37.61,526.54,"CEL006","COMPOSIÇÃO",null,"B",null,null,62,2.359347317442174E-3,0.90704434147150004,49,3.2551590614749914E-3,0.87379544081470117]
[null,3,null,9,3,2,"",null,null,"9.3.2","Eletroduto PVC Rígido 1\" (fornecimento e instalação)","M",2,16.25,0.2034,19.559999999999999,39.119999999999997,91872,"SINAPI-C",null,"C",null,null,156,1.7529089349021507E-4,0.99833415400120507,50,3.0636474871454464E-3,0.87685908830184667]
[null,3,null,9,3,3,"",null,null,"9.3.3","Eletroduto PVC Rígido 1.1/2\" (fornecimento e instalação)","M",4,15.08,0.2034,18.149999999999999,72.599999999999994,93008,"SINAPI-C",null,"C",null,null,138,3.2530978699871205E-4,0.99375432094068838,51,3.0456344658818814E-3,0.87990472276772858]
[null,3,null,9,3,4,"",null,null,"9.3.4","Caixa de Passagem de Alvenaria Rebocada, Padrão CELESC, 65x41x70cm, Fundo de Brita, sem Tampa (fornecimento e instalação)","UN",3,419.25,0.2034,504.53,1513.59,"CEL010","COMPOSIÇÃO",null,"A",null,null,32,6.782171356795875E-3,0.78648489287786194,52,3.0357317850379811E-3,0.8829404545527666]
[null,3,null,9,3,5,"",null,null,"9.3.5","Tampa de Ferro Fundido, 65x41cm (fornecimento e instalação) ","UN",3,378.76,0.2034,455.8,1367.4,101798,"SINAPI-C",null,"A",null,null,34,6.1271157402484691E-3,0.79942048257063203,53,2.9499682957383208E-3,0.88589042284850494]
[null,2,null,9,4,0,"",null,null,"9.4","Fiação do Ramal de Carga e Aterramento",null,null,null,null,null,null,null,null,null,null,null,null,"","",0,"","",0.88589042284850494]
[null,3,null,9,4,1,"",null,null,"9.4.1","Cabo de Cobre Isolado 10mm2 - 1KV","M",48,11.24,0.2034,13.53,649.44000000000005,92980,"SINAPI-C",null,"B",null,null,54,2.9100439127884791E-3,0.88589042284850494,54,2.9100439127884791E-3,0.88880046676129343]
[null,3,null,9,4,2,"",null,null,"9.4.2","Cabo de Cobre Isolado 10mm2 (aterramento)","M",8,10.34,0.2034,12.44,99.52,92979,"SINAPI-C",null,"C",null,null,128,4.4593429754974959E-4,0.98967320660321523,55,2.8630397851629073E-3,0.89166350654645632]
[null,3,null,9,4,3,"",null,null,"9.4.3","Haste de Aterramento em Aço de 2,4m e Ø5/8\"","UN",2,68.25,0.2034,82.13,164.26,96985,"SINAPI-C",null,"C",null,null,110,7.3602459521223741E-4,0.97907724848322075,56,2.8117340405191711E-3,0.89447524058697547]
[null,2,null,9,5,0,"",null,null,"9.5","Quadro de Distribuição",null,null,null,null,null,null,null,null,null,null,null,null,"","",0,"","",0.89447524058697547]
[null,3,null,9,5,1,"",null,null,"9.5.1","Quadro de Distribuição de Energia para 6 Disjuntores, em PVC, sem Barramento (fornecimento e instalação)","UN",1,77.38,0.2034,93.12,93.12,101876,"SINAPI-C",null,"C",null,null,132,4.1725685076198443E-4,0.99141150796365984,57,2.7081815725089747E-3,0.89718342215948443]
[null,3,null,9,5,2,"",null,null,"9.5.2","Quadro de Distribuição de Energia para 24 Disjuntores, em Chapa de Aço Galvanizado, com Barramento Trifasico e Neutro (fornecimento e instalação)","UN",1,743.58,0.2034,894.82,894.82,101879,"SINAPI-C",null,"B",null,null,44,4.0095551460356408E-3,0.8518274411710185,58,2.6250617853350615E-3,0.89980848394481949]
[null,2,null,9,6,0,"",null,null,"9.6","Disjuntores",null,null,null,null,null,null,null,null,null,null,null,null,"","",0,"","",0.89980848394481949]
[null,3,null,9,6,1,"",null,null,"9.6.1","Disjuntor Monopolar 10A (fornecimento e instalação)","UN",4,11.45,0.2034,13.78,55.12,93653,"SINAPI-C",null,"C",null,null,147,2.4698451045962819E-4,0.99636284838560985,59,2.4248573599479754E-3,0.90223334130476751]
[null,3,null,9,6,2,"",null,null,"9.6.2","Disjuntor Monopolar 20A (fornecimento e instalação)","UN",1,13.39,0.2034,16.11,16.11,93655,"SINAPI-C",null,"C",null,null,167,7.2186510586077842E-5,0.99978617378738854,60,2.423781955693434E-3,0.90465712326046099]
[null,3,null,9,6,3,"",null,null,"9.6.3","Disjuntor Monopolar 32A (fornecimento e instalação)","UN",3,14.94,0.2034,17.98,53.94,93657,"SINAPI-C",null,"C",null,null,149,2.4169710620813398E-4,0.99685556276823217,61,2.3872182110390334E-3,0.90704434147150004]
[null,3,null,9,6,4,"",null,null,"9.6.4","Disjuntor Tripolar 40A (fornecimento e instalação)","UN",1,87.42,0.2034,105.2,105.2,93672,"SINAPI-C",null,"C",null,null,125,4.713855315738913E-4,0.98828763783826012,62,2.359347317442174E-3,0.90940368878894218]
[null,3,null,9,6,5,"",null,null,"9.6.5","Disjuntor DR 25A (fornecimento e instalação)","UN",1,142.71,0.2034,171.74,171.74,"CEL013","COMPOSIÇÃO",null,"C",null,null,109,7.695413611454382E-4,0.97830770712207527,63,2.359347317442174E-3,0.91176303610638432]
[null,2,null,9,7,0,"",null,null,"9.7","Infraestrutura dos Pontos",null,null,null,null,null,null,null,null,null,null,null,null,"","",0,"","",0.91176303610638432]
[null,3,null,9,7,1,"",null,null,"9.7.1","Infraestrutura dos Pontos (Eletrodutos Corrigados 3/4\", Caixas Octogonais e Caixas 4\"x2\")","UN",25,102.77,0.2034,123.67,3091.75,"CEL200","COMPOSIÇÃO",null,"A",null,null,16,1.385367126657394E-2,0.63486212354073812,64,2.35786863659218E-3,0.91412090474297647]
[null,2,null,9,8,0,"",null,null,"9.8","Fiação dos Pontos, Interruptores e Tomadas",null,null,null,null,null,null,null,null,null,null,null,null,"","",0,"","",0.91412090474297647]
[null,3,null,9,8,1,"",null,null,"9.8.1","Ponto de Iluminação (Fiação 1,5mm² e Interruptor Simples)","UN",18,52.53,0.2034,63.21,1137.78,"CEL201","COMPOSIÇÃO",null,"B",null,null,40,5.0982227197161785E-3,0.83324933978020266,65,2.3566588068058216E-3,0.91647756354978227]
[null,3,null,9,8,2,"",null,null,"9.8.2","Ponto de Tomada de Uso Geral (Fiação 2,5mm² e Tomada 10A 2P+T com Placa)","UN",4,87.4,0.2034,105.18,420.72,"CEL202","COMPOSIÇÃO",null,"B",null,null,75,1.8851836582107183E-3,0.93590917745061886,66,2.3431266366028443E-3,0.91882069018638513]
[null,3,null,9,8,3,"",null,null,"9.8.3","Ponto de Tomada de Uso Específico (Fiação 6mm² e Tomada 20A 2P+T com Placa)","UN",3,122.92999999999999,0.2034,147.93,443.79,"CEL203","COMPOSIÇÃO",null,"B",null,null,73,1.9885568921784906E-3,0.93202127741087826,67,2.3115814451363024E-3,0.92113227163152145]
[null,2,null,9,9,0,"",null,null,"9.9","Relé Fotoelétrico",null,null,null,null,null,null,null,null,null,null,null,null,"","",0,"","",0.92113227163152145]
[null,3,null,9,9,1,"",null,null,"9.9.1","Rele Fotoeletrico  (fornecimento e instalação)","UN",3,39.589999999999996,0.2034,47.64,142.91999999999999,"CEL406","COMPOSIÇÃO",null,"C",null,null,115,6.4040323357928265E-4,0.98264709771468095,68,2.3006929770590734E-3,0.92343296460858049]
[null,2,null,9,10,0,"",null,null,"9.10","Luminárias",null,null,null,null,null,null,null,null,null,null,null,null,"","",0,"","",0.92343296460858049]
[null,3,null,9,10,1,"",null,null,"9.10.1","Luminária Calha, com 2 Lâmpadas de LED Tubular de 18W (fornecimento e instalação)","UN",4,112.37,0.2034,135.22999999999999,540.91999999999996,"CEL101","COMPOSIÇÃO",null,"B",null,null,60,2.423781955693434E-3,0.90223334130476751,69,2.2607237855986253E-3,0.92569368839417909]
[null,3,null,9,10,2,"",null,null,"9.10.2","Luminária Plafon, com Lâmpada LED (fornecimento e instalação)","UN",2,41.91,0.2034,50.43,100.86,97592,"SINAPI-C",null,"C",null,null,127,4.51938637970938E-4,0.98922126796524434,70,2.2403807217835541E-3,0.92793406911596266]
[null,3,null,9,10,3,"",null,null,"9.10.3","Luminária Arandela 2 fachos, com 1 Lâmpada LED (fornecimento e instalação)","UN",3,85.33,0.2034,102.69,308.07,97605,"SINAPI-C",null,"C",null,null,88,1.3804157862354438E-3,0.95672317871215762,71,2.04483638149948E-3,0.92997890549746209]
[null,3,null,9,10,4,"",null,null,"9.10.4","Spot embutido da cor preto 3000k  (fornecimento e instalação)","UN",2,85.33,0.2034,102.69,205.38,97605,"SINAPI-C",null,"C",null,null,102,9.2027719082362919E-4,0.97249886623266035,72,2.0423719134161564E-3,0.93202127741087826]
[null,3,null,9,10,5,"",null,null,"9.10.5","Spot de embutir da cor branco (fornecimento e instalação)","UN",5,85.33,0.2034,102.69,513.45000000000005,97605,"SINAPI-C",null,"B",null,null,68,2.3006929770590734E-3,0.92113227163152145,73,1.9885568921784906E-3,0.93400983430305673]
[null,3,null,9,10,6,"",null,null,"9.10.6","Trilho Eletrificado 2m + 4 spot de led 7w (fornecimento e instalação)","UN",2,218.52,0.2034,262.97000000000003,525.94000000000005,"CEL407","COMPOSIÇÃO",null,"B",null,null,65,2.3566588068058216E-3,0.91412090474297647,74,1.8993431475621771E-3,0.93590917745061886]
[null,3,null,9,10,7,"",null,null,"9.10.7","Refletor 100W - 6000k - Ângulo de Abertura 90° (para o play ground)","UN",2,122.5,0.2034,147.41999999999999,294.83999999999997,"CEL506","COMPOSIÇÃO",null,"C",null,null,90,1.3211341267038601E-3,0.9594285821570091,75,1.8851836582107183E-3,0.93779436110882952]
[null,2,null,9,11,0,"",null,null,"9.11","Passagem para ligação da praça",null,null,null,null,null,null,null,null,null,null,null,null,"","",0,"","",0.93779436110882952]
[null,3,null,9,11,1,"",null,null,"9.11.1","Caixa de Passagem de Alvenaria Rebocada, Padrão CELESC, 65x41x70cm, Fundo de Brita, sem Tampa (fornecimento e instalação)","UN",1,419.25,0.2034,504.53,504.53,"CEL010","COMPOSIÇÃO",null,"B",null,null,69,2.2607237855986253E-3,0.92343296460858049,76,1.8537728922759938E-3,0.93964813400110547]
[null,3,null,9,11,2,"",null,null,"9.11.2","Tampa de Ferro Fundido, 65x41cm (fornecimento e instalação) ","UN",1,378.76,0.2034,455.8,455.8,101798,"SINAPI-C",null,"B",null,null,72,2.0423719134161564E-3,0.92997890549746209,77,1.8064102965655753E-3,0.94145454429767106]
[null,3,null,9,11,3,"",null,null,"9.11.3","Caixa de Passagem Pré-Moldada, 30x30x40cm, Fundo de Brita e Tampa de Concreto (fornecimento e instalação)","UN",1,94.26,0.2034,113.43,113.43,97881,"SINAPI-C",null,"C",null,null,123,5.0826293580253322E-4,0.98729436758365952,78,1.80309446678074E-3,0.94325763876445179]
[null,3,null,9,11,4,"",null,null,"9.11.4","Eletroduto PEAD 1.1/2\" (fornecimento, escavação, assentamento e reaterro)","M",11,31.25,0.2034,37.61,413.71,"CEL006","COMPOSIÇÃO",null,"B",null,null,76,1.8537728922759938E-3,0.93779436110882952,79,1.7847677859429338E-3,0.94504240655039473]
[null,1,null,10,0,0,1074.99,null,null,"10","INSTALAÇÕES DA REDE LÓGICA",null,null,null,null,"∑ ",1074.99,null,null,null,null,null,null,"","",0,"","",0.94504240655039473]
[null,2,null,10,1,0,"",null,null,"10.1","Infraestrutura do Ramal de Entrada",null,null,null,null,null,null,null,null,null,null,null,null,"","",0,"","",0.94504240655039473]
[null,3,null,10,1,1,"",null,null,"10.1.1","Eletroduto PEAD 1.1/2\" (fornecimento, escavação, assentamento e reaterro)","M",14,31.25,0.2034,37.61,526.54,"CEL006","COMPOSIÇÃO",null,"B",null,null,62,2.359347317442174E-3,0.90704434147150004,80,1.5813371477922241E-3,0.94662374369818691]
[null,3,null,10,1,2,"",null,null,"10.1.2","Caixa de Passagem Pré-Moldada, 30x30x40cm, Fundo de Brita e Tampa de Concreto (fornecimento e instalação)","UN",2,94.26,0.2034,113.43,226.86,97881,"SINAPI-C",null,"C",null,null,96,1.0165258716050664E-3,0.96663311853477596,81,1.5531077861105178E-3,0.94817685148429742]
[null,2,null,10,2,0,"",null,null,"10.2","Quadro de Distribuição",null,null,null,null,null,null,null,null,null,null,null,null,"","",0,"","",0.94817685148429742]
[null,3,null,10,2,1,"",null,null,"11.2.1","Quadro de Distribuição para Comunicação 20x20x12cm (fornecimento e instalação)","UN",1,132.41,0.2034,159.34,159.34,100560,"SINAPI-C",null,"C",null,null,112,7.1397880799414293E-4,0.98053581031195292,82,1.4745136585077984E-3,0.94965136514280524]
[null,2,null,10,3,0,"",null,null,"10.3","Infraestrutura dos Pontos",null,null,null,null,null,null,null,null,null,null,null,null,"","",0,"","",0.94965136514280524]
[null,3,null,10,3,1,"",null,null,"10.3.1","Infraestrutura dos Pontos (Eletrodutos Corrigados 1\" e Caixas 4\"x2\")","UN",1,127.73,0.2034,153.71,153.71,"CEL400","COMPOSIÇÃO",null,"C",null,null,114,6.8875161652303069E-4,0.98195834609815791,83,1.4718699563820515E-3,0.95112323509918728]
[null,2,null,10,4,0,"",null,null,"10.4","Conexão dos Pontos",null,null,null,null,null,null,null,null,null,null,null,null,"","",0,"","",0.95112323509918728]
[null,3,null,10,4,1,"",null,null,"10.4.1","Ponto de Comunicação (Suporte e Espelho, Excluso Fiação e Tomadas)","UN",1,7.1,0.2034,8.5399999999999991,8.5399999999999991,"CEL401","COMPOSIÇÃO",null,"C",null,null,170,3.8266468057424249E-5,0.9999617335319424,84,1.4358887223655272E-3,0.95255912382155283]
[null,1,null,11,0,0,4121.21,null,null,"11","REDE HIDRÁULICA",null,null,null,null,"∑ ",4121.21,null,null,null,null,null,null,"","",0,"","",0.95255912382155283]
[null,2,null,11,1,0,"",null,null,"11.1","Hidrômetro",null,null,null,null,null,null,null,null,null,null,null,null,"","",0,"","",0.95255912382155283]
[null,3,null,11,1,1,"",null,null,"11.1.1","Abrigo de Hidrômetro Pré-Moldado, Padrão CASAN","UN",1,78.28,0.2034,94.2,94.2,95676,"SINAPI-C",null,"C",null,null,131,4.2209616990741979E-4,0.99098941179375244,85,1.4005348074974855E-3,0.9539596586290503]
[null,3,null,11,1,2,"",null,null,"11.1.2","Cavalete para Medição de Água, Padrão CASAN","UN",1,175.12,0.2034,210.74,210.74,95635,"SINAPI-C",null,"C",null,null,100,9.4429455250838261E-4,0.97063160597869202,86,1.3817600415536202E-3,0.95534141867060396]
[null,3,null,11,1,3,"",null,null,"11.1.3","Hidrômetro 1,5m³/h - 1/2\"","UN",1,145.9,0.2034,175.58,175.58,95673,"SINAPI-C",null,"C",null,null,107,7.8674782921809737E-4,0.97673851308065729,87,1.3817600415536202E-3,0.95672317871215762]
[null,2,null,11,2,0,"",null,null,"11.2","PEAD PE80",null,null,null,null,null,null,null,null,null,null,null,null,"","",0,"","",0.95672317871215762]
[null,3,null,11,2,1,"",null,null,"11.2.1","Tubos | 20 mm","M",49.19,14.08,0.2034,16.940000000000001,833.28,"CHD030","COMPOSIÇÃO",null,"B",null,null,46,3.7338035717670351E-3,0.85977293108016428,88,1.3804157862354438E-3,0.95810359449839311]
[null,2,null,11,3,0,"",null,null,"11.3","Metais",null,null,null,null,null,null,null,null,null,null,null,null,"","",0,"","",0.95810359449839311]
[null,3,null,11,3,1,"",null,null,"11.3.1","Registro de gaveta c/ canopla cromada | 3/4\"","UN",6,71.45,0.2034,85.98,515.88,89987,"SINAPI-C",null,"B",null,null,67,2.3115814451363024E-3,0.91882069018638513,89,1.3249876586159661E-3,0.9594285821570091]
[null,3,null,11,3,2,"",null,null,"11.3.2","Registro esfera VS compacto soldável PVC | 50 mm","UN",4,64.930000000000007,0.2034,78.14,312.56,94492,"SINAPI-C",null,"C",null,null,85,1.4005348074974855E-3,0.95255912382155283,90,1.3211341267038601E-3,0.96074971628371297]
[null,2,null,11,4,0,"",null,null,"11.4","PVC Rígido Soldável",null,null,null,null,null,null,null,null,null,null,null,null,"","",0,"","",0.96074971628371297]
[null,3,null,11,4,1,"",null,null,"11.4.1","Adapt sold.curto c/bolsa-rosca p registro | 25 mm - 3/4\"","UN",12,6.42,0.2034,7.73,92.76,89383,"SINAPI-C",null,"C",null,null,133,4.1564374438017262E-4,0.99182876481442184,91,1.2825091905615891E-3,0.96203222547427458]
[null,3,null,11,4,2,"",null,null,"11.4.2","Bucha de redução sold. longa | 50 mm - 25 mm","UN",2,9.7800000000000011,0.2034,11.77,23.54,"CHD011","COMPOSIÇÃO",null,"C",null,null,166,1.0547923396624906E-4,0.99968069455342234,92,1.2168199140133642E-3,0.96324904538828793]
[null,3,null,11,4,3,"",null,null,"11.4.3","Curva 90 soldável | 25 mm","UN",14,11.07,0.2034,13.32,186.48,89364,"SINAPI-C",null,"C",null,null,104,8.3558910577850995E-4,0.97428744274200485,93,1.1851851055256107E-3,0.96443423049381349]
[null,3,null,11,4,4,"",null,null,"11.4.4","Curva 90 soldável | 50 mm","UN",1,25.11,0.2034,30.22,30.22,89503,"SINAPI-C",null,"C",null,null,159,1.3541131905097904E-4,0.99883000497956975,94,1.1095035311122741E-3,0.96554373402492577]
[null,3,null,11,4,5,"",null,null,"11.4.5","Joelho 90º soldável | 50 mm","UN",0,14.07,0.2034,16.93,0,89501,"SINAPI-C",null,"C",null,null,171,0,0.99999999999999978,95,1.0893845098502324E-3,0.96663311853477596]
[null,3,null,11,4,6,"",null,null,"11.4.6","Tubos | 25 mm","M",24.77,20.28,0.2034,24.4,604.39,89356,"SINAPI-C",null,"B",null,null,57,2.7081815725089747E-3,0.89447524058697547,96,1.0165258716050664E-3,0.96764964440638102]
[null,3,null,11,4,7,"",null,null,"11.4.7","Tubos | 50 mm","M",5.65,18.350000000000001,0.2034,22.08,124.75,89449,"SINAPI-C",null,"C",null,null,120,5.5898616980839296E-4,0.98568838575503404,97,9.9685493544908357E-4,0.96864649934183011]
[null,3,null,11,4,8,"",null,null,"11.4.8","Tê 90 soldável | 25 mm","UN",3,11.7,0.2034,14.08,42.24,89395,"SINAPI-C",null,"C",null,null,153,1.8927114879925064E-4,0.99778395029947542,98,9.9564510566272474E-4,0.96964214444749286]
[null,3,null,11,4,9,"",null,null,"11.4.9","Tê 90 soldável | 50 mm","UN",3,22.25,0.2034,26.78,80.34,89625,"SINAPI-C",null,"C",null,null,137,3.5999157420766567E-4,0.99339432936648076,99,9.8946153119911276E-4,0.97063160597869202]
[null,3,null,11,4,10,"",null,null,"11.4.10","Tê de redução 90 soldável | 50 mm - 25 mm","UN",2,20.89,0.2034,25.14,50.28,89627,"SINAPI-C",null,"C",null,null,152,2.2529719132638074E-4,0.99755865310814906,100,9.4429455250838261E-4,0.97157590053120035]
[null,2,null,11,5,0,"",null,null,"11.5","PVC Soldável Azul c/ Bucha de Latão",null,null,null,null,null,null,null,null,null,null,null,null,"","",0,"","",0.97157590053120035]
[null,3,null,11,5,1,"",null,null,"11.5.1","Joelho de redução 90º soldável com bucha de latão | 25 mm- 1/2\"","UN",9,14.6,0.2034,17.57,158.13,90373,"SINAPI-C",null,"C",null,null,113,7.0855697821083107E-4,0.98124978911994709,101,9.2296570145998221E-4,0.97249886623266035]
[null,2,null,11,6,0,"",null,null,"11.6","Caixa d'Água",null,null,null,null,null,null,null,null,null,null,null,null,"","",0,"","",0.97249886623266035]
[null,3,null,11,6,1,"",null,null,"11.6.1","Caixa d'Água tipo Tanque em Polietileno 500 Litros","UN",2,243.41000000000003,0.2034,292.92,585.84,"CHD200","COMPOSIÇÃO",null,"B",null,null,58,2.6250617853350615E-3,0.89718342215948443,102,9.2027719082362919E-4,0.97341914342348401]
[null,1,null,12,0,0,3398.5500000000006,null,null,"12","REDE SANITÁRIA E PLUVIAL",null,null,null,null,"∑ ",3398.5500000000006,null,null,null,null,null,null,"","",0,"","",0.97341914342348401]
[null,2,null,12,1,0,"",null,null,"12.1","Caixas de Passagem",null,null,null,null,null,null,null,null,null,null,null,null,"","",0,"","",0.97341914342348401]
[null,3,null,12,1,1,"",null,null,"12.1.1","Caixa de Inspeção, 60x60cm, em Alvenaria","UN",1,415.48,0.2034,499.99,499.99,97906,"SINAPI-C",null,"B",null,null,70,2.2403807217835541E-3,0.92569368839417909,103,8.6829931852080468E-4,0.97428744274200485]
[null,2,null,12,2,0,"",null,null,"12.2","PVC Esgoto",null,null,null,null,null,null,null,null,null,null,null,null,"","",0,"","",0.97428744274200485]
[null,3,null,12,2,1,"",null,null,"12.2.1","Curva 90 curta | 100 mm","UN",2,39.71,0.2034,47.79,95.58,89748,"SINAPI-C",null,"C",null,null,130,4.2827974437103166E-4,0.99056113204938145,104,8.3558910577850995E-4,0.97512303184778337]
[null,3,null,12,2,2,"",null,null,"12.2.2","Curva 90 curta | 40 mm","UN",2,10.87,0.2034,13.08,26.16,89728,"SINAPI-C",null,"C",null,null,163,1.1721906374499046E-4,0.99934646787281312,105,8.0816629728770945E-4,0.97593119814507112]
[null,3,null,12,2,3,"",null,null,"12.2.3","Joelho 45 | 100 mm","UN",2,24.35,0.2034,29.3,58.6,89746,"SINAPI-C",null,"C",null,null,144,2.625778721504756E-4,0.99558577919468261,106,8.0731493558619755E-4,0.97673851308065729]
[null,3,null,12,2,4,"",null,null,"12.2.4","Joelho 45 | 40 mm","UN",4,7.24,0.2034,8.7100000000000009,34.840000000000003,89726,"SINAPI-C",null,"C",null,null,158,1.5611285095089709E-4,0.9986738921286189,107,7.8674782921809737E-4,0.97752526090987535]
[null,3,null,12,2,5,"",null,null,"12.2.5","Joelho 45 | 50 mm","UN",4,11.39,0.2034,13.71,54.84,89732,"SINAPI-C",null,"C",null,null,148,2.4572987216266352E-4,0.99660983289606953,108,7.8244621219993255E-4,0.97830770712207527]
[null,3,null,12,2,6,"",null,null,"12.2.6","Joelho 90 | 100 mm","UN",1,24.41,0.2034,29.37,29.37,89744,"SINAPI-C",null,"C",null,null,160,1.3160259564947896E-4,0.99896541629862068,109,7.695413611454382E-4,0.97907724848322075]
[null,3,null,12,2,7,"",null,null,"12.2.7","Joelho 90 | 50 mm","UN",4,10.7,0.2034,12.88,51.52,89731,"SINAPI-C",null,"C",null,null,150,2.3085344664151028E-4,0.99709725987444031,110,7.3602459521223741E-4,0.97981327307843302]
[null,3,null,12,2,8,"",null,null,"12.2.8","Joelho 90 c/anel p/ esgoto secundário | 40 mm - 1.1/2\"","UN",2,10.15,0.2034,12.21,24.42,89724,"SINAPI-C",null,"C",null,null,164,1.0942238289956679E-4,0.99946368693655807,111,7.2253723351986662E-4,0.98053581031195292]
[null,3,null,12,2,9,"",null,null,"12.2.9","Junção simples | 100 mm - 50 mm","UN",1,33.78,0.2034,40.65,40.65,"CHD019","COMPOSIÇÃO",null,"C",null,null,154,1.8214659561291522E-4,0.99797322144827472,112,7.1397880799414293E-4,0.98124978911994709]
[null,3,null,12,2,10,"",null,null,"12.2.10","Junção simples | 100 mm- 100 mm","UN",1,47.3,0.2034,56.92,56.92,89797,"SINAPI-C",null,"C",null,null,146,2.5505004236868722E-4,0.99610779834324115,113,7.0855697821083107E-4,0.98195834609815791]
[null,3,null,12,2,11,"",null,null,"12.2.11","Junção simples | 50 mm - 50 mm","UN",1,21.91,0.2034,26.37,26.37,89785,"SINAPI-C",null,"C",null,null,162,1.18160042467714E-4,0.99922830783034544,114,6.8875161652303069E-4,0.98264709771468095]
[null,3,null,12,2,12,"",null,null,"12.2.12","Terminal de ventilação | 50 mm","UN",1,7.67,0.2034,9.23,9.23,39319,"SINAPI-I",null,"C",null,null,169,4.1358255289230198E-5,0.99992037527665312,115,6.4040323357928265E-4,0.98328750094826023]
[null,3,null,12,2,13,"",null,null,"12.2.13","Tubo rígido c/ ponta lisa | 100 mm - 4\"","M",30.52,55.78,0.2034,67.13,2048.81,89714,"SINAPI-C",null,"A",null,null,23,9.1804124614439566E-3,0.71339849297328628,116,6.2480987188843541E-4,0.98391231082014863]
[null,3,null,12,2,14,"",null,null,"12.2.14","Tubo rígido c/ ponta lisa | 40 mm","M",1.75,18.95,0.2034,22.8,39.9,89711,"SINAPI-C",null,"C",null,null,155,1.7878595731747398E-4,0.9981553680438876,117,5.9442970169764655E-4,0.98450674052184628]
[null,3,null,12,2,15,"",null,null,"12.2.15","Tubo rígido c/ ponta lisa | 50 mm - 2\"","M",5.96,28.72,0.2034,34.56,205.98,89712,"SINAPI-C",null,"C",null,null,101,9.2296570145998221E-4,0.97157590053120035,118,5.9442970169764655E-4,0.98510117022354393]
[null,3,null,12,2,16,"",null,null,"12.2.16","Tê sanitário | 50 mm - 50 mm","UN",1,19.95,0.2034,24.01,24.01,89784,"SINAPI-C",null,"C",null,null,165,1.0758523396472557E-4,0.99957310931945764,119,5.8721553149009942E-4,0.98568838575503404]
[null,3,null,12,2,17,"",null,null,"12.2.17","Caixa sifonada | 100x100x50","UN",2,29.65,0.2034,35.68,71.36,89707,"SINAPI-C",null,"C",null,null,139,3.1975353168358251E-4,0.99407963072768712,120,5.5898616980839296E-4,0.98624737192484246]
[null,1,null,13,0,0,4746.75,null,null,"13","SISTEMA DE TRATAMENTO DE ESGOTO",null,null,null,null,"∑ ",4746.75,null,null,null,null,null,null,"","",0,"","",0.98624737192484246]
[null,2,null,13,1,0,"",null,null,"13.1","Movimentação de Terra",null,null,null,null,null,null,null,null,null,null,null,null,"","",0,"","",0.98624737192484246]
[null,3,null,13,1,1,"",null,null,"13.1.1","Escavação de Solo de 1ª Categoria com Escavadeira Hidráulica (incluso carga, descarga, e transporte com caminhões basculantes)","M3",25,8.7899999999999991,0.2034,10.58,264.5,101254,"SINAPI-C",null,"C",null,null,93,1.1851851055256107E-3,0.96324904538828793,121,5.2372187196156285E-4,0.98677109379680406]
[null,2,null,13,2,0,"",null,null,"13.2","Pré-Moldado",null,null,null,null,null,null,null,null,null,null,null,null,"","",0,"","",0.98677109379680406]
[null,3,null,13,2,1,"",null,null,"13.2.1","Conjunto Fossa e Filtro Pré-Moldado, Ø1,20m, h=2,00m (fornecimento, transporte e colocação, exlcuso tampas, fundos e fundo falso)","M",4,544.37,0.2034,655.09,2620.36,92816,"SINAPI-C",null,"A",null,null,18,1.1741442885123212E-2,0.66062540403273906,122,5.2327378685550403E-4,0.98729436758365952]
[null,3,null,13,2,2,"",null,null,"13.2.2","Tampas Pré-Moldadas e Fundo Falso Ø1,20m (fornecimento, transporte e colocação)","M3",0.28000000000000003,2784.29,0.2034,3350.61,938.17,97739,"SINAPI-C",null,"B",null,null,43,4.2038000395121441E-3,0.84762364113150634,123,5.0826293580253322E-4,0.98780263051946204]
[null,2,null,13,3,0,"",null,null,"13.3","Complementos",null,null,null,null,null,null,null,null,null,null,null,null,"","",0,"","",0.98780263051946204]
[null,3,null,13,3,1,"",null,null,"13.3.1","Impermeabilização com Argamassa Polimérica Bicomponente Semiflexível, 03 Demãos Cruzadas","M2",15.84,22.24,0.2034,26.76,423.88,98555,"SINAPI-C",null,"B",null,null,74,1.8993431475621771E-3,0.93400983430305673,124,4.8500731879807976E-4,0.98828763783826012]
[null,3,null,13,3,2,"",null,null,"13.3.2","Brita n2 (Fornecimento e colocação)","M3",0.68,62.87,0.2034,75.66,51.45,4723,"SINAPI-I",null,"C",null,null,151,2.3053978706726909E-4,0.99732811332108184,125,4.713855315738913E-4,0.98875902336983401]
[null,3,null,13,3,3,"",null,null,"13.3.3","Joelho 90°, 100mm","UN",1,24.35,0.2034,29.3,29.3,89746,"SINAPI-C",null,"C",null,null,161,1.312889360752378E-4,0.99909701889427016,126,4.6224459541029111E-4,0.98922126796524434]
[null,3,null,13,3,4,"",null,null,"13.3.4","Tê PVC, 100mm x 100mm","UN",2,40.98,0.2034,49.32,98.64,89796,"SINAPI-C",null,"C",null,null,129,4.4199114861643191E-4,0.99011914090076503,127,4.51938637970938E-4,0.98967320660321523]
[null,3,null,13,3,5,"",null,null,"13.3.5","Tubo PVC, 100mm","M",8.5,31.33,0.2034,37.700000000000003,320.45,89848,"SINAPI-C",null,"C",null,null,84,1.4358887223655272E-3,0.95112323509918728,128,4.4593429754974959E-4,0.99011914090076503]
[null,1,null,14,0,0,9610.09,null,null,"14","REVESTIMENTO ARGAMASSADO",null,null,null,null,"∑ ",9610.09,null,null,null,null,null,null,"","",0,"","",0.99011914090076503]
[null,2,null,14,1,0,"",null,null,"14.1","Impermeabilização",null,"",null,null,null,null,null,null,null,null,null,null,"","",0,"","",0.99011914090076503]
[null,3,null,14,1,1,"",null,null,"14.1.1","Impermeabliização com Argamassa Polimérica Semi-Flexível Bicomponente, 3 Demãos Cruzadas","M2",11.050000000000004,22.24,0.2034,26.76,295.7,98555,"SINAPI-C",null,"C",null,null,89,1.3249876586159661E-3,0.95810359449839311,129,4.4199114861643191E-4,0.99056113204938145]
[null,2,null,14,2,0,"",null,null,"14.2","Chapisco",null,"",null,null,null,null,null,null,null,null,null,null,"","",0,"","",0.99056113204938145]
[null,3,null,14,2,1,"",null,null,"14.2.1","Chapisco Interno, aplicado com Colher de Pedreiro, Argamassa Traço 1:3","M2",51.26,3.61,0.2034,4.34,222.47,87879,"SINAPI-C",null,"C",null,null,97,9.9685493544908357E-4,0.96764964440638102,130,4.2827974437103166E-4,0.99098941179375244]
[null,3,null,14,2,2,"",null,null,"14.2.2","Chapisco Externo, aplicado com Colher de Pedreiro, Argamassa Traço 1:3","M2",71.39,7.89,0.2034,9.49,677.49,87905,"SINAPI-C",null,"B",null,null,52,3.0357317850379811E-3,0.87990472276772858,131,4.2209616990741979E-4,0.99141150796365984]
[null,2,null,14,3,0,"",null,null,"14.3","Massa Única (Reboco/Emboço)",null,"",null,null,null,null,null,null,null,null,null,null,"","",0,"","",0.99141150796365984]
[null,3,null,14,3,1,"",null,null,"14.3.1","Massa Única Interna, para Pintura, \nArgamassa Traço 1:2:8","M2",37.479999999999997,30.45,0.2034,36.64,1373.27,87529,"SINAPI-C",null,"A",null,null,33,6.1534183359741226E-3,0.79326706423465787,132,4.1725685076198443E-4,0.99182876481442184]
[null,3,null,14,3,2,"",null,null,"14.3.2","Massa Única Interna, para Cerâmica, \nArgamassa Traço 1:2:8","M2",13.780000000000001,19.84,0.2034,23.88,329.07,87547,"SINAPI-C",null,"B",null,null,82,1.4745136585077984E-3,0.94817685148429742,133,4.1564374438017262E-4,0.99224440855880203]
[null,3,null,14,3,3,"",null,null,"14.3.3","Massa Única Externa, Argamassa Traço 1:2:8","M2",71.39,50.14,0.2034,60.34,4307.67,87775,"SINAPI-C",null,"A",null,null,8,1.930202768816449E-2,0.50084739614832319,134,4.0444161672870181E-4,0.99264885017553073]
[null,2,null,14,4,0,"",null,null,"14.4","Contrapiso/Regularização",null,"",null,null,null,null,null,null,null,null,null,null,"","",0,"","",0.99264885017553073]
[null,3,null,14,4,1,"",null,null,"14.4.1","Contrapiso/Regularização, e=3cm, Argamassa Traço 1:4","M2",48.05,41.58,0.2034,50.04,2404.42,94438,"SINAPI-C",null,"A",null,null,20,1.077384790709977E-2,0.6838841128244243,135,3.7746689334396008E-4,0.99302631706887468]
[null,1,null,15,0,0,34969.599999999999,null,null,"15","REVESTIMENTO DE ACABAMENTO",null,"",null,null,"∑ ",34969.599999999999,null,null,null,null,null,null,"","",0,"","",0.99302631706887468]
[null,2,null,15,1,0,"",null,null,"15.1","Granito",null,"",null,null,null,null,null,null,null,null,null,null,"","",0,"","",0.99302631706887468]
[null,3,null,15,1,1,"",null,null,"15.1.1","Granito Jateado, e=2cm, na Cor Cinza Andorinha, para Portas (fornecimento e assentamento)","M2",2.3200000000000003,586.64,0.2034,705.96,1637.83,"CED200","COMPOSIÇÃO",null,"A",null,null,29,7.3388722925633683E-3,0.76482513097863714,136,3.680122976061187E-4,0.99339432936648076]
[null,3,null,15,1,2,"",null,null,"15.1.2","Soleira de Granito Polida, largura=12cm, e=2cm, para Guias de Balizamento, na Cor Cinza Andorinha (fornecimento e assentamento)","M2",1.62,586.64,0.2034,705.96,1143.6600000000001,"CED200","COMPOSIÇÃO",null,"B",null,null,39,5.1245701239524388E-3,0.82812476965625026,137,3.5999157420766567E-4,0.99375432094068838]
[null,2,null,15,2,0,"",null,null,"15.2","Cerâmico",null,"",null,null,null,null,null,null,null,null,null,null,"","",0,"","",0.99375432094068838]
[null,3,null,15,2,1,"",null,null,"15.2.1","Piso Cerâmico ANTIDERRAPANTE, 60x60, PEI 5, assentado com Argamassa","M2",41.219999999999992,66.31,0.2034,79.8,3289.36,87257,"SINAPI-C",null,"A",null,null,14,1.4739132244656797E-2,0.60597819913610096,138,3.2530978699871205E-4,0.99407963072768712]
[null,3,null,15,2,2,"",null,null,"15.2.2","Rodapé Cerâmico de 7cm, assentado com Argamassa","M",27.300000000000004,12.12,0.2034,14.59,398.31,88650,"SINAPI-C",null,"B",null,null,79,1.7847677859429338E-3,0.94325763876445179,139,3.1975353168358251E-4,0.99439938425937069]
[null,3,null,15,2,3,"",null,null,"15.2.3","Azulejos 30x60cm (fornecimento e assentamento)","M2",13.780000000000001,116.41999999999999,0.2034,140.1,1930.58,"CED201","COMPOSIÇÃO",null,"A",null,null,25,8.6506414405505983E-3,0.73147491827935862,140,3.1589999977147656E-4,0.99471528425914213]
[null,2,null,15,3,0,"",null,null,"15.3","Pedra",null,"",null,null,null,null,null,null,null,null,null,null,"","",0,"","",0.99471528425914213]
[null,3,null,15,3,1,"",null,null,"15.3.1","Revestimento em Pedra São Tomé em Filetes Irregulares","M2",57.890000000000008,74.350000000000009,0.2034,89.47,5179.42,"COM001","COMPOSIÇÃO",null,"A",null,null,7,2.3208209600232357E-2,0.47763918654809084,141,3.082825529684764E-4,0.99502356681211057]
[null,2,null,15,4,0,"",null,null,"15.4","Metálicos",null,"",null,null,null,null,null,null,null,null,null,null,"","",0,"","",0.99502356681211057]
[null,3,null,15,4,1,"",null,null,"15.4.1","ACM (fornecimento e instalação)","CJ",1,17775,0.2034,21390.44,21390.44,"MED107","MERCADO",null,"A",null,null,2,9.5847375760450826E-2,0.22410819749745364,142,2.9376459553217031E-4,0.99531733140764278]
[null,1,null,16,0,0,878.39,null,null,"16","PINTURA",null,"",null,null,"∑ ",878.39,null,null,null,null,null,null,"","",0,"","",0.99531733140764278]
[null,2,null,16,1,0,"",null,null,"16.1","Paredes",null,"",null,null,null,null,null,null,null,null,null,null,"","",0,"","",0.99531733140764278]
[null,3,null,16,1,1,"",null,null,"16.1.1","Resina Acrílica para Concreto, 02 demãos","M2",50.98,14.32,0.2034,17.23,878.39,88489,"SINAPI-C",null,"B",null,null,45,3.9359347631101743E-3,0.85583699631705412,143,2.6844778703984627E-4,0.99558577919468261]
[null,1,null,17,0,0,4577.43,null,null,"17","FORRO",null,"",null,null,"∑ ",4577.43,null,null,null,null,null,null,"","",0,"","",0.99558577919468261]
[null,2,null,17,1,0,"",null,null,"17.1","PVC",null,"",null,null,null,null,null,null,null,null,null,null,"","",0,"","",0.99558577919468261]
[null,3,null,17,1,1,"",null,null,"17.1.1","Forro de PVC em Réguas, Liso, junta seca - largura 20cm Esp=10mm (inclusive estrutura de fixação, fornecimento e colocação)","M2",44.73,73.17,0.2034,88.05,3938.48,96485,"SINAPI-C",null,"A",null,null,10,1.7647742285105888E-2,0.53876131084430035,144,2.625778721504756E-4,0.99584835706683306]
[null,3,null,17,1,2,"",null,null,"17.1.2","Rodaforro de PVC (fornecimento e instalação)","M",48.150000000000006,11.03,0.2034,13.27,638.95000000000005,96121,"SINAPI-C",null,"B",null,null,55,2.8630397851629073E-3,0.88880046676129343,145,2.5944127640806371E-4,0.99610779834324115]
[null,1,null,18,0,0,4425.3599999999997,null,null,"18","ESQUADRIAS DE ALUMÍNIO",null,"",null,null,"∑ ",4425.3599999999997,null,null,null,null,null,null,"","",0,"","",0.99610779834324115]
[null,2,null,18,1,0,"",null,null,"18.1","Portas",null,"",null,null,null,null,null,null,null,null,null,null,"","",0,"","",0.99610779834324115]
[null,3,null,18,1,1,"",null,null,"18.1.1","P1 - 1,00x2,60 (02 unidades)\n01 FL DE CORRER COM BANDEIRA MAXIM AR - Aluminio natural e vidro liso incolor 6mm","M2",5.2,578.46,0.2034,696.12,3619.82,100702,"SINAPI-C",null,"A",null,null,13,1.6219874286138813E-2,0.58975832484996216,146,2.5505004236868722E-4,0.99636284838560985]
[null,3,null,18,1,2,"",null,null,"18.1.2","P3 - 0,60x0,80 (01 unidades)\n01 FL DE ABRIR COM VENEZIANA - ALUMÍNIO NATURAL","M2",0.48,697.92,0.2034,839.88,403.14,91341,"SINAPI-C",null,"B",null,null,77,1.8064102965655753E-3,0.93964813400110547,147,2.4698451045962819E-4,0.99660983289606953]
[null,2,null,18,2,0,"",null,null,"18.2","Espelhos",null,"",null,null,null,null,null,null,null,null,null,null,"","",0,"","",0.99660983289606953]
[null,3,null,18,2,1,"",null,null,"18.2.1","E1 - 0,50x0,90 (02 unidades) - Espelho 4mm","UN",2,167.19,0.2034,201.2,402.4,"CAC023","COMPOSIÇÃO",null,"B",null,null,78,1.80309446678074E-3,0.94145454429767106,148,2.4572987216266352E-4,0.99685556276823217]
[null,1,null,19,0,0,12737.99,null,null,"19","SERRALHERIA",null,"",null,null,"∑ ",12737.99,null,null,null,null,null,null,"","",0,"","",0.99685556276823217]
[null,2,null,19,1,0,"",null,null,"19.1","Corrimão Duplo em Tubo de Aço Inox Escovado 1.1/2\"mm","CJ",1,10585,0.2034,12737.99,12737.99,"MED123","MERCADO",null,"A",null,null,3,5.7077036001263418E-2,0.31995557325790447,149,2.4169710620813398E-4,0.99709725987444031]
[null,1,null,20,0,0,3034.66,null,null,"20","APARELHOS SANITÁRIOS, LOUÇAS E METAIS",null,"",null,null,"∑ ",3034.66,null,null,null,null,null,null,"","",0,"","",0.99709725987444031]
[null,2,null,20,1,0,"",null,null,"20.1","Lavatório de Louça, incluso:\n- Lavatório de Louça Branca Suspenso, 42x32cm\n- Sifão Copo em PVC Cromado\n- Válvula em Metal Cromado 1.1/2\" x 1.1/2\"\n- Engate Flexível em Plástico, 1/2\" x 30cm\n- Torneira Cromada de Mesa, com acionamento por Alavanca","UN",2,217.27,0.2034,261.45999999999998,522.91999999999996,86942,"SINAPI-C",null,"B",null,null,66,2.3431266366028443E-3,0.91647756354978227,150,2.3085344664151028E-4,0.99732811332108184]
[null,2,null,20,2,0,"",null,null,"20.2","Vaso Sanitário com Caixa Acoplada para PCD, incluso:\n- Vaso Sanitário com Caixa Acoplada\n- Engate Flexível em Plástico, 1/2\" x 30cm\n- Anel de Vedação 100mm","UN",2,784.74,0.2034,944.36,1888.72,95472,"SINAPI-C",null,"A",null,null,26,8.4630730151543723E-3,0.74012555971990923,151,2.3053978706726909E-4,0.99755865310814906]
[null,2,null,20,3,0,"",null,null,"20.3","Assento Sanitário Convencional (fornecimento e instalação)","UN",2,37.5,0.2034,45.13,90.26,100849,"SINAPI-C",null,"C",null,null,134,4.0444161672870181E-4,0.99224440855880203,152,2.2529719132638074E-4,0.99778395029947542]
[null,2,null,20,4,0,"",null,null,"20.4","Ducha Higiênica Metálica de Parede Articulável (fornecimento e instalação)","UN",2,221.36,0.2034,266.38,532.76,"CAC001","COMPOSIÇÃO",null,"B",null,null,61,2.3872182110390334E-3,0.90465712326046099,153,1.8927114879925064E-4,0.99797322144827472]
[null,1,null,21,0,0,3524.3399999999997,null,null,"21","ACESSÓRIOS SANITÁRIOS",null,"",null,null,"∑ ",3524.3399999999997,null,null,null,null,null,null,"","",0,"","",0.99797322144827472]
[null,2,null,21,1,0,"",null,null,"21.1","Barra de Apoio",null,"",null,null,null,null,null,null,null,null,null,null,"","",0,"","",0.99797322144827472]
[null,3,null,21,1,1,"",null,null,"21.1.1","Barra de Apoio Modelo U, 20cm, em Inox (fornecimento e instalação)","UN",1,256.25,0.2034,308.37,308.37,100866,"SINAPI-C",null,"C",null,null,86,1.3817600415536202E-3,0.9539596586290503,154,1.8214659561291522E-4,0.9981553680438876]
[null,3,null,21,1,2,"",null,null,"21.1.2","Barra de Apoio Reta, 40cm, em Inox (fornecimento e instalação)","UN",1,256.25,0.2034,308.37,308.37,100874,"SINAPI-C",null,"C",null,null,86,1.3817600415536202E-3,0.9539596586290503,155,1.7878595731747398E-4,0.99833415400120507]
[null,3,null,21,1,3,"",null,null,"21.1.3","Barra de Apoio Reta, 70cm, em Inox (fornecimento e instalação)","UN",1,272.95999999999998,0.2034,328.48,328.48,100867,"SINAPI-C",null,"B",null,null,83,1.4718699563820515E-3,0.94965136514280524,156,1.7529089349021507E-4,0.99850944489469529]
[null,3,null,21,1,4,"",null,null,"21.1.4","Barra de Apoio Reta, 80cm, em Inox (fornecimento e instalação)","UN",2,284.08,0.2034,341.86,683.72,100868,"SINAPI-C",null,"B",null,null,50,3.0636474871454464E-3,0.87379544081470117,157,1.6444723392359137E-4,0.9986738921286189]
[null,3,null,21,1,5,"",null,null,"21.1.5","Placa de Proteção de Impacto nas Portas, em Inox Escovado, 0,40x0,90m (fornecimento e instalação)","M2",0.72,254.86,0.2034,306.7,220.82,"CAC013","COMPOSIÇÃO",null,"C",null,null,99,9.8946153119911276E-4,0.96964214444749286,158,1.5611285095089709E-4,0.99883000497956975]
[null,3,null,21,1,6,"",null,null,"21.1.6","Alarme de Emergencia Audiovisual (fornecimento e instalação)","UN",2,390.42,0.2034,469.83,939.66,"CAC002","COMPOSIÇÃO",null,"B",null,null,42,4.2104765075924207E-3,0.84341316462391391,159,1.3541131905097904E-4,0.99896541629862068]
[null,3,null,21,1,7,"",null,null,"21.1.7","Saboneteira Plástica tipo Dispenser para Sabonete Líquido (fornecimento e instalação)","UN",2,57.94,0.2034,69.72,139.44,95547,"SINAPI-C",null,"C",null,null,116,6.2480987188843541E-4,0.98328750094826023,160,1.3160259564947896E-4,0.99909701889427016]
[null,3,null,21,1,8,"",null,null,"21.1.8","Toalheiro Plástico tipo Dispenser para Papel Toalha Interfolhado (fornecimento e instalação)","UN",2,55.12,0.2034,66.33,132.66,"CAC007","COMPOSIÇÃO",null,"C",null,null,117,5.9442970169764655E-4,0.98391231082014863,161,1.312889360752378E-4,0.99922830783034544]
[null,3,null,21,1,9,"",null,null,"21.1.9","Papeleira Plástica tipo Dispenser para Papel Higiênico para Rolo de 300m (fornecimento e instalação)","UN",2,55.12,0.2034,66.33,132.66,"CAC008","COMPOSIÇÃO",null,"C",null,null,117,5.9442970169764655E-4,0.98391231082014863,162,1.18160042467714E-4,0.99934646787281312]
[null,3,null,21,1,10,"",null,null,"21.1.10","Gancho para Pendurar Utensílios (fornecimento e instalação)","UN",2,27.24,0.2034,32.78,65.56,"CAC009","COMPOSIÇÃO",null,"C",null,null,142,2.9376459553217031E-4,0.99502356681211057,163,1.1721906374499046E-4,0.99946368693655807]
[null,3,null,21,1,11,"",null,null,"21.1.11","Porta Objetos de Canto em Granito, Raio de 25cm, com 02 Mãos-Francesas de 15cm (fornecimento e instalação)","UN",2,74.94,0.2034,90.18,180.36,"CAC010","COMPOSIÇÃO",null,"C",null,null,105,8.0816629728770945E-4,0.97512303184778337,164,1.0942238289956679E-4,0.99957310931945764]
[null,3,null,21,1,12,"",null,null,"21.1.12","Lixeira Basculante de PVC 12 Litros","UN",2,35,0.2034,42.12,84.24,"CAC011","COMPOSIÇÃO",null,"C",null,null,135,3.7746689334396008E-4,0.99264885017553073,165,1.0758523396472557E-4,0.99968069455342234]
[null,1,null,22,0,0,690.8900000000001,null,null,"22","ACESSÓRIOS DE ACESSIBILIDADE",null,"",null,null,"∑ ",690.8900000000001,null,null,null,null,null,null,"","",0,"","",0.99968069455342234]
[null,2,null,22,1,0,"",null,null,"22.1","Placa de Sinalização em Acrílico, 12x20cm (fornecimento e instalação)","UN",2,72.55,0.2034,87.31,174.62,"CAC020","COMPOSIÇÃO",null,"C",null,null,108,7.8244621219993255E-4,0.97752526090987535,166,1.0547923396624906E-4,0.99978617378738854]
[null,2,null,22,2,0,"",null,null,"22.2","Podotátil Direcional ou Alerta emborrachado Colorido, 25x25cm, Colado, e=5cm (fornecimento e assentamento)","M2",0.63,212.7,0.2034,255.96,161.25,"CED202","COMPOSIÇÃO",null,"C",null,null,111,7.2253723351986662E-4,0.97981327307843302,167,7.2186510586077842E-5,0.99985836029797459]
[null,2,null,22,3,0,"",null,null,"22.3","Sinalização Visual para Degraus 20x3cm em PVC, Antiderrapante, Cor Amarela (fornecimento e instalação)","UN",16,3.5700000000000003,0.2034,4.3,68.8,"COM004","COMPOSIÇÃO",null,"C",null,null,141,3.082825529684764E-4,0.99471528425914213,168,6.2014978678542348E-5,0.99992037527665312]
[null,2,null,22,4,0,"",null,null,"22.4","Sinalização Visual\nPlaca em Acrílico 20x20cm (Cor de Fundo Azul, Pictogramas Cor Branca em Alto Relevo 0,8mm) (Referência Munsell 10B5/10 ou Pantone 2925 C)\nSímbolo de Padrão Internacional","UN",2,118.92,0.2034,143.11000000000001,286.22000000000003,"CAC021","COMPOSIÇÃO",null,"C",null,null,91,1.2825091905615891E-3,0.96074971628371297,169,4.1358255289230198E-5,0.9999617335319424]
[null,1,null,23,0,0,283.33,null,null,"23","ACESSÓRIOS DO PREVENTIVO CONTRA INCÊNDIO",null,null,null,null,"∑ ",283.33,null,null,null,null,null,null,"","",0,"","",0.9999617335319424]
[null,2,null,23,1,0,"",null,null,"23.1","Extintores",null,null,null,null,null,null,null,null,null,null,null,null,"","",0,"","",0.9999617335319424]
[null,3,null,23,1,1,"",null,null,"23.1.1","Extintor de Incêndio Portátil PQS 4kg","UN",1,149.72,0.2034,180.17,180.17,101908,"SINAPI-C",null,"C",null,null,106,8.0731493558619755E-4,0.97593119814507112,170,3.8266468057424249E-5,0.99999999999999978]
[null,2,null,23,2,0,"",null,null,"23.2","Placas",null,null,null,null,null,null,null,null,null,null,null,null,"","",0,"","",0.99999999999999978]
[null,3,null,23,2,1,"",null,null,"23.2.1","Placa Indicativa de Acesso Restrito em PVC, 30x20cm","UN",2,42.86,0.2034,51.58,103.16,"CPR002","COMPOSIÇÃO",null,"C",null,null,126,4.6224459541029111E-4,0.98875902336983401,171,0,0.99999999999999978]
[null,null,null,23,0,0,283.33,null,null,null,null,null,null,null,null,null,null,null,null,null,null,null,null,"","",0,"","",0.99999999999999978]
[null,null,null,23,0,0,283.33,null,null,null,null,null,null,null,null,"TOTAL:",223171.89]
[null,null,null,23,0,0,283.33]

{"sheet":"ORÇAMENTO(PRAÇA)","index":2,"n_rows":163,"n_cols":29,"rows_kept":163,"cut":false,"hidden":false,"merged":[]}
[]
[]
[]
[]
[]
[]
[]
[]
[]
[]
[]
[]
[null,null,null,null,null,null,null,null,null,"TODOS OS VALORES ESTÃO NA UNIDADE MONETÁRIA REAL"]
[null,"Nível","PUXAR AQUI",null,null,null,null,null,null,"ITEM ","SERVIÇO ","UN","QUANT.","VALOR \n(S/ BDI)","BDI","VALOR \n(C/ BDI)","VALOR TOTAL","CÓDIGO ","FONTE",null,"CURVA ABC",null,null,"CLASSIFICAÇÃO","% \nSIMPLES","% \nACUMULADA","ORDEM CLASSIFICAÇÃO","ORDEM PORCENTAGEM","ORDEM ACUMULADO"]
[null,1,null,24,0,0,6844.26,null,null,"24","ADMINISTRAÇÃO LOCAL - PRAÇA",null,null,null,null,"∑ ",6844.26,null,null,null,null,null,null,"","",0,"","",0]
[null,2,null,24,1,0,"",null,null,"24.1","Administração Local","UN",1,5669.0599999999995,0.20730000000000001,6844.26,6844.26,"CED001.2","COMPOSIÇÃO",null,"A",null,null,6,3.3723158366193773E-2,0.27048527673471318,1,6.6808537685577499E-2,6.6808537685577499E-2]
[null,1,null,25,0,0,20225.370000000003,null,null,"25","CANTEIRO DE OBRA",null,null,null,null,"∑ ",20225.370000000003,null,null,null,null,null,null,"","",0,"","",6.6808537685577499E-2]
[null,2,null,25,1,0,"",null,null,"25.1","Placa de Obra em Chapa de Aço Galvanizado","M2",2.88,323.73,0.20730000000000001,390.84,1125.6199999999999,"CRD006","COMPOSIÇÃO",null,"B",null,null,44,5.5461746807039811E-3,0.88736671260475875,2,5.9397066236093546E-2,0.12620560392167104]
[null,2,null,25,2,0,"",null,null,"25.2","Tapume em Telha Metálica, TP 40 e=0,43mm, h=2,20m","M",62.49,179.72,0.20730000000000001,216.98,13559.08,"CRD008","COMPOSIÇÃO",null,"A",null,null,1,6.6808537685577499E-2,0,3,5.2179037349787613E-2,0.17838464127145864]
[null,2,null,25,3,0,"",null,null,"25.3","Execução de Canteiro de Obras com:\n- Depósito 3,00x2,00m com fechamento em Tábuas de Madeira\n- Banheiro 1,50x2,00m com fechamento em Tábuas de Madeira, incluso Vaso Sanitário\n- Área para Fabricação de Formas e Dobra de Armaduras","UN",1,4589.3099999999995,0.20730000000000001,5540.67,5540.67,"CRD001","COMPOSIÇÃO",null,"A",null,null,9,2.7300086768302027E-2,0.3650561234721314,4,4.6687604056676803E-2,0.22507224532813544]
[null,1,null,26,0,0,56396.450000000012,null,null,"26","ESTRUTURAS",null,null,null,null,"∑ ",56396.450000000012,null,null,null,null,null,null,"","",0,"","",0.22507224532813544]
[null,2,null,26,1,0,"",null,null,"26.1","Espelho d'Água",null,null,null,null,null,null,null,null,null,null,null,null,"","",0,"","",0.22507224532813544]
[null,3,null,26,1,1,"",null,null,"26.1.1","Perfuração de Estaca Escavada Mecanicamente Ø25cm","M",40,13.52,0.20730000000000001,16.32,652.79999999999995,"CED103","COMPOSIÇÃO",null,"B",null,null,57,3.2164876526390423E-3,0.94331344544067319,5,4.5413031406577743E-2,0.27048527673471318]
[null,3,null,26,1,2,"",null,null,"26.1.2","Concreto Usinado, Fck= 25MPa (fornecimento, lançamento, adensamento e bombeado) ","M3",4.1500000000000004,431.37,0.20730000000000001,520.79,2161.2800000000002,"CED003","COMPOSIÇÃO",null,"A",null,null,29,1.0649096865649067E-2,0.76089341295059998,6,3.3723158366193773E-2,0.30420843510090695]
[null,3,null,26,1,3,"",null,null,"26.1.3","Fôrma de Madeira SERRADA, (material e mão-de-obra para fabricação, montagem e desforma)","M2",7.1,59.99,0.20730000000000001,72.430000000000007,514.25,"CED007","COMPOSIÇÃO",null,"C",null,null,60,2.5338216534461209E-3,0.95184595743967981,7,3.0423844185612229E-2,0.33463227928651917]
[null,3,null,26,1,4,"",null,null,"26.1.4","Fôrma de Madeira PLASTIFICADA, (material e mão-de-obra para fabricação, montagem e desforma)","M2",27.5,162.63999999999999,0.20730000000000001,196.36,5399.9,92264,"SINAPI-C",null,"A",null,null,12,2.6606482346025681E-2,0.44681024250286883,8,3.0423844185612229E-2,0.3650561234721314]
[null,3,null,26,1,5,"",null,null,"26.1.5","Armadura CA-50 - 6.3mm (fornecimento, corte, dobra e colocação)","KG",108.8,18.510000000000002,0.20730000000000001,22.35,2431.6799999999998,96544,"SINAPI-C",null,"A",null,null,27,1.1981416506080433E-2,0.73811956681873681,9,2.7300086768302027E-2,0.39235621024043343]
[null,3,null,26,1,6,"",null,null,"26.1.6","Armadura CA-50 - 8.0mm (fornecimento, corte, dobra e colocação)","KG",130.19999999999999,17.420000000000002,0.20730000000000001,21.03,2738.11,96545,"SINAPI-C",null,"A",null,null,24,1.3491263796825198E-2,0.6991877481777915,10,2.7267025138171502E-2,0.41962323537860491]
[null,3,null,26,1,7,"",null,null,"26.1.7","Armadura CA-50 - 10.0mm (fornecimento, corte, dobra e colocação)","KG",116.2,15.61,0.20730000000000001,18.850000000000001,2190.37,96546,"SINAPI-C",null,"A",null,null,28,1.0792429625782749E-2,0.75010098332481723,11,2.7187007124263939E-2,0.44681024250286883]
[null,3,null,26,1,8,"",null,null,"26.1.8","Armadura CA-50 - 12.5mm (fornecimento, corte, dobra e colocação)","KG",11.8,13.19,0.20730000000000001,15.92,187.86,96547,"SINAPI-C",null,"C",null,null,83,9.25627099302651E-4,0.98851613392768733,12,2.6606482346025681E-2,0.47341672484889452]
[null,3,null,26,1,9,"",null,null,"26.1.9","Armadura CA-60 - 5.0mm (fornecimento, corte, dobra e colocação)","KG",17.899999999999999,19.54,0.20730000000000001,23.59,422.26,96543,"SINAPI-C",null,"C",null,null,63,2.0805669059487776E-3,0.9588848326938626,13,2.6246105650385335E-2,0.49966283049927984]
[null,2,null,26,2,0,"",null,null,"26.2","Banco (Detalhe 14 ARQ)",null,null,null,null,null,null,null,null,null,null,null,null,"","",0,"","",0.49966283049927984]
[null,3,null,26,2,1,"",null,null,"26.2.1","Perfuração Manual de Estaca Broca Ø20cm","M",8,24.11,0.20730000000000001,29.11,232.88,"CED100","COMPOSIÇÃO",null,"C",null,null,77,1.1474504358863055E-3,0.98213927963093184,14,2.5845128681678587E-2,0.52550795918095838]
[null,3,null,26,2,2,"",null,null,"26.2.2","Concreto Usinado, Fck= 25MPa (fornecimento, lançamento, adensamento e bombeado) ","M3",1.4,431.37,0.20730000000000001,520.79,729.11,"CED003","COMPOSIÇÃO",null,"B",null,null,54,3.592483628087703E-3,0.93299107237442125,15,2.5579108203176777E-2,0.55108706738413515]
[null,3,null,26,2,3,"",null,null,"26.2.3","Fôrma de Madeira PLASTIFICADA, (material e mão-de-obra para fabricação, montagem e desforma)","M2",19.399999999999999,162.63999999999999,0.20730000000000001,196.36,3809.38,92264,"SINAPI-C",null,"A",null,null,19,1.8769644200689516E-2,0.61973119071633354,16,2.5055492788277952E-2,0.57614256017241305]
[null,3,null,26,2,4,"",null,null,"26.2.4","Armadura CA-50 - 8.0mm (fornecimento, corte, dobra e colocação)","KG",70.8,17.420000000000002,0.20730000000000001,21.03,1488.92,96545,"SINAPI-C",null,"B",null,null,39,7.3362328366533757E-3,0.85433508922944701,17,2.3363289173966753E-2,0.59950584934637985]
[null,3,null,26,2,5,"",null,null,"26.2.5","Armadura CA-50 - 10.0mm (fornecimento, corte, dobra e colocação)","KG",11.8,15.61,0.20730000000000001,18.850000000000001,222.43,96546,"SINAPI-C",null,"C",null,null,79,1.095961011912534E-3,0.98440816479374926,18,2.0225341369953728E-2,0.61973119071633354]
[null,3,null,26,2,6,"",null,null,"26.2.6","Armadura CA-60 - 5.0mm (fornecimento, corte, dobra e colocação)","KG",20.100000000000001,19.54,0.20730000000000001,23.59,474.16,96543,"SINAPI-C",null,"C",null,null,61,2.3362894996558341E-3,0.95437977909312588,19,1.8769644200689516E-2,0.63850083491702303]
[null,2,null,26,3,0,"",null,null,"26.3","Banco (Detalhe 15 ARQ)",null,null,null,null,null,null,null,null,null,null,null,null,"","",0,"","",0.63850083491702303]
[null,3,null,26,3,1,"",null,null,"26.3.1","Perfuração Manual de Estaca Broca Ø20cm","M",10.4,24.11,0.20730000000000001,29.11,302.74,"CED100","COMPOSIÇÃO",null,"C",null,null,71,1.4916658577817767E-3,0.97390151378906498,20,1.6544414185853666E-2,0.65504524910287665]
[null,3,null,26,3,2,"",null,null,"26.3.2","Concreto Usinado, Fck= 25MPa (fornecimento, lançamento, adensamento e bombeado) ","M3",1.3,431.37,0.20730000000000001,520.79,677.03,"CED003","COMPOSIÇÃO",null,"B",null,null,56,3.3358741352117202E-3,0.93997757130546145,21,1.5169079935729374E-2,0.670214329038606]
[null,3,null,26,3,3,"",null,null,"26.3.3","Fôrma de Madeira PLASTIFICADA, (material e mão-de-obra para fabricação, montagem e desforma)","M2",17.100000000000001,162.63999999999999,0.20730000000000001,196.36,3357.76,92264,"SINAPI-C",null,"A",null,null,20,1.6544414185853666E-2,0.63850083491702303,22,1.5097339647398456E-2,0.68531166868600446]
[null,3,null,26,3,4,"",null,null,"26.3.4","Armadura CA-50 - 8.0mm (fornecimento, corte, dobra e colocação)","KG",92.7,17.420000000000002,0.20730000000000001,21.03,1949.48,96545,"SINAPI-C",null,"B",null,null,33,9.6055121768792284E-3,0.80247977007631743,23,1.3876079491787069E-2,0.6991877481777915]
[null,3,null,26,3,5,"",null,null,"26.3.5","Armadura CA-60 - 5.0mm (fornecimento, corte, dobra e colocação)","KG",29.2,19.54,0.20730000000000001,23.59,688.83,96543,"SINAPI-C",null,"B",null,null,55,3.3940153029524385E-3,0.93658355600250898,24,1.3491263796825198E-2,0.71267901197461669]
[null,2,null,26,4,0,"",null,null,"26.4","Banco (Detalhe 16 ARQ)",null,null,null,null,null,null,null,null,null,null,null,null,"","",0,"","",0.71267901197461669]
[null,3,null,26,4,1,"",null,null,"26.4.1","Perfuração Manual de Estaca Broca Ø20cm","M",13.6,24.11,0.20730000000000001,29.11,395.9,"CED100","COMPOSIÇÃO",null,"C",null,null,65,1.9506854498771398E-3,0.96303778732453571,25,1.3446081211386013E-2,0.72612509318600271]
[null,3,null,26,4,2,"",null,null,"26.4.2","Concreto Usinado, Fck= 25MPa (fornecimento, lançamento, adensamento e bombeado) ","M3",2.1,431.37,0.20730000000000001,520.79,1093.6600000000001,"CED003","COMPOSIÇÃO",null,"B",null,null,45,5.3887008060435285E-3,0.8929128872854627,26,1.1994473632734069E-2,0.73811956681873681]
[null,3,null,26,4,3,"",null,null,"26.4.3","Fôrma de Madeira PLASTIFICADA, (material e mão-de-obra para fabricação, montagem e desforma)","M2",28.1,162.63999999999999,0.20730000000000001,196.36,5517.72,92264,"SINAPI-C",null,"A",null,null,11,2.7187007124263939E-2,0.41962323537860491,27,1.1981416506080433E-2,0.75010098332481723]
[null,3,null,26,4,4,"",null,null,"26.4.4","Armadura CA-50 - 8.0mm (fornecimento, corte, dobra e colocação)","KG",145.69999999999999,17.420000000000002,0.20730000000000001,21.03,3064.07,96545,"SINAPI-C",null,"A",null,null,22,1.5097339647398456E-2,0.670214329038606,28,1.0792429625782749E-2,0.76089341295059998]
[null,3,null,26,4,5,"",null,null,"26.4.5","Armadura CA-60 - 5.0mm (fornecimento, corte, dobra e colocação)","KG",39.1,19.54,0.20730000000000001,23.59,922.37,96543,"SINAPI-C",null,"B",null,null,48,4.5447177024581396E-3,0.90818992255892084,29,1.0649096865649067E-2,0.77154250981624906]
[null,2,null,26,5,0,"",null,null,"26.5","Viga de Travamento / Meio-fio / Alambrado",null,null,null,null,null,null,null,null,null,null,null,null,"","",0,"","",0.77154250981624906]
[null,3,null,26,5,1,"",null,null,"26.5.1","Perfuração Manual de Estaca Broca Ø20cm","M",8.8000000000000007,24.11,0.20730000000000001,29.11,256.17,"CED100","COMPOSIÇÃO",null,"C",null,null,76,1.2622053339101465E-3,0.98087707429702164,30,1.0577208760789991E-2,0.78211971857703899]
[null,3,null,26,5,2,"",null,null,"26.5.2","Concreto Usinado, Fck= 25MPa (fornecimento, lançamento, adensamento e bombeado) ","M3",3.9,431.37,0.20730000000000001,520.79,2031.08,"CED003","COMPOSIÇÃO",null,"A",null,null,32,1.0007573133459109E-2,0.79247219694285831,31,1.03524783658193E-2,0.79247219694285831]
[null,3,null,26,5,3,"",null,null,"26.5.3","Fôrma de Madeira PLASTIFICADA, (material e mão-de-obra para fabricação, montagem e desforma)","M2",72.42,59.99,0.20730000000000001,72.430000000000007,5245.38,"CED007","COMPOSIÇÃO",null,"A",null,null,14,2.5845128681678587E-2,0.49966283049927979,32,1.0007573133459109E-2,0.80247977007631743]
[null,3,null,26,5,4,"",null,null,"26.5.4","Armadura CA-50 - 6.3mm (fornecimento, corte, dobra e colocação)","KG",122.1,18.510000000000002,0.20730000000000001,22.35,2728.94,96544,"SINAPI-C",null,"A",null,null,25,1.3446081211386013E-2,0.71267901197461669,33,9.6055121768792284E-3,0.81208528225319665]
[null,3,null,26,5,5,"",null,null,"26.5.5","Armadura CA-50 - 8.0mm (fornecimento, corte, dobra e colocação)","KG",20,17.420000000000002,0.20730000000000001,21.03,420.6,96545,"SINAPI-C",null,"C",null,null,64,2.0723877247242361E-3,0.96096539959981142,34,9.2841097724955818E-3,0.82136939202569226]
[null,3,null,26,5,6,"",null,null,"26.5.6","Armadura CA-60 - 5.0mm (fornecimento, corte, dobra e colocação)","KG",91,19.54,0.20730000000000001,23.59,2146.69,96543,"SINAPI-C",null,"A",null,null,30,1.0577208760789991E-2,0.77154250981624894,35,8.5497572606246831E-3,0.82991914928631694]
[null,2,null,26,6,0,"",null,null,"26.6","Base Mapa Tátil",null,null,null,null,null,null,null,null,null,null,null,null,"","",0,"","",0.82991914928631694]
[null,3,null,26,6,1,"",null,null,"26.6.1","Perfuração Manual de Estaca Broca Ø20cm","M",0.8,24.11,0.20730000000000001,29.11,23.29,"CED100","COMPOSIÇÃO",null,"C",null,null,110,1.1475489802384084E-4,0.99947076755703168,36,8.4657482004569518E-3,0.83838489748677392]
[null,3,null,26,6,2,"",null,null,"26.6.2","Concreto Usinado, Fck= 25MPa (fornecimento, lançamento, adensamento e bombeado) ","M3",0.05,431.37,0.20730000000000001,520.79,26.04,"CED003","COMPOSIÇÃO",null,"C",null,null,108,1.2830474643799121E-4,0.99922608193076012,37,8.2437770473451407E-3,0.84662867453411905]
[null,3,null,26,6,3,"",null,null,"26.6.3","Fôrma de Madeira SERRADA, (material e mão-de-obra para fabricação, montagem e desforma)","M2",0.24,59.99,0.20730000000000001,72.430000000000007,17.38,"CED007","COMPOSIÇÃO",null,"C",null,null,111,8.5635041977430391E-5,0.9995855224550555,38,7.7064146953279636E-3,0.85433508922944701]
[null,3,null,26,6,4,"",null,null,"26.6.4","Armadura CA-50 - 8.0mm (fornecimento, corte, dobra e colocação)","KG",1.8,17.420000000000002,0.20730000000000001,21.03,37.85,96545,"SINAPI-C",null,"C",null,null,105,1.8649518635476068E-4,0.99872739823694334,39,7.3362328366533757E-3,0.86167132206610042]
[null,3,null,26,6,5,"",null,null,"26.6.5","Armadura CA-60 - 5.0mm (fornecimento, corte, dobra e colocação)","KG",0.4,19.54,0.20730000000000001,23.59,9.44,96543,"SINAPI-C",null,"C",null,null,116,4.651293419257439E-5,0.99995348706580789,40,7.0095090372561701E-3,0.86868083110335659]
[null,2,null,26,7,0,"",null,null,"26.7","Base Postes 9m",null,null,null,null,null,null,null,null,null,null,null,null,"","",0,"","",0.86868083110335659]
[null,3,null,26,7,1,"",null,null,"26.7.1","Perfuração Manual de Estaca Broca Ø20cm","M",1.5,24.11,0.20730000000000001,29.11,43.67,"CED100","COMPOSIÇÃO",null,"C",null,null,103,2.1517159281670803E-4,0.99831691173825865,41,6.72860836158682E-3,0.87540943946494343]
[null,3,null,26,7,2,"",null,null,"26.7.2","Concreto Usinado, Fck= 25MPa (fornecimento, lançamento, adensamento e bombeado) ","M3",0.2,431.37,0.20730000000000001,520.79,104.16,"CED003","COMPOSIÇÃO",null,"C",null,null,90,5.1321898575196483E-4,0.99361708522559045,42,6.3292573746897701E-3,0.88173869683963324]
[null,3,null,26,7,3,"",null,null,"26.7.3","Fôrma de Madeira SERRADA, (material e mão-de-obra para fabricação, montagem e desforma)","M2",1.1100000000000001,59.99,0.20730000000000001,72.430000000000007,80.400000000000006,"CED007","COMPOSIÇÃO",null,"C",null,null,95,3.9614829545370564E-4,0.99588124025950708,43,5.6280157651254501E-3,0.88736671260475875]
[null,3,null,26,7,4,"",null,null,"26.7.4","Armadura CA-50 - 8.0mm (fornecimento, corte, dobra e colocação)","KG",2.9,17.420000000000002,0.20730000000000001,21.03,60.99,96545,"SINAPI-C",null,"C",null,null,99,3.0051100173782966E-4,0.99722420268996559,44,5.5461746807039811E-3,0.8929128872854627]
[null,3,null,26,7,5,"",null,null,"26.7.5","Armadura CA-50 - 10.0mm (fornecimento, corte, dobra e colocação)","KG",14.6,15.61,0.20730000000000001,18.850000000000001,275.20999999999998,96546,"SINAPI-C",null,"C",null,null,73,1.3560195571121183E-3,0.97685055207009674,45,5.3887008060435285E-3,0.89830158809150618]
[null,3,null,26,7,6,"",null,null,"26.7.6","Armadura CA-60 - 5.0mm (fornecimento, corte, dobra e colocação)","KG",2.1,19.54,0.20730000000000001,23.59,49.54,96543,"SINAPI-C",null,"C",null,null,102,2.4409436015891263E-4,0.99807281737809972,46,4.9483060964956149E-3,0.90324989418800183]
[null,3,null,26,7,7,"",null,null,"26.7.7","Tubo PVC, Esgoto, DN 75mm","M",0.6,21.38,0.20730000000000001,25.81,15.49,89799,"SINAPI-C",null,"C",null,null,112,7.6322600703705222E-5,0.99967115749703295,47,4.9400283709189708E-3,0.90818992255892084]
[null,3,null,26,7,8,"",null,null,"26.7.8","Curva 90° PVC, Esgoto, DN 75mm ","UN",1,32.83,0.20730000000000001,39.64,39.64,89742,"SINAPI-C",null,"C",null,null,104,1.9531490586797127E-4,0.99853208333107535,48,4.5447177024581396E-3,0.91273464026137896]
[null,2,null,26,8,0,"",null,null,"26.8","Base Postes 3m",null,null,null,null,null,null,null,null,null,null,null,null,"","",0,"","",0.91273464026137896]
[null,3,null,26,8,1,"",null,null,"26.8.1","Perfuração Manual de Estaca Broca Ø20cm","M",5.6000000000000005,24.11,0.20730000000000001,29.11,163.02000000000001,"CED100","COMPOSIÇÃO",null,"C",null,null,85,8.0323501399083444E-4,0.99034107678428118,49,4.5440771641694711E-3,0.91727871742554845]
[null,3,null,26,8,2,"",null,null,"26.8.2","Concreto Usinado, Fck= 25MPa (fornecimento, lançamento, adensamento e bombeado) ","M3",0.4,431.37,0.20730000000000001,520.79,208.32,"CED003","COMPOSIÇÃO",null,"C",null,null,81,1.0264379715039297E-3,0.98654761195007956,50,4.35925723180046E-3,0.92163797465734887]
[null,3,null,26,8,3,"",null,null,"26.8.3","Fôrma de Madeira SERRADA, (material e mão-de-obra para fabricação, montagem e desforma)","M2",2.52,59.99,0.20730000000000001,72.430000000000007,182.52,"CED007","COMPOSIÇÃO",null,"C",null,null,84,8.9931575729117349E-4,0.98944176102699,51,4.0600273066399677E-3,0.92569800196398888]
[null,3,null,26,8,4,"",null,null,"26.8.4","Armadura CA-50 - 6.3mm (fornecimento, corte, dobra e colocação)","KG",12.3,18.510000000000002,0.20730000000000001,22.35,274.91000000000003,96544,"SINAPI-C",null,"C",null,null,74,1.3545413918305748E-3,0.97820657162720881,52,3.6679193296224816E-3,0.9293659212936114]
[null,3,null,26,8,5,"",null,null,"26.8.5","Armadura CA-50 - 8.0mm (fornecimento, corte, dobra e colocação)","KG",12.7,17.420000000000002,0.20730000000000001,21.03,267.08,96545,"SINAPI-C",null,"C",null,null,75,1.3159612779822846E-3,0.97956111301903936,53,3.6251510808098181E-3,0.93299107237442125]
[null,3,null,26,8,6,"",null,null,"26.8.6","Armadura CA-60 - 5.0mm (fornecimento, corte, dobra e colocação)","KG",2.7,19.54,0.20730000000000001,23.59,63.69,96543,"SINAPI-C",null,"C",null,null,98,3.1381448927172273E-4,0.99691038820069389,54,3.592483628087703E-3,0.93658355600250898]
[null,1,null,27,0,0,7862.9099999999989,null,null,"27","INSTALAÇÕES ELÉTRICAS (PRAÇA)",null,null,null,null,"∑ ",7862.9099999999989,null,null,null,null,null,null,"","",0,"","",0.93658355600250898]
[null,2,null,27,1,0,"",null,null,"27.1","Q.D.01 ao Q.D.02",null,null,null,null,null,null,null,null,null,null,null,null,"","",0,"","",0.93658355600250898]
[null,3,null,27,1,1,"",null,null,"27.1.1","Eletroduto PEAD 1.1/2\" (fornecimento, escavação, assentamento e reaterro)","M",19.5,31.25,0.20730000000000001,37.729999999999997,735.74,"CEL006","COMPOSIÇÃO",null,"B",null,null,53,3.6251510808098181E-3,0.9293659212936114,55,3.3940153029524385E-3,0.93997757130546145]
[null,3,null,27,1,2,"",null,null,"27.1.2","Cabo de Cobre Isolado 4mm2 - 1KV","M",39,7.89,0.20730000000000001,9.5299999999999994,371.67,91929,"SINAPI-C",null,"C",null,null,69,1.8312989673044623E-3,0.97054740894871416,56,3.3358741352117202E-3,0.94331344544067319]
[null,3,null,27,1,3,"",null,null,"27.1.3","Haste de Aterramento em Aço de 2,4m e Ø5/8\"","UN",1,68.25,0.20730000000000001,82.4,82.4,96985,"SINAPI-C",null,"C",null,null,94,4.0600273066399684E-4,0.99547523752884304,57,3.2164876526390423E-3,0.94652993309331224]
[null,3,null,27,1,4,"",null,null,"27.1.4","Quadro de Distribuição de Energia para 6 Disjuntores, em PVC, sem Barramento (fornecimento e instalação)","UN",1,77.38,0.20730000000000001,93.42,93.42,101876,"SINAPI-C",null,"C",null,null,92,4.6030066867270122E-4,0.9946058792545911,58,2.7133694629776265E-3,0.94924330255628986]
[null,3,null,27,1,5,"",null,null,"27.1.5","Caixa de Passagem Pré-Moldada, 30x30x40cm, Fundo de Brita e Tampa de Concreto (fornecimento e instalação)","UN",2,94.26,0.20730000000000001,113.8,227.6,97881,"SINAPI-C",null,"C",null,null,78,1.1214347269311367E-3,0.9832867300668181,59,2.6026548833900046E-3,0.95184595743967981]
[null,2,null,27,2,0,"",null,null,"27.2","Ligação entre pontos postes e luminárias",null,null,null,null,null,null,null,null,null,null,null,null,"","",0,"","",0.95184595743967981]
[null,3,null,27,2,1,"",null,null,"27.2.1","Eletroduto PEAD 1 1/2\"  fita plastica zebrada (fornecimento, escavação, assentamento e reaterro)","M",14,31.25,0.20730000000000001,37.729999999999997,528.22,"CEL006","COMPOSIÇÃO",null,"B",null,null,59,2.6026548833900046E-3,0.94924330255628986,60,2.5338216534461209E-3,0.95437977909312588]
[null,3,null,27,2,2,"",null,null,"27.2.2","Eletroduto Flexível Corrugado 1\", fita plastica zebrada (fornecimento, escavação, assentamento e reaterro)","M",53.5,17.68,0.20730000000000001,21.35,1142.23,"CEL005","COMPOSIÇÃO",null,"B",null,null,43,5.6280157651254501E-3,0.88173869683963324,61,2.3362894996558341E-3,0.95671606859278169]
[null,3,null,27,2,3,"",null,null,"27.2.3","Caixa de Passagem de PVC, Ø30cm, Fundo de Brita e Tampa (fornecimento e instalação)","UN",4,24.78,0.20730000000000001,29.92,119.68,98111,"SINAPI-C",null,"C",null,null,88,5.8968940298382449E-4,0.99250747582091159,62,2.1687641010808838E-3,0.9588848326938626]
[null,3,null,27,2,4,"",null,null,"27.2.4","Caixa de Passagem Pré-Moldada, 30x30x40cm, Fundo de Brita e Tampa de Concreto (fornecimento e instalação)","UN",12,94.26,0.20730000000000001,113.8,1365.6,97881,"SINAPI-C",null,"B",null,null,41,6.72860836158682E-3,0.86868083110335659,63,2.0805669059487776E-3,0.96096539959981142]
[null,3,null,27,2,5,"",null,null,"27.2.5","Cabo de Cobre Isolado 2,5mm2 - 1KV","M",176,4.34,0.20730000000000001,5.24,922.24,91926,"SINAPI-C",null,"B",null,null,49,4.5440771641694711E-3,0.91273464026137896,64,2.0723877247242361E-3,0.96303778732453571]
[null,3,null,27,2,6,"",null,null,"27.2.6","Haste de Aterramento em Aço de 2,4m e Ø5/8\"","UN",10,68.25,0.20730000000000001,82.4,824,96985,"SINAPI-C",null,"B",null,null,51,4.0600273066399677E-3,0.92163797465734887,65,1.9506854498771398E-3,0.9649884727744128]
[null,2,null,27,3,0,"",null,null,"27.3","Disjuntores",null,null,null,null,null,null,null,null,null,null,null,null,"","",0,"","",0.9649884727744128]
[null,3,null,27,3,1,"",null,null,"27.3.1","Disjuntor Monopolar 10A (fornecimento e instalação)","UN",1,11.45,0.20730000000000001,13.82,13.82,93653,"SINAPI-C",null,"C",null,null,114,6.809414730311208E-5,0.99981956529129989,66,1.8749048431100006E-3,0.96686337761752283]
[null,3,null,27,3,2,"",null,null,"27.3.2","Disjuntor Monopolar 16A (fornecimento e instalação)","UN",1,12.12,0.20730000000000001,14.63,14.63,93654,"SINAPI-C",null,"C",null,null,113,7.2085193563280013E-5,0.99974748009773662,67,1.8434691947891717E-3,0.96870684681231201]
[null,2,null,27,4,0,"",null,null,"27.4","Infraestrutura dos Pontos",null,null,null,null,null,null,null,null,null,null,null,null,"","",0,"","",0.96870684681231201]
[null,3,null,27,4,1,"",null,null,"27.4.1","Infraestrutura dos Pontos (Eletrodutos Corrigados 3/4\", Caixas Octogonais e Caixas 4\"x2\")","UN",6,102.77,0.20730000000000001,124.07,744.42,"CEL200","COMPOSIÇÃO",null,"B",null,null,52,3.6679193296224816E-3,0.92569800196398888,68,1.8405621364021359E-3,0.97054740894871416]
[null,2,null,27,5,0,"",null,null,"27.5","Fiação dos Pontos, Interruptores e Tomadas",null,null,null,null,null,null,null,null,null,null,null,null,"","",0,"","",0.97054740894871416]
[null,3,null,27,5,1,"",null,null,"27.5.1","Ponto de Iluminação (Fiação 1,5mm² e Interruptor Simples)","UN",6,52.53,0.20730000000000001,63.42,380.52,"CEL201","COMPOSIÇÃO",null,"C",null,null,66,1.8749048431100006E-3,0.9649884727744128,69,1.8312989673044623E-3,0.97237870791601866]
[null,3,null,27,5,2,"",null,null,"27.5.2","Ponto de Tomada de Uso Geral (Fiação 2,5mm² e Tomada 10A 2P+T com Placa)","UN",1,87.4,0.20730000000000001,105.52,105.52,"CEL202","COMPOSIÇÃO",null,"C",null,null,89,5.1992000169496285E-4,0.99309716522389546,70,1.5228058730462966E-3,0.97390151378906498]
[null,2,null,27,6,0,"",null,null,"27.6","Relé Fotoelétrico",null,null,null,null,null,null,null,null,null,null,null,null,"","",0,"","",0.97390151378906498]
[null,3,null,27,6,1,"",null,null,"27.6.1","Rele Fotoelétrico  (fornecimento e instalação)","UN",4,39.589999999999996,0.20730000000000001,47.8,191.2,"CEL406","COMPOSIÇÃO",null,"C",null,null,82,9.420840061038372E-4,0.98757404992158349,71,1.4916658577817767E-3,0.9753931796468468]
[null,1,null,28,0,0,19591.45,null,null,"28","POSTES, LUMINÁRIAS E CABEAMENTOS",null,"",null,null,"∑ ",19591.45,null,null,null,null,null,null,"","",0,"","",0.9753931796468468]
[null,2,null,28,1,0,"",null,null,"28.1","Postes e Luminárias",null,null,null,null,null,null,null,null,null,null,null,null,"","",0,"","",0.9753931796468468]
[null,3,null,28,1,1,"",null,null,"28.1.1","Luminária Plafon, com Lâmpada LED (fornecimento e instalação)","UN",1,41.91,0.20730000000000001,50.6,50.6,97592,"SINAPI-C",null,"C",null,null,101,2.4931721082036695E-4,0.99782350016727939,72,1.457372423249963E-3,0.97685055207009674]
[null,3,null,28,1,2,"",null,null,"28.1.2","Spot embutido no espelho d'agua acabamento aço inox IP68 (fornecimento e instalação)","UN",3,85.33,0.20730000000000001,103.02,309.06,97605,"SINAPI-C",null,"C",null,null,70,1.5228058730462966E-3,0.97237870791601866,73,1.3560195571121183E-3,0.97820657162720881]
[null,3,null,28,1,3,"",null,null,"28.1.3","Fita de led 6000k  IP68 (fornecimento e instalação)","M",12.75,13.76,0.20730000000000001,16.61,211.78,"CEL408","COMPOSIÇÃO",null,"C",null,null,80,1.0434861444177336E-3,0.98550412580566182,74,1.3545413918305748E-3,0.97956111301903936]
[null,3,null,28,1,4,"",null,null,"28.1.4","Fita de led 3000k IP68 (fornecimento e instalação)","M",7.5,13.76,0.20730000000000001,16.61,124.58,"CEL408","COMPOSIÇÃO",null,"C",null,null,87,6.1383276924903787E-4,0.9918936430516625,75,1.3159612779822846E-3,0.98087707429702164]
[null,3,null,28,1,5,"",null,null,"28.1.5","Refletor 10W - 3000k - Ângulo de Abertura 90° (no coração)","UN",1,53.199999999999996,0.20730000000000001,64.23,64.23,"CEL505","COMPOSIÇÃO",null,"C",null,null,97,3.1647518677850139E-4,0.99659391301391542,76,1.2622053339101465E-3,0.98213927963093184]
[null,3,null,28,1,6,"",null,null,"28.1.6","Refletor 100W - 3000k - Ângulo de Abertura 90° (para as arvores)","UN",2,122.5,0.20730000000000001,147.88999999999999,295.77999999999997,"CEL506","COMPOSIÇÃO",null,"C",null,null,72,1.457372423249963E-3,0.9753931796468468,77,1.1474504358863055E-3,0.9832867300668181]
[null,3,null,28,1,7,"",null,null,"28.1.7","Poste de iluminação em aço com galvanização a fogo, na cor preto diametro inferior do poste 169mm.\nInclui chapa na base dos postes de 30x30cm com espessura de 10mm, \nIncluso 4 Luminaria de led 180w, Grau de Proteção contra Poeira e Umidade mínimo IP-65 , Fluxo Luminoso Efetivo ≥ a 19.800/lm, estrutura em alumínio injetado com pintura eletrostática, Led com vida útil igual ou superior a 60.000 hs, certificado de garantida de 5 anos.","UN",1,5114.4299999999994,0.20730000000000001,6174.65,6174.65,"CEL500","COMPOSIÇÃO",null,"A",null,null,7,3.0423844185612229E-2,0.30420843510090695,78,1.1214347269311367E-3,0.98440816479374926]
[null,3,null,28,1,8,"",null,null,"28.1.8","Poste de iluminação em aço com galvanização a fogo, na cor preto diametro inferior do poste 169mm.\nInclui chapa na base dos postes de 30x30cm com espessura de 10mm, \nIncluso 1 Luminaria de led 180w, Grau de Proteção contra Poeira e Umidade mínimo IP-65 , Fluxo Luminoso Efetivo ≥ a 19.800/lm, estrutura em alumínio injetado com pintura eletrostática, Led com vida útil igual ou superior a 60.000 hs, certificado de garantida de 5 anos.","UN",1,5114.4299999999994,0.20730000000000001,6174.65,6174.65,"CEL500","COMPOSIÇÃO",null,"A",null,null,7,3.0423844185612229E-2,0.30420843510090695,79,1.095961011912534E-3,0.98550412580566182]
[null,3,null,28,1,9,"",null,null,"28.1.9","Poste aço galvanizado, preto  H=3m, 1 luminária de led de 50w.IP-65","UN",8,490.94,0.20730000000000001,592.71,4741.68,"CEL502","COMPOSIÇÃO",null,"A",null,null,17,2.3363289173966753E-2,0.57614256017241305,80,1.0434861444177336E-3,0.98654761195007956]
[null,3,null,28,1,10,"",null,null,"28.1.10","Projetor Solo 4W - 270 lumens - Facho: 30°","UN",4,207.96,0.20730000000000001,251.07,1004.28,"CEL510","COMPOSIÇÃO",null,"B",null,null,46,4.9483060964956149E-3,0.89830158809150618,81,1.0264379715039297E-3,0.98757404992158349]
[null,2,null,28,2,0,"",null,null,"28.2","Cabeamento interno dos Postes",null,null,null,null,null,null,null,null,null,null,null,null,"","",0,"","",0.98757404992158349]
[null,3,null,28,2,1,"",null,null,"28.2.1","Cabo de Cobre Isolado 2,5mm2 - 1KV","M",84,4.34,0.20730000000000001,5.24,440.16,91926,"SINAPI-C",null,"C",null,null,62,2.1687641010808838E-3,0.95671606859278169,82,9.420840061038372E-4,0.98851613392768733]
[null,1,null,29,0,0,7430.15,null,null,"29","ACABAMENTOS ESPELHO D'ÁGUA",null,"",null,null,"∑ ",7430.15,null,null,null,null,null,null,"","",0,"","",0.98851613392768733]
[null,2,null,29,1,0,"",null,null,"29.1","Impermeabilização com Manta Asfáltica e=3mm, incluindo Emulsão Asfáltica","M2",17.32,80.010000000000005,0.20730000000000001,96.6,1673.11,98546,"SINAPI-C",null,"B",null,null,37,8.2437770473451407E-3,0.83838489748677392,83,9.25627099302651E-4,0.98944176102699]
[null,2,null,29,2,0,"",null,null,"29.2","Massa Única Interna, para Cerâmica, \nArgamassa Traço 1:2:8","M2",6.35,19.84,0.20730000000000001,23.95,152.08000000000001,87547,"SINAPI-C",null,"C",null,null,86,7.4933125339054173E-4,0.991144311798272,84,8.9931575729117349E-4,0.99034107678428118]
[null,2,null,29,3,0,"",null,null,"29.3","Contrapiso/Regularização, e=3cm, Argamassa Traço 1:4","M2",10.969999999999999,41.58,0.20730000000000001,50.2,550.69000000000005,94438,"SINAPI-C",null,"B",null,null,58,2.7133694629776265E-3,0.94652993309331224,85,8.0323501399083444E-4,0.991144311798272]
[null,2,null,29,4,0,"",null,null,"29.4","Porcelanato Esmaltado Classe A - Superfície Natural (relevo) 20x20cm - PEI 4 ","M2",17.32,116.41999999999999,0.20730000000000001,140.55000000000001,2434.33,"CED201","COMPOSIÇÃO",null,"A",null,null,26,1.1994473632734069E-2,0.72612509318600271,86,7.4933125339054173E-4,0.9918936430516625]
[null,2,null,29,5,0,"",null,null,"29.5","Soleira de Granito Jateado, largura= 13cm e=2cm, na Cor Cinza Andorinha para borda do Espelho d'água (fornecimento e assentamento)","M2",2.4500000000000002,586.64,0.20730000000000001,708.25,1735.21,"CED200","COMPOSIÇÃO",null,"B",null,null,35,8.5497572606246831E-3,0.82136939202569226,87,6.1383276924903787E-4,0.99250747582091159]
[null,2,null,29,6,0,"",null,null,"29.6","P2 - 1,00x1,05 (01 unidades)\n02 FL DE ABRIR - VENEZIANA DE ALUMINIO NATURAL","M2",1.05,697.92,0.20730000000000001,842.6,884.73,91341,"SINAPI-C",null,"B",null,null,50,4.35925723180046E-3,0.91727871742554845,88,5.8968940298382449E-4,0.99309716522389546]
[null,1,null,30,0,0,2870.61,null,null,"30","INSTALAÇÕES HIDRÁULICAS ESPELHO D'ÁGUA",null,"",null,null,"∑ ",2870.61,null,null,null,null,null,null,"","",0,"","",0.99309716522389546]
[null,2,null,30,1,0,"",null,null,"30.1","PVC Rígido Soldável",null,null,null,null,null,null,null,null,null,null,null,null,"","",0,"","",0.99309716522389546]
[null,3,null,30,1,1,"",null,null,"30.1.1","Bucha de redução sold. longa | 50 mm - 25 mm","UN",2,9.7800000000000011,0.20730000000000001,11.81,23.62,"CHD011","COMPOSIÇÃO",null,"C",null,null,109,1.1638087983353889E-4,0.99935438667719811,89,5.1992000169496285E-4,0.99361708522559045]
[null,3,null,30,1,2,"",null,null,"30.1.2","Curva 90 soldável | 25 mm","UN",1,11.07,0.20730000000000001,13.36,13.36,89364,"SINAPI-C",null,"C",null,null,115,6.5827627204745109E-5,0.99988765943860303,90,5.1321898575196483E-4,0.99413030421134241]
[null,3,null,30,1,3,"",null,null,"30.1.3","Curva 90 soldável | 50 mm","UN",2,25.11,0.20730000000000001,30.32,60.64,89503,"SINAPI-C",null,"C",null,null,100,2.9878647557602869E-4,0.99752471369170337,91,4.7557504324865254E-4,0.9946058792545911]
[null,3,null,30,1,4,"",null,null,"30.1.4","Joelho 90º soldável | 50 mm","UN",2,14.07,0.20730000000000001,16.989999999999998,33.979999999999997,89501,"SINAPI-C",null,"C",null,null,106,1.6742685422284719E-4,0.99891389342329806,92,4.6030066867270122E-4,0.99506617992326385]
[null,3,null,30,1,5,"",null,null,"30.1.5","Tubos | 25 mm","M",1.2,20.28,0.20730000000000001,24.48,29.38,89356,"SINAPI-C",null,"C",null,null,107,1.4476165323917749E-4,0.99908132027752095,93,4.0905760557918705E-4,0.99547523752884304]
[null,3,null,30,1,6,"",null,null,"30.1.6","Tubos | 50 mm","M",2.9,18.350000000000001,0.20730000000000001,22.15,64.239999999999995,89449,"SINAPI-C",null,"C",null,null,96,3.165244589545528E-4,0.99627738855496084,94,4.0600273066399684E-4,0.99588124025950708]
[null,2,null,30,2,0,"",null,null,"30.2","Válvulas e Equipamentos",null,null,null,null,null,null,null,null,null,null,null,null,"","",0,"","",0.99588124025950708]
[null,3,null,30,2,1,"",null,null,"30.2.1","Dispositivo de Retorno em Inox 50mm","UN",5,61.879999999999995,0.20730000000000001,74.709999999999994,373.55,"CHD501","COMPOSIÇÃO",null,"C",null,null,68,1.8405621364021359E-3,0.96870684681231201,95,3.9614829545370564E-4,0.99627738855496084]
[null,3,null,30,2,2,"",null,null,"30.2.2","Válvula Reguladora de Pressão 3/4\", com Manômetro","UN",2,154.94999999999999,0.20730000000000001,187.07,374.14,"CHD502","COMPOSIÇÃO",null,"C",null,null,67,1.8434691947891717E-3,0.96686337761752283,96,3.165244589545528E-4,0.99659391301391542]
[null,3,null,30,2,3,"",null,null,"30.2.3","Válvula Solenóide 3/4\" (para Água)","UN",1,79.949999999999989,0.20730000000000001,96.52,96.52,"CHD503","COMPOSIÇÃO",null,"C",null,null,91,4.7557504324865254E-4,0.99413030421134241,97,3.1647518677850139E-4,0.99691038820069389]
[null,3,null,30,2,4,"",null,null,"30.2.4","Bomba 1/4\" Monofásica com Pré-Filtro + Filtro de Areia ","UN",1,1423.1399999999999,0.20730000000000001,1718.16,1718.16,"CHD504","COMPOSIÇÃO",null,"B",null,null,36,8.4657482004569518E-3,0.82991914928631694,98,3.1381448927172273E-4,0.99722420268996559]
[null,3,null,30,2,5,"",null,null,"30.2.5","Sensor de Nível de Água","UN",2,34.380000000000003,0.20730000000000001,41.51,83.02,"CHD505","COMPOSIÇÃO",null,"C",null,null,93,4.0905760557918705E-4,0.99506617992326385,99,3.0051100173782966E-4,0.99752471369170337]
[null,1,null,31,0,0,1564.05,null,null,"31","PINTURA DE ELEMENTOS DE CONCRETO",null,"",null,null,"∑ ",1564.05,null,null,null,null,null,null,"","",0,"","",0.99752471369170337]
[null,2,null,31,1,0,"",null,null,"31.1","Resina Acrílica para Concreto, 02 demãos","M2",90.46,14.32,0.20730000000000001,17.29,1564.05,88489,"SINAPI-C",null,"B",null,null,38,7.7064146953279636E-3,0.84662867453411905,100,2.9878647557602869E-4,0.99782350016727939]
[null,1,null,32,0,0,5533.96,null,null,"32","ACESSÓRIOS DE ACESSIBILIDADE",null,"",null,null,"∑ ",5533.96,null,null,null,null,null,null,"","",0,"","",0.99782350016727939]
[null,2,null,32,1,0,"",null,null,"32.1","Mapa Tátil em Aço Inox escovado, 60x50cm, fixado em Pedestal de Aço inox escovado (fornecimento e instalação)","UN",1,4583.75,0.20730000000000001,5533.96,5533.96,"COM002","COMPOSIÇÃO",null,"A",null,null,10,2.7267025138171502E-2,0.39235621024043343,101,2.4931721082036695E-4,0.99807281737809972]
[null,1,null,33,0,0,36911.100000000006,null,null,"33","PAVIMENTAÇÃO",null,null,null,null,"∑ ",36911.100000000006,null,null,null,null,null,null,"","",0,"","",0.99807281737809972]
[null,2,null,33,1,0,"",null,null,"33.1","Pavimentacao em Blocos Intertravados de Concreto:\n- PAVER CINZA ESCURO, e=6,0 cm, FCK 35MPa, 10x20cm\n- Assentados sobre Areia Grossa e=6cm\n- Rejuntamento com Areia Média e=0,5cm","M2",76.489999999999995,57.68,0.20730000000000001,69.64,5326.76,92394,"SINAPI-C",null,"A",null,null,13,2.6246105650385335E-2,0.47341672484889452,102,2.4409436015891263E-4,0.99831691173825865]
[null,2,null,33,2,0,"",null,null,"33.2","Pavimentacao em Blocos Intertravados de Concreto:\n- PAVER CINZA CLARO, e=6,0 cm, FCK 35MPa. 10x20cm\n- Assentados sobre Areia Grossa e=6cm\n- Rejuntamento com Areia Média e=0,5cm","M2",188.4,46.56,0.20730000000000001,56.21,10589.96,92397,"SINAPI-C",null,"A",null,null,3,5.2179037349787613E-2,0.12620560392167102,103,2.1517159281670803E-4,0.99853208333107535]
[null,2,null,33,3,0,"",null,null,"33.3","Pavimentacao em Blocos Intertravados de Concreto:\n- PAVER VERMELHO PODOTÁTIL, e=6,0 cm, FCK 35MPa, 20x20cm\n- Assentados sobre Areia Grossa e=6cm\n- Rejuntamento com Areia Média e=0,5cm","M2",22.34,77.900000000000006,0.20730000000000001,94.05,2101.08,"CPA012","COMPOSIÇÃO",null,"A",null,null,31,1.03524783658193E-2,0.78211971857703899,104,1.9531490586797127E-4,0.99872739823694334]
[null,2,null,33,4,0,"",null,null,"33.4","Meio Fio Pré-Moldado de Concreto, Arredondado, (6/10)x30x100 (fornecimento e assentamento)","M",43.84,26.879999999999995,0.20730000000000001,32.450000000000003,1422.61,"CPA009","COMPOSIÇÃO",null,"B",null,null,40,7.0095090372561701E-3,0.86167132206610042,105,1.8649518635476068E-4,0.99891389342329806]
[null,2,null,33,5,0,"",null,null,"33.5","Piso Emborrachado Drenante Cinza Claro e=5cm + Manta Geotextil + Pó de Pedra Compactado e=12cm","M2",12.96,325,0.20730000000000001,392.37,5085.12,"MPA030","MERCADO",null,"A",null,null,16,2.5055492788277952E-2,0.55108706738413515,106,1.6742685422284719E-4,0.99908132027752095]
[null,2,null,33,6,0,"",null,null,"33.6","Piso Emborrachado Drenante Cinza Escuro e=5cm + Manta Geotextil + Pó de Pedra Compactado e=12cm","M2",23.490000000000002,325,0.20730000000000001,392.37,9216.77,"MPA030","MERCADO",null,"A",null,null,5,4.5413031406577743E-2,0.22507224532813544,107,1.4476165323917749E-4,0.99922608193076012]
[null,2,null,33,7,0,"",null,null,"33.7","Piso em Concreto Pigmentado com Óxido de Ferro Preto, incluso no serviço: \n- Compactação Manual\n- Lastro de Brita Graduada (10cm)\n- Lona 200 Micras\n- Tela Q-92\n- Fôrmas\n- Concreto PIGMENTADO (7cm, 25MPa)","M2",16.739999999999998,93.23,0.20730000000000001,112.56,1884.25,"CED301","COMPOSIÇÃO",null,"B",null,null,34,9.2841097724955818E-3,0.81208528225319665,108,1.2830474643799121E-4,0.99935438667719811]
[null,2,null,33,8,0,"",null,null,"33.8","Piso em Concreto Convencional, incluso no serviço: \n- Compactação Manual\n- Lastro de Brita Graduada (10cm)\n- Lona 200 Micras\n- Tela Q-92\n- Fôrmas\n- Concreto (7cm, 25MPa)","M2",13.74,77.44,0.20730000000000001,93.49,1284.55,"CED300","COMPOSIÇÃO",null,"B",null,null,42,6.3292573746897701E-3,0.87540943946494343,109,1.1638087983353889E-4,0.99947076755703168]
[null,1,null,34,0,0,9475.4500000000007,null,null,"34","CERCAMENTO",null,"",null,null,"∑ ",9475.4500000000007,null,null,null,null,null,null,"","",0,"","",0.99947076755703168]
[null,2,null,34,1,0,"",null,null,"34.1","Tela em Aço com Proteção em Zincagem e Cobertura em Poliester Malha 5x10cm e Ø4,3mm, h=2,03m. Pilares retangulares 4x6cm em aço com proteção em zincagem e cobertura poliester, h=2,60m","CJ",1,7848.46,0.20730000000000001,9475.4500000000007,9475.4500000000007,"MED119","MERCADO",null,"A",null,null,4,4.6687604056676803E-2,0.17838464127145864,110,1.1475489802384084E-4,0.9995855224550555]
[null,1,null,35,0,0,28248.54,null,null,"35","URBANIZAÇÃO",null,"",null,null,"∑ ",28248.54,null,null,null,null,null,null,"","",0,"","",0.9995855224550555]
[null,2,null,35,1,0,"",null,null,"35.1","Madeira Plástica Encapsulada em réguas de 100X32mm Cor Itaúba","M",64.8,36,0.20730000000000001,43.46,2816.21,"MED904","MERCADO",null,"A",null,null,23,1.3876079491787069E-2,0.68531166868600446,111,8.5635041977430391E-5,0.99967115749703295]
[null,2,null,35,2,0,"",null,null,"35.2","Mesa de Xadrez Ø70cm e Banco Ø40cm em Concreto Pré Moldado","CJ",3,276.82,0.20730000000000001,334.2,1002.6,"CED250","COMPOSIÇÃO",null,"B",null,null,47,4.9400283709189708E-3,0.90324989418800183,112,7.6322600703705222E-5,0.99974748009773662]
[null,2,null,35,3,0,"",null,null,"35.3","Lixeira com pedestal em Aço Galvanizado e Madeira Plástica","UN",3,850,0.20730000000000001,1026.21,3078.63,"MED004","MERCADO",null,"A",null,null,21,1.5169079935729374E-2,0.65504524910287665,113,7.2085193563280013E-5,0.99981956529129989]
[null,2,null,35,4,0,"",null,null,"35.4","Conjunto Bicicletário em Arco de Aço Inox Escovado, barra Ø38mm, fixação com adesivo estrutural. (4 unidades)","CJ",1,3400,0.20730000000000001,4104.82,4104.82,"MED124","MERCADO",null,"A",null,null,18,2.0225341369953728E-2,0.59950584934637985,114,6.809414730311208E-5,0.99988765943860303]
[null,2,null,35,5,0,"",null,null,"35.5","Símbolo Coração em chapa de aço galvanizado #1,5mm relevo= 15cm. Pintura elestrostática a pó na cor vermelha acabamento brilho (reforço de estrutura interna)  + Letras em chapa de aço galvanizado #1,5mm (Fonte Arial). Pintura eletrostática a pó na cor branca acabamento brilho (fornecimento e instalação)","CJ",1,9985,0.20730000000000001,12054.89,12054.89,"MED903","MERCADO",null,"A",null,null,2,5.9397066236093546E-2,6.6808537685577499E-2,115,6.5827627204745109E-5,0.99995348706580778]
[null,2,null,35,6,0,"",null,null,"35.6","Chapa de Aço Inox Escovado para Cascata","CJ",1,4300,0.20730000000000001,5191.3900000000003,5191.3900000000003,"MED125","MERCADO",null,"A",null,null,15,2.5579108203176777E-2,0.52550795918095838,116,4.651293419257439E-5,1.0000000000000004]
[null,null,null,35,0,0,28248.54,null,null,null,null,null,null,null,null,null,null,null,null,null,null,null,null,"","",0,"","",1.0000000000000004]
[null,null,null,35,0,0,28248.54,null,null,null,null,null,null,null,null,"TOTAL:",202954.3]
[null,null,null,35,0,0,28248.54]

{"sheet":"COMPOSIÇÕES","index":3,"n_rows":504,"n_cols":11,"rows_kept":504,"cut":false,"hidden":false,"merged":[]}
[]
[]
[]
[null,"FONTE","CÓD.","DESCRIÇÃO","UN","COEF.","VALOR UN\n(S/ BDI)","VALOR\n(S/ BDI)"]
[]
[null,"COMPOSIÇÕES DEMOLIÇÃO, RETIRADA E RECOLOCAÇÃO"]
[null,null,null,null,null,null,null,null,null,null,"."]
[]
[]
[null,"COMPOSIÇÃO","CRD001","EXECUÇÃO DE ABRIGO PROVISÓRIO EM CANTEIRO DE OBRA EM TABUAS DE MADEIRA","UN",null,null,4589.3099999999995,null,"-"]
[null,"SINAPI-I",4491,"PONTALETE *7,5 X 7,5* CM EM PINUS, MISTA OU EQUIVALENTE DA REGIAO - BRUTA","M",74,5.96,441.04,null,"-"]
[null,"SINAPI-I",6212,"TABUA *2,5 X 30 CM EM PINUS, MISTA OU EQUIVALENTE DA REGIAO - BRUTA","M",170,9.8800000000000008,1679.6,null,"-"]
[null,"SINAPI-I",40304,"PREGO DE ACO POLIDO COM CABECA DUPLA 17 X 27 (2 1/2 X 11)","KG",9.18,25.73,236.2,null,"-"]
[null,"SINAPI-I",7194,"TELHA DE FIBROCIMENTO ONDULADA E = 6 MM, DE 2,44 X 1,10 M (SEM AMIANTO)","M2",40.71,23.06,938.77,null,"-"]
[null,"SINAPI-I",11455,"FERROLHO COM FECHO / TRINCO REDONDO, EM ACO GALVANIZADO / ZINCADO, DE SOBREPOR, COM COMPRIMENTO DE 8\" E ESPESSURA MINIMA DA CHAPA DE 1,50 MM","UN",2,16.309999999999999,32.619999999999997,null,"-"]
[null,"SINAPI-I",2433,"DOBRADICA EM ACO/FERRO, 3\" X 2 1/2\", E= 1,2 A 1,8 MM, SEM ANEL,  CROMADO OU ZINCADO, TAMPA CHATA, COM PARAFUSOS","UN",4,8.3000000000000007,33.200000000000003,null,"-"]
[null,"SINAPI-I",10422,"BACIA SANITARIA (VASO) COM CAIXA ACOPLADA, DE LOUCA BRANCA","UN",1,373.28,373.28,null,"-"]
[null,"SINAPI-C",88316,"SERVENTE COM ENCARGOS COMPLEMENTARES","H",20,18.75,375,null,"-"]
[null,"SINAPI-C",88309,"PEDREIRO COM ENCARGOS COMPLEMENTARES","H",20,23.98,479.6,null,"-"]
[null,null,null,null,null,"",null,null,null,"-"]
[null,"COMPOSIÇÃO","CRD006","PLACA DE OBRA EM CHAPA DE AÇO GALVANIZADO (FORNECIMENTO E INSTALAÇÃO)","M2","",null,323.73,null,"-"]
[null,"SINAPI-I",4417,"SARRAFO NAO APARELHADO *2,5 X 7* CM, EM MACARANDUBA, ANGELIM OU EQUIVALENTE DA REGIAO -  BRUTA","M",1,6.91,6.91,null,"-"]
[null,"SINAPI-I",4491,"PONTALETE *7,5 X 7,5* CM EM PINUS, MISTA OU EQUIVALENTE DA REGIAO - BRUTA","M",4,5.96,23.84,null,"-"]
[null,"SINAPI-I",4813,"PLACA DE OBRA (PARA CONSTRUCAO CIVIL) EM CHAPA GALVANIZADA *N. 22*, ADESIVADA, DE *2,0 X 1,125* M","M2",1,225,225,null,"-"]
[null,"SINAPI-I",5075,"PREGO DE ACO POLIDO COM CABECA 18 X 30 (2 3/4 X 10)","KG",0.11,20.84,2.29,null,"-"]
[null,"SINAPI-C",88262,"CARPINTEIRO DE FORMAS COM ENCARGOS COMPLEMENTARES","H",1,28.19,28.19,null,"-"]
[null,"SINAPI-C",88316,"SERVENTE COM ENCARGOS COMPLEMENTARES","H",2,18.75,37.5,null,"-"]
[]
[null,"COMPOSIÇÃO","CRD008","TAPUME COM TELHA METÁLICA, H=2,20M","M","",null,179.72,null,"-"]
[null,"SINAPI-I",7243,"TELHA TRAPEZOIDAL EM ACO ZINCADO, SEM PINTURA, ALTURA DE APROXIMADAMENTE 40 MM, ESPESSURA DE 0,50 MM E LARGURA UTIL DE 980 MM","M2",2.2000000000000002,62.7,137.94,null,"-"]
[null,"SINAPI-I",2745,"PONTALETE ROLIÇO SEM TRATAMENTO, D = 8 A 11 CM, H = 3 M, EM EUCALIPTO OU EQUIVALENTE DA REGIAO - BRUTA (PARA ESCORAMENTO)","M",1.4,2.5099999999999998,3.51,null,"-"]
[null,"SINAPI-I",5061,"PREGO DE ACO POLIDO COM CABECA 18 X 27 (2 1/2 X 10)","KG",0.1,20.49,2.04,null,"-"]
[null,"SINAPI-C",88239,"AJUDANTE DE CARPINTEIRO COM ENCARGOS COMPLEMENTARES","H",0.6,22.81,13.68,null,"-"]
[null,"SINAPI-C",88262,"CARPINTEIRO DE FORMAS COM ENCARGOS COMPLEMENTARES","H",0.8,28.19,22.55,null,"-"]
[null,null,null,null,null,"",null,null,null,"-"]
[null,"COMPOSIÇÃO","CED001.2","ADMINISTRAÇÃO LOCAL PRAÇA","UN","",null,5669.0599999999995,null,"-"]
[null,"SINAPI-C",90778,"ENGENHEIRO CIVIL DE OBRA PLENO COM ENCARGOS COMPLEMENTARES","H",5.8710000000000004,111.25,653.14,null,"-"]
[null,"SINAPI-C",90780,"MESTRE DE OBRAS COM ENCARGOS COMPLEMENTARES","H",58.713999999999999,51.16,3003.8,null,"-"]
[null,"SINAPI-C",90776,"ENCARREGADO GERAL COM ENCARGOS COMPLEMENTARES","H",58.713999999999999,34.270000000000003,2012.12,null,"-"]
[null,null,null,null,null,"",null,null,null,"-"]
[null,"COMPOSIÇÃO","CED003","CONCRETAGEM COM CONCRETO USINADO, FCK 25 MPA, COM USO DE BOMBA (LANÇAMENTO, ADENSAMENTO E ACABAMENTO)","M3","",null,431.37,null,"-"]
[null,"SINAPI-I",1527,"CONCRETO USINADO BOMBEAVEL, CLASSE DE RESISTENCIA C25, COM BRITA 0 E 1, SLUMP = 100 +/- 20 MM, INCLUI SERVICO DE BOMBEAMENTO (NBR 8953)","M3",1.1000000000000001,374.81,412.29,null,"-"]
[null,"SINAPI-C",88309,"PEDREIRO COM ENCARGOS COMPLEMENTARES","H",0.36299999999999999,23.98,8.6999999999999993,null,"-"]
[null,"SINAPI-C",88316,"SERVENTE COM ENCARGOS COMPLEMENTARES","H",0.54400000000000004,18.75,10.199999999999999,null,"-"]
[null,"SINAPI-C",90586,"VIBRADOR DE IMERSÃO, DIÂMETRO DE PONTEIRA 45MM, MOTOR ELÉTRICO TRIFÁSICO POTÊNCIA DE 2 CV - CHP DIURNO. AF_06/2015","CHP",8.7999999999999995E-2,1.62,0.14000000000000001,null,"-"]
[null,"SINAPI-C",90587,"VIBRADOR DE IMERSÃO, DIÂMETRO DE PONTEIRA 45MM, MOTOR ELÉTRICO TRIFÁSICO POTÊNCIA DE 2 CV - CHI DIURNO. AF_06/2015","CHI",9.2999999999999999E-2,0.44,0.04,null,"-"]
[null,null,null,null,null,"",null,null,null,"-"]
[null,"COMPOSIÇÃO","CED004","LOCACAO CONVENCIONAL DE OBRA, UTILIZANDO GABARITO DE TÁBUAS CORRIDAS PONTALETADAS A CADA 2,00M -  2 UTILIZAÇÕES. ","M","",null,44.31,null,"-"]
[null,"SINAPI-I",4517,"SARRAFO *2,5 X 7,5* CM EM PINUS, MISTA OU EQUIVALENTE DA REGIAO - BRUTA","M",0.74450000000000005,2.08,1.54,null,"-"]
[null,"SINAPI-I",4491,"PONTALETE *7,5 X 7,5* CM EM PINUS, MISTA OU EQUIVALENTE DA REGIAO - BRUTA","M",0.41249999999999998,5.96,2.4500000000000002,null,"-"]
[null,"SINAPI-I",5068,"PREGO DE ACO POLIDO COM CABECA 17 X 21 (2 X 11)","KG",0.111,20.84,2.31,null,"-"]
[null,"SINAPI-I",6212,"TABUA *2,5 X 30 CM EM PINUS, MISTA OU EQUIVALENTE DA REGIAO - BRUTA","M",0.55000000000000004,9.8800000000000008,5.43,null,"-"]
[null,"SINAPI-C",88239,"AJUDANTE DE CARPINTEIRO COM ENCARGOS COMPLEMENTARES","H",0.35630000000000001,22.81,8.1199999999999992,null,"-"]
[null,"SINAPI-C",88262,"CARPINTEIRO DE FORMAS COM ENCARGOS COMPLEMENTARES","H",0.71250000000000002,28.19,20.079999999999998,null,"-"]
[null,"SINAPI-C",91692,"SERRA CIRCULAR DE BANCADA COM MOTOR ELÉTRICO POTÊNCIA DE 5HP, COM COIFA PARA DISCO 10\" - CHP DIURNO. AF_08/2015","CHP",3.8999999999999998E-3,25.34,0.09,null,"-"]
[null,"SINAPI-C",91693,"SERRA CIRCULAR DE BANCADA COM MOTOR ELÉTRICO POTÊNCIA DE 5HP, COM COIFA PARA DISCO 10\" - CHI DIURNO. AF_08/2015","CHI",1.6799999999999999E-2,23.08,0.38,null,"-"]
[null,"SINAPI-C",99062,"MARCAÇÃO DE PONTOS EM GABARITO OU CAVALETE. AF_10/2018","UN",1.5,2.61,3.91,null,"-"]
[null,null,null,null,null,"",null,null,null,"-"]
[null,"COMPOSIÇÃO","CED005","FABRICAÇÃO, MONTAGEM E DESMONTAGEM DE FÔRMA PARA BLOCO DE COROAMENTO, EM MADEIRA SERRADA, E=25 MM, 4 UTILIZAÇÕES","M2","",null,71.599999999999994,null,"-"]
[null,"SINAPI-I",2692,"DESMOLDANTE PROTETOR PARA FORMAS DE MADEIRA, DE BASE OLEOSA EMULSIONADA EM AGUA","L",1.7000000000000001E-2,5.64,0.09,null,"-"]
[null,"SINAPI-I",4491,"PONTALETE *7,5 X 7,5* CM EM PINUS, MISTA OU EQUIVALENTE DA REGIAO - BRUTA","M",0.625,5.96,3.72,null,"-"]
[null,"SINAPI-I",4517,"SARRAFO *2,5 X 7,5* CM EM PINUS, MISTA OU EQUIVALENTE DA REGIAO - BRUTA","M",0.92400000000000004,2.08,1.92,null,"-"]
[null,"SINAPI-I",5074,"PREGO DE ACO POLIDO COM CABECA 15 X 18 (1 1/2 X 13)","KG",1.0999999999999999E-2,23.35,0.25,null,"-"]
[null,"SINAPI-I",6212,"TABUA *2,5 X 30 CM EM PINUS, MISTA OU EQUIVALENTE DA REGIAO - BRUTA","M",1.0589999999999999,9.8800000000000008,10.46,null,"-"]
[null,"SINAPI-I",40304,"PREGO DE ACO POLIDO COM CABECA DUPLA 17 X 27 (2 1/2 X 11)","KG",4.3999999999999997E-2,25.73,1.1299999999999999,null,"-"]
[null,"SINAPI-C",88239,"AJUDANTE DE CARPINTEIRO COM ENCARGOS COMPLEMENTARES","H",0.58899999999999997,22.81,13.43,null,"-"]
[null,"SINAPI-C",88262,"CARPINTEIRO DE FORMAS COM ENCARGOS COMPLEMENTARES","H",1.413,28.19,39.83,null,"-"]
[null,"SINAPI-C",91692,"SERRA CIRCULAR DE BANCADA COM MOTOR ELÉTRICO POTÊNCIA DE 5HP, COM COIFA PARA DISCO 10\" - CHP DIURNO. AF_08/2015","CHP",1.7999999999999999E-2,25.34,0.45,null,"-"]
[null,"SINAPI-C",91693,"SERRA CIRCULAR DE BANCADA COM MOTOR ELÉTRICO POTÊNCIA DE 5HP, COM COIFA PARA DISCO 10\" - CHI DIURNO. AF_08/2015","CHI",1.4E-2,23.08,0.32,null,"-"]
[null,null,null,null,null,"",null,null,null,"-"]
[null,"COMPOSIÇÃO","CED007","FABRICAÇÃO, MONTAGEM E DESMONTAGEM DE FÔRMA PARA VIGA BALDRAME, EM MADEIRA SERRADA, E=25 MM, 4 UTILIZAÇÕES","M2","",null,59.99,null,"-"]
[null,"SINAPI-I",2692,"DESMOLDANTE PROTETOR PARA FORMAS DE MADEIRA, DE BASE OLEOSA EMULSIONADA EM AGUA","L",1.7000000000000001E-2,5.64,0.09,null,"-"]
[null,"SINAPI-I",4491,"PONTALETE *7,5 X 7,5* CM EM PINUS, MISTA OU EQUIVALENTE DA REGIAO - BRUTA","M",0.60499999999999998,5.96,3.6,null,"-"]
[null,"SINAPI-I",4517,"SARRAFO *2,5 X 7,5* CM EM PINUS, MISTA OU EQUIVALENTE DA REGIAO - BRUTA","M",0.56699999999999995,2.08,1.17,null,"-"]
[null,"SINAPI-I",5073,"PREGO DE ACO POLIDO COM CABECA 17 X 24 (2 1/4 X 11)","KG",2.5999999999999999E-2,21.24,0.55000000000000004,null,"-"]
[null,"SINAPI-I",6212,"TABUA *2,5 X 30 CM EM PINUS, MISTA OU EQUIVALENTE DA REGIAO - BRUTA","M",1.008,9.8800000000000008,9.9499999999999993,null,"-"]
[null,"SINAPI-I",40304,"PREGO DE ACO POLIDO COM CABECA DUPLA 17 X 27 (2 1/2 X 11)","KG",3.4000000000000002E-2,25.73,0.87,null,"-"]
[null,"SINAPI-C",88239,"AJUDANTE DE CARPINTEIRO COM ENCARGOS COMPLEMENTARES","H",0.47099999999999997,22.81,10.74,null,"-"]
[null,"SINAPI-C",88262,"CARPINTEIRO DE FORMAS COM ENCARGOS COMPLEMENTARES","H",1.145,28.19,32.270000000000003,null,"-"]
[null,"SINAPI-C",91692,"SERRA CIRCULAR DE BANCADA COM MOTOR ELÉTRICO POTÊNCIA DE 5HP, COM COIFA PARA DISCO 10\" - CHP DIURNO. AF_08/2015","CHP",1.7000000000000001E-2,25.34,0.43,null,"-"]
[null,"SINAPI-C",91693,"SERRA CIRCULAR DE BANCADA COM MOTOR ELÉTRICO POTÊNCIA DE 5HP, COM COIFA PARA DISCO 10\" - CHI DIURNO. AF_08/2015","CHI",1.4E-2,23.08,0.32,null,"-"]
[null,null,null,null,null,"",null,null,null,"-"]
[null,"COMPOSIÇÃO","CED008","MONTAGEM E DESMONTAGEM DE FÔRMA DE PILARES, EM MADEIRA SERRADA, 4 UTILIZAÇÕES","M2","\n",null,95.320000000000007,null,"-"]
[null,"SINAPI-I",2692,"DESMOLDANTE PROTETOR PARA FORMAS DE MADEIRA, DE BASE OLEOSA EMULSIONADA EM AGUA","L",1.7000000000000001E-2,5.64,0.09,null,"-"]
[null,"SINAPI-I",40304,"PREGO DE ACO POLIDO COM CABECA DUPLA 17 X 27 (2 1/2 X 11)","KG",2.7E-2,25.73,0.69,null,"-"]
[null,"SINAPI-I",4517,"SARRAFO *2,5 X 7,5* CM EM PINUS, MISTA OU EQUIVALENTE DA REGIAO - BRUTA","M",1.2188000000000001,2.08,2.5299999999999998,null,"-"]
[null,"SINAPI-I",5068,"PREGO DE ACO POLIDO COM CABECA 17 X 21 (2 X 11)","KG",2.3650000000000001E-2,20.84,0.49,null,"-"]
[null,"SINAPI-I",6212,"TABUA *2,5 X 30 CM EM PINUS, MISTA OU EQUIVALENTE DA REGIAO - BRUTA","M",1.7957500000000002,9.8800000000000008,17.739999999999998,null,"-"]
[null,"SINAPI-C",88239,"AJUDANTE DE CARPINTEIRO COM ENCARGOS COMPLEMENTARES","H",0.4153,22.81,9.4700000000000006,null,"-"]
[null,"SINAPI-C",88262,"CARPINTEIRO DE FORMAS COM ENCARGOS COMPLEMENTARES","H",2.2486000000000002,28.19,63.38,null,"-"]
[null,"SINAPI-C",91692,"SERRA CIRCULAR DE BANCADA COM MOTOR ELÉTRICO POTÊNCIA DE 5HP, COM COIFA PARA DISCO 10\" - CHP DIURNO. AF_08/2015","CHP",1.3750000000000002E-2,25.34,0.34,null,"-"]
[null,"SINAPI-C",91693,"SERRA CIRCULAR DE BANCADA COM MOTOR ELÉTRICO POTÊNCIA DE 5HP, COM COIFA PARA DISCO 10\" - CHI DIURNO. AF_08/2015","CHI",2.5575000000000001E-2,23.08,0.59,null,"-"]
[null,null,null,null,null,"",null,null,null,"-"]
[null,"COMPOSIÇÃO","CED009","MONTAGEM E DESMONTAGEM DE FÔRMA DE VIGA, ESCORAMENTO COM PONTALETE DE MADEIRA, EM MADEIRA SERRADA, 4 UTILIZAÇÕES","M2","\n",null,118.67000000000002,null,"-"]
[null,"SINAPI-I",2692,"DESMOLDANTE PROTETOR PARA FORMAS DE MADEIRA, DE BASE OLEOSA EMULSIONADA EM AGUA","L",1.7000000000000001E-2,5.64,0.09,null,"-"]
[null,"SINAPI-I",40304,"PREGO DE ACO POLIDO COM CABECA DUPLA 17 X 27 (2 1/2 X 11)","KG",6.6000000000000003E-2,25.73,1.69,null,"-"]
[null,"SINAPI-I",4517,"SARRAFO *2,5 X 7,5* CM EM PINUS, MISTA OU EQUIVALENTE DA REGIAO - BRUTA","M",1.7715319999999999,2.08,3.68,null,"-"]
[null,"SINAPI-I",5068,"PREGO DE ACO POLIDO COM CABECA 17 X 21 (2 X 11)","KG",5.3631999999999999E-2,20.84,1.1100000000000001,null,"-"]
[null,"SINAPI-I",6212,"TABUA *2,5 X 30 CM EM PINUS, MISTA OU EQUIVALENTE DA REGIAO - BRUTA","M",2.0823999999999998,9.8800000000000008,20.57,null,"-"]
[null,"SINAPI-C",88239,"AJUDANTE DE CARPINTEIRO COM ENCARGOS COMPLEMENTARES","H",0.38400000000000001,22.81,8.75,null,"-"]
[null,"SINAPI-C",88262,"CARPINTEIRO DE FORMAS COM ENCARGOS COMPLEMENTARES","H",2.06,28.19,58.07,null,"-"]
[null,"SINAPI-C",91692,"SERRA CIRCULAR DE BANCADA COM MOTOR ELÉTRICO POTÊNCIA DE 5HP, COM COIFA PARA DISCO 10\" - CHP DIURNO. AF_08/2015","CHP",2.3463999999999999E-2,25.34,0.59,null,"-"]
[null,"SINAPI-C",91693,"SERRA CIRCULAR DE BANCADA COM MOTOR ELÉTRICO POTÊNCIA DE 5HP, COM COIFA PARA DISCO 10\" - CHI DIURNO. AF_08/2015","CHI",5.1536999999999999E-2,23.08,1.18,null,"-"]
[null,"SINAPI-C",92273,"FABRICAÇÃO DE ESCORAS DO TIPO PONTALETE, EM MADEIRA, PARA PÉ-DIREITO SIMPLES. AF_09/2020","M",1.879,12.21,22.94,null,"-"]
[null,null,null,null,null,"",null,null,null,"-"]
[null,"COMPOSIÇÃO","CED024","LAJE PRÉ-MOLDADA UNIDIRECIONAL, ENCHIMENTO EM CERÂMICA, VIGOTA TREILIÇADA, 500 KG/M2 VÃO 2,00M","M2","\n",null,119.69999999999999,null,""]
[null,"MERCADO","MED906","LAJE PRÉ-MOLDADA UNIDIRECIONAL, ENCHIMENTO EM CERÂMICA, VIGOTA TREILIÇADA, 500 KG/M2 VÃO 2,00M","M2",1,68.5,68.5,null,""]
[null,"SINAPI-I",10917,"TELA DE ACO SOLDADA NERVURADA, CA-60, Q-61, (0,97 KG/M2), DIAMETRO DO FIO = 3,4 MM, LARGURA = 2,45 M, ESPACAMENTO DA MALHA = 15 X 15 CM","M2",1.2,11.69,14.02,null,""]
[null,"SINAPI-C",88316,"SERVENTE COM ENCARGOS COMPLEMENTARES","H",0.35399999999999998,18.75,6.63,null,""]
[null,"SINAPI-I",1527,"CONCRETO USINADO BOMBEAVEL, CLASSE DE RESISTENCIA C25, COM BRITA 0 E 1, SLUMP = 100 +/- 20 MM, INCLUI SERVICO DE BOMBEAMENTO (NBR 8953)","M3",4.4000000000000004E-2,374.81,16.489999999999998,null,"-"]
[null,"SINAPI-C",88309,"PEDREIRO COM ENCARGOS COMPLEMENTARES","H",1.452E-2,23.98,0.34,null,"-"]
[null,"SINAPI-C",88316,"SERVENTE COM ENCARGOS COMPLEMENTARES","H",2.1760000000000002E-2,18.75,0.4,null,"-"]
[null,"SINAPI-C",90778,"ENGENHEIRO CIVIL DE OBRA PLENO COM ENCARGOS COMPLEMENTARES","H",0.01,111.25,1.1100000000000001,null,""]
[null,"SINAPI-C",92273,"FABRICAÇÃO DE ESCORAS DO TIPO PONTALETE, EM MADEIRA, PARA PÉ-DIREITO SIMPLES. AF_09/2020","M",1,12.21,12.21,null,""]
[]
[null,"COMPOSIÇÃO","CED025","LAJE PRÉ-MOLDADA UNIDIRECIONAL, ENCHIMENTO EM CERÂMICA, VIGOTA TREILIÇADA, 500 KG/M2 VÃO 4,00M","M2","\n",null,143.20000000000002,null,""]
[null,"MERCADO","MED907","LAJE PRÉ-MOLDADA UNIDIRECIONAL, ENCHIMENTO EM CERÂMICA, VIGOTA TREILIÇADA, 500 KG/M2 VÃO 4,00M","M2",1,92,92,null,""]
[null,"SINAPI-I",10917,"TELA DE ACO SOLDADA NERVURADA, CA-60, Q-61, (0,97 KG/M2), DIAMETRO DO FIO = 3,4 MM, LARGURA = 2,45 M, ESPACAMENTO DA MALHA = 15 X 15 CM","M2",1.2,11.69,14.02,null,""]
[null,"SINAPI-C",88316,"SERVENTE COM ENCARGOS COMPLEMENTARES","H",0.35399999999999998,18.75,6.63,null,""]
[null,"SINAPI-I",1527,"CONCRETO USINADO BOMBEAVEL, CLASSE DE RESISTENCIA C25, COM BRITA 0 E 1, SLUMP = 100 +/- 20 MM, INCLUI SERVICO DE BOMBEAMENTO (NBR 8953)","M3",4.4000000000000004E-2,374.81,16.489999999999998,null,"-"]
[null,"SINAPI-C",88309,"PEDREIRO COM ENCARGOS COMPLEMENTARES","H",1.452E-2,23.98,0.34,null,"-"]
[null,"SINAPI-C",88316,"SERVENTE COM ENCARGOS COMPLEMENTARES","H",2.1760000000000002E-2,18.75,0.4,null,"-"]
[null,"SINAPI-C",90778,"ENGENHEIRO CIVIL DE OBRA PLENO COM ENCARGOS COMPLEMENTARES","H",0.01,111.25,1.1100000000000001,null,""]
[null,"SINAPI-C",92273,"FABRICAÇÃO DE ESCORAS DO TIPO PONTALETE, EM MADEIRA, PARA PÉ-DIREITO SIMPLES. AF_09/2020","M",1,12.21,12.21,null,""]
[null,null,null,null,null,"",null,null,null,""]
[null,"COMPOSIÇÃO","CED030","VERGA, MOLDADA NO LOCAL, H=20CM (INCLUSO FÔRMA, CONCRETO E ARMADURA)","M","\n",null,60.790000000000006,null,""]
[null,"SINAPI-I",2692,"DESMOLDANTE PROTETOR PARA FORMAS DE MADEIRA, DE BASE OLEOSA EMULSIONADA EM AGUA","L",5.0000000000000001E-3,5.64,0.02,null,""]
[null,"SINAPI-I",4491,"PONTALETE *7,5 X 7,5* CM EM PINUS, MISTA OU EQUIVALENTE DA REGIAO - BRUTA","M",1.222,5.96,7.28,null,""]
[null,"SINAPI-I",40304,"PREGO DE ACO POLIDO COM CABECA DUPLA 17 X 27 (2 1/2 X 11)","KG",3.5640000000000005E-2,25.73,0.91,null,"-"]
[null,"SINAPI-I",4517,"SARRAFO *2,5 X 7,5* CM EM PINUS, MISTA OU EQUIVALENTE DA REGIAO - BRUTA","M",0.95662727999999997,2.08,1.98,null,"-"]
[null,"SINAPI-I",5068,"PREGO DE ACO POLIDO COM CABECA 17 X 21 (2 X 11)","KG",2.8961280000000002E-2,20.84,0.6,null,"-"]
[null,"SINAPI-I",6212,"TABUA *2,5 X 30 CM EM PINUS, MISTA OU EQUIVALENTE DA REGIAO - BRUTA","M",1.1244959999999999,9.8800000000000008,11.11,null,"-"]
[null,"SINAPI-C",91692,"SERRA CIRCULAR DE BANCADA COM MOTOR ELÉTRICO POTÊNCIA DE 5HP, COM COIFA PARA DISCO 10\" - CHP DIURNO. AF_08/2015","CHP",1.2670560000000001E-2,25.34,0.32,null,"-"]
[null,"SINAPI-C",91693,"SERRA CIRCULAR DE BANCADA COM MOTOR ELÉTRICO POTÊNCIA DE 5HP, COM COIFA PARA DISCO 10\" - CHI DIURNO. AF_08/2015","CHI",2.7829980000000001E-2,23.08,0.64,null,"-"]
[null,"SINAPI-C",88239,"AJUDANTE DE CARPINTEIRO COM ENCARGOS COMPLEMENTARES","H",0.15,22.81,3.42,null,"-"]
[null,"SINAPI-C",88262,"CARPINTEIRO DE FORMAS COM ENCARGOS COMPLEMENTARES","H",0.3,28.19,8.4499999999999993,null,"-"]
[null,"SINAPI-C",88309,"PEDREIRO COM ENCARGOS COMPLEMENTARES","H",0.35,23.98,8.39,null,""]
[null,"SINAPI-C",88316,"SERVENTE COM ENCARGOS COMPLEMENTARES","H",0.17499999999999999,18.75,3.28,null,"-"]
[null,"SINAPI-I",42407,"TRELICA NERVURADA (ESPACADOR), ALTURA = 120,0 MM, DIAMETRO DOS BANZOS INFERIORES E SUPERIOR = 6,0 MM, DIAMETRO DA DIAGONAL = 4,2 MM","M",1,8.83,8.83,null,"-"]
[null,"SINAPI-I",39017,"ESPACADOR / DISTANCIADOR CIRCULAR COM ENTRADA LATERAL, EM PLASTICO, PARA VERGALHAO *4,2 A 12,5* MM, COBRIMENTO 20 MM","UN",6,0.13,0.78,null,""]
[null,"SINAPI-C",94971,"CONCRETO FCK = 25MPA, TRAÇO 1:2,3:2,7 (EM MASSA SECA DE CIMENTO/ AREIA MÉDIA/ BRITA 1) - PREPARO MECÂNICO COM BETONEIRA 600 L. AF_05/2021","M3",1.2E-2,398.92,4.78,null,""]
[null,null,null,null,null,"",null,null,null,""]
[null,"COMPOSIÇÃO","CED031","CONTRAVERGA, MOLDADA NO LOCAL, H=20CM (INCLUSO FÔRMA, CONCRETO E ARMADURA)","M","\n",null,46.160000000000004,null,""]
[null,"SINAPI-I",2692,"DESMOLDANTE PROTETOR PARA FORMAS DE MADEIRA, DE BASE OLEOSA EMULSIONADA EM AGUA","L",5.0000000000000001E-3,5.64,0.02,null,""]
[null,"SINAPI-I",40304,"PREGO DE ACO POLIDO COM CABECA DUPLA 17 X 27 (2 1/2 X 11)","KG",3.5640000000000005E-2,25.73,0.91,null,"-"]
[null,"SINAPI-I",4517,"SARRAFO *2,5 X 7,5* CM EM PINUS, MISTA OU EQUIVALENTE DA REGIAO - BRUTA","M",0.70850000000000002,2.08,1.47,null,"-"]
[null,"SINAPI-I",5068,"PREGO DE ACO POLIDO COM CABECA 17 X 21 (2 X 11)","KG",2.8961280000000002E-2,20.84,0.6,null,"-"]
[null,"SINAPI-I",6212,"TABUA *2,5 X 30 CM EM PINUS, MISTA OU EQUIVALENTE DA REGIAO - BRUTA","M",0.83299999999999996,9.8800000000000008,8.23,null,"-"]
[null,"SINAPI-C",91692,"SERRA CIRCULAR DE BANCADA COM MOTOR ELÉTRICO POTÊNCIA DE 5HP, COM COIFA PARA DISCO 10\" - CHP DIURNO. AF_08/2015","CHP",1.2670560000000001E-2,25.34,0.32,null,"-"]
[null,"SINAPI-C",91693,"SERRA CIRCULAR DE BANCADA COM MOTOR ELÉTRICO POTÊNCIA DE 5HP, COM COIFA PARA DISCO 10\" - CHI DIURNO. AF_08/2015","CHI",2.7829980000000001E-2,23.08,0.64,null,"-"]
[null,"SINAPI-C",88239,"AJUDANTE DE CARPINTEIRO COM ENCARGOS COMPLEMENTARES","H",0.1,22.81,2.2799999999999998,null,"-"]
[null,"SINAPI-C",88262,"CARPINTEIRO DE FORMAS COM ENCARGOS COMPLEMENTARES","H",0.2,28.19,5.63,null,"-"]
[null,"SINAPI-C",88309,"PEDREIRO COM ENCARGOS COMPLEMENTARES","H",0.35,23.98,8.39,null,""]
[null,"SINAPI-C",88316,"SERVENTE COM ENCARGOS COMPLEMENTARES","H",0.17499999999999999,18.75,3.28,null,"-"]
[null,"SINAPI-I",42407,"TRELICA NERVURADA (ESPACADOR), ALTURA = 120,0 MM, DIAMETRO DOS BANZOS INFERIORES E SUPERIOR = 6,0 MM, DIAMETRO DA DIAGONAL = 4,2 MM","M",1,8.83,8.83,null,"-"]
[null,"SINAPI-I",39017,"ESPACADOR / DISTANCIADOR CIRCULAR COM ENTRADA LATERAL, EM PLASTICO, PARA VERGALHAO *4,2 A 12,5* MM, COBRIMENTO 20 MM","UN",6,0.13,0.78,null,""]
[null,"SINAPI-C",94971,"CONCRETO FCK = 25MPA, TRAÇO 1:2,3:2,7 (EM MASSA SECA DE CIMENTO/ AREIA MÉDIA/ BRITA 1) - PREPARO MECÂNICO COM BETONEIRA 600 L. AF_05/2021","M3",1.2E-2,398.92,4.78,null,""]
[null,null,null,null,null,"",null,null,null,""]
[null,"COMPOSIÇÃO","CED034","ALVENARIA DE VEDAÇÃO DE TIJOLOS CERÂMICOS FURADOS, TIJOLO 14X19X24CM, 09 FUROS, ASSENTAMENTO CUTELO, (FORNECIMENTO E ASSENTAMENTO, INCLUSO ARGAMASSA)","M2","",null,52.4,null,""]
[null,"MERCADO","MED111","TIJOLO CERÂMICO (FURAÇÃO HORIZONTAL, 9 FUROS) 14X19X24 (20 TIJOLOS/M2)","UN",22,0.75,16.5,null,""]
[null,"SINAPI-C",87292,"ARGAMASSA TRAÇO 1:2:8 (EM VOLUME DE CIMENTO, CAL E AREIA MÉDIA ÚMIDA) PARA EMBOÇO/MASSA ÚNICA/ASSENTAMENTO DE ALVENARIA DE VEDAÇÃO, PREPARO MECÂNICO COM BETONEIRA 400 L. AF_08/2019","M3",1.3860000000000003E-2,425.16,5.89,null,""]
[null,"SINAPI-C",88309,"PEDREIRO COM ENCARGOS COMPLEMENTARES","H",0.9,23.98,21.58,null,""]
[null,"SINAPI-C",88316,"SERVENTE COM ENCARGOS COMPLEMENTARES","H",0.45,18.75,8.43,null,""]
[null,null,null,null,null,"",null,null,null,""]
[null,"COMPOSIÇÃO","CED060","REGULARIZAÇÃO E APILOAMENTO COM SOQUETE","M2","\n",null,3.12,null,""]
[null,"SINAPI-C",88316,"SERVENTE COM ENCARGOS COMPLEMENTARES","H",0.16666666666666666,18.75,3.12,null,""]
[null,null,null,null,null,"",null,null,null,""]
[null,"COMPOSIÇÃO","CED061","TELA DE AÇO SOLDADA, Q-92, CA-60 Ø4.2 MM #15X15 CM","M2","",null,23.26,null,""]
[null,"SINAPI-I",21141,"TELA DE ACO SOLDADA NERVURADA, CA-60, Q-92, (1,48 KG/M2), DIAMETRO DO FIO = 4,2 MM, LARGURA = 2,45 X 60 M DE COMPRIMENTO, ESPACAMENTO DA MALHA = 15  X 15 CM","M2",1.1499999999999999,18.100000000000001,20.81,null,""]
[null,"SINAPI-I",39315,"ESPACADOR / DISTANCIADOR TIPO GARRA DUPLA, EM PLASTICO, COBRIMENTO *20* MM, PARA FERRAGENS DE LAJES E FUNDO DE VIGAS","UN",8,0.22,1.76,null,""]
[null,"SINAPI-C",88238,"AJUDANTE DE ARMADOR COM ENCARGOS COMPLEMENTARES","H",0.04,17.440000000000001,0.69,null,""]
[null,null,null,null,null,"",null,null,null,""]
[null,"COMPOSIÇÃO","CED100","PERFURAÇÃO MANUAL DE ESTACA BROCA Ø20CM","M","\n",null,24.11,null,"-"]
[null,"SINAPI-C",88309,"PEDREIRO COM ENCARGOS COMPLEMENTARES","H",0.48599999999999999,23.98,11.65,null,"-"]
[null,"SINAPI-C",88316,"SERVENTE COM ENCARGOS COMPLEMENTARES","H",0.66500000000000004,18.75,12.46,null,"-"]
[null,null,null,null,null,"",null,null,null,"-"]
[null,"COMPOSIÇÃO","CED103","PERFURAÇÃO DE ESTACA ESCAVADA MECANICAMENTE Ø25CM","M","\n",null,13.52,null,"-"]
[null,"SINAPI-C",90680,"PERFURATRIZ HIDRÁULICA SOBRE CAMINHÃO COM TRADO CURTO ACOPLADO, PROFUNDIDADE MÁXIMA DE 20 M, DIÂMETRO MÁXIMO DE 1500 MM, POTÊNCIA INSTALADA DE 137 HP, MESA ROTATIVA COM TORQUE MÁXIMO DE 30 KNM - CHP DIURNO. AF_06/2015","CHP",2.47E-2,298.94,7.38,null,"-"]
[null,"SINAPI-C",90681,"PERFURATRIZ HIDRÁULICA SOBRE CAMINHÃO COM TRADO CURTO ACOPLADO, PROFUNDIDADE MÁXIMA DE 20 M, DIÂMETRO MÁXIMO DE 1500 MM, POTÊNCIA INSTALADA DE 137 HP, MESA ROTATIVA COM TORQUE MÁXIMO DE 30 KNM - CHI DIURNO. AF_06/2015","CHI",4.9000000000000002E-2,125.35,6.14,null,"-"]
[null,null,null,null,null,"",null,null,null,"-"]
[null,"COMPOSIÇÃO","CED104","PERFURAÇÃO DE ESTACA ESCAVADA MECANICAMENTE Ø30CM","M","\n",null,16.14,null,"-"]
[null,"SINAPI-C",90680,"PERFURATRIZ HIDRÁULICA SOBRE CAMINHÃO COM TRADO CURTO ACOPLADO, PROFUNDIDADE MÁXIMA DE 20 M, DIÂMETRO MÁXIMO DE 1500 MM, POTÊNCIA INSTALADA DE 137 HP, MESA ROTATIVA COM TORQUE MÁXIMO DE 30 KNM - CHP DIURNO. AF_06/2015","CHP",2.9499999999999998E-2,298.94,8.81,null,"-"]
[null,"SINAPI-C",90681,"PERFURATRIZ HIDRÁULICA SOBRE CAMINHÃO COM TRADO CURTO ACOPLADO, PROFUNDIDADE MÁXIMA DE 20 M, DIÂMETRO MÁXIMO DE 1500 MM, POTÊNCIA INSTALADA DE 137 HP, MESA ROTATIVA COM TORQUE MÁXIMO DE 30 KNM - CHI DIURNO. AF_06/2015","CHI",5.8500000000000003E-2,125.35,7.33,null,"-"]
[null,null,null,null,null,"",null,null,null,"-"]
[null,"COMPOSIÇÃO","CED200","SOLEIRA DE GRANITO JATEADA, E=2CM (FORNECIMENTO E ASSENTAMENTO)","M2","",null,586.64,null,"-"]
[null,"SINAPI-I",20232,"SOLEIRA EM GRANITO, POLIDO, TIPO ANDORINHA/ QUARTZ/ CASTELO/ CORUMBA OU OUTROS EQUIVALENTES DA REGIAO, L= *15* CM, E=  *2,0* CM","M",6.666666666666667,67.94,452.93,null,"-"]
[null,"SINAPI-I",37595,"ARGAMASSA COLANTE TIPO AC III","KG",8.6000000000000014,1.41,12.12,null,"-"]
[null,"SINAPI-C",88274,"MARMORISTA/GRANITEIRO COM ENCARGOS COMPLEMENTARES","H",3.6,24.4,87.84,null,"-"]
[null,"SINAPI-C",88316,"SERVENTE COM ENCARGOS COMPLEMENTARES","H",1.8,18.75,33.75,null,"-"]
[null,null,null,null,null,"",null,null,null,"-"]
[null,"COMPOSIÇÃO","CED201","REVESTIMENTO CERÂMICO PARA PAREDES COM PLACAS TIPO ESMALTADA EXTRA  DE DIMENSÕES 30x60CM (FORNECIMENTO E ASSENTAMENTO)","M2","",null,116.41999999999999,null,"-"]
[null,"MERCADO","MED909","Porcelanato Esmaltado Classe A - Superfície Natural (relevo) 20x20cm - PEI 4 ","M2",1.1000000000000001,73.5,80.849999999999994,null,"-"]
[null,"SINAPI-I",1381,"ARGAMASSA COLANTE AC I PARA CERAMICAS","KG",6.14,0.46,2.82,null,"-"]
[null,"SINAPI-I",34357,"REJUNTE CIMENTICIO, QUALQUER COR","KG",0.22,2.7,0.59,null,"-"]
[null,"SINAPI-C",88256,"AZULEJISTA OU LADRILHISTA COM ENCARGOS COMPLEMENTARES","H",0.97,23.88,23.16,null,"-"]
[null,"SINAPI-C",88316,"SERVENTE COM ENCARGOS COMPLEMENTARES","H",0.48,18.75,9,null,"-"]
[null,null,null,null,null,"",null,null,null,"-"]
[null,"COMPOSIÇÃO","CED202","PISO TATIL ALERTA OU DIRECIONAL, DE BORRACHA, COLORIDO, 25 X 25 CM, E = 5 MM, PARA COLA (FORNECIMENTO E ASSENTAMENTO)","M2","",null,212.7,null,""]
[null,"SINAPI-I",38181,"PISO TATIL ALERTA OU DIRECIONAL, DE BORRACHA, COLORIDO, 25 X 25 CM, E = 5 MM, PARA COLA","M2",1,200.76,200.76,null,""]
[null,"SINAPI-C",88256,"AZULEJISTA OU LADRILHISTA COM ENCARGOS COMPLEMENTARES","H",0.5,23.88,11.94,null,""]
[null,null,null,null,null,"",null,null,null,""]
[null,"COMPOSIÇÃO","CED250","MESA DE XADREZ Ø70cm E BANCO Ø40cm EM CONCRETO PRÉ-MOLDADO (FORNECIMENTO E INSTALAÇÃO)","CJ","",null,276.82,null,""]
[null,"SINAPI-C",97733,"PEÇA RETANGULAR PRÉ-MOLDADA, VOLUME DE CONCRETO DE ATÉ 10 LITROS, TAXA DE AÇO APROXIMADA DE 30KG/M³. AF_01/2018","M3",7.8626000000000001E-2,3249.17,255.46,null,""]
[null,"SINAPI-C",88309,"PEDREIRO COM ENCARGOS COMPLEMENTARES","H",0.5,23.98,11.99,null,""]
[null,"SINAPI-C",88316,"SERVENTE COM ENCARGOS COMPLEMENTARES","H",0.5,18.75,9.3699999999999992,null,""]
[]
[null,"COMPOSIÇÃO","CAC023","ESPELHO CRISTAL E = 4 MM (FORNECIMENTO E INSTALAÇÃO)","UN","",null,167.19,null,""]
[null,"SINAPI-I",11186,"ESPELHO CRISTAL E = 4 MM","M2",0.45,363.11,163.38999999999999,null,""]
[null,"SINAPI-I",4356,"PARAFUSO DE ACO ZINCADO COM ROSCA SOBERBA, CABECA CHATA E FENDA SIMPLES, DIAMETRO 4,8 MM, COMPRIMENTO 45 MM","UN",4,0.2,0.8,null,""]
[null,"SINAPI-C",88316,"SERVENTE COM ENCARGOS COMPLEMENTARES","H",0.16,18.75,3,null,""]
[null,null,null,null,null,"",null,null,null,""]
[null,"COMPOSIÇÃO","CED300","PISO DE CONCRETO CONVENCIONAL","M2","",null,77.44,null,""]
[null,"SINAPI-C",100324,"LASTRO COM MATERIAL GRANULAR (PEDRA BRITADA N.1 E PEDRA BRITADA N.2), APLICADO EM PISOS OU LAJES SOBRE SOLO, ESPESSURA DE *10 CM*. AF_07/2019","M3",0.1,107.46,10.74,null,""]
[null,"SINAPI-C",97087,"CAMADA SEPARADORA PARA EXECUÇÃO DE RADIER, EM LONA PLÁSTICA. AF_09/2017","M2",1,2.56,2.56,null,""]
[null,"SINAPI-C",97087,"CAMADA SEPARADORA PARA EXECUÇÃO DE RADIER, EM LONA PLÁSTICA. AF_09/2017","M2",1,2.56,2.56,null,""]
[null,"SINAPI-I",21141,"TELA DE ACO SOLDADA NERVURADA, CA-60, Q-92, (1,48 KG/M2), DIAMETRO DO FIO = 4,2 MM, LARGURA = 2,45 X 60 M DE COMPRIMENTO, ESPACAMENTO DA MALHA = 15  X 15 CM","M2",1.1499999999999999,18.100000000000001,20.81,null,""]
[null,"SINAPI-I",39315,"ESPACADOR / DISTANCIADOR TIPO GARRA DUPLA, EM PLASTICO, COBRIMENTO *20* MM, PARA FERRAGENS DE LAJES E FUNDO DE VIGAS","UN",8,0.22,1.76,null,""]
[null,"SINAPI-C",94971,"CONCRETO FCK = 25MPA, TRAÇO 1:2,3:2,7 (EM MASSA SECA DE CIMENTO/ AREIA MÉDIA/ BRITA 1) - PREPARO MECÂNICO COM BETONEIRA 600 L. AF_05/2021","M3",7.0000000000000007E-2,398.92,27.92,null,"-"]
[null,"SINAPI-C",88309,"PEDREIRO COM ENCARGOS COMPLEMENTARES","H",0.15,23.98,3.59,null,"-"]
[null,"SINAPI-C",88316,"SERVENTE COM ENCARGOS COMPLEMENTARES","H",0.4,18.75,7.5,null,"-"]
[null,null,null,null,null,"",null,null,null,"-"]
[null,"COMPOSIÇÃO","CED301","PISO DE CONCRETO PIGMENTADO","M2","",null,93.23,null,""]
[null,"SINAPI-C",100324,"LASTRO COM MATERIAL GRANULAR (PEDRA BRITADA N.1 E PEDRA BRITADA N.2), APLICADO EM PISOS OU LAJES SOBRE SOLO, ESPESSURA DE *10 CM*. AF_07/2019","M3",0.1,107.46,10.74,null,""]
[null,"SINAPI-C",97087,"CAMADA SEPARADORA PARA EXECUÇÃO DE RADIER, EM LONA PLÁSTICA. AF_09/2017","M2",1,2.56,2.56,null,""]
[null,"SINAPI-C",97087,"CAMADA SEPARADORA PARA EXECUÇÃO DE RADIER, EM LONA PLÁSTICA. AF_09/2017","M2",1,2.56,2.56,null,""]
[null,"SINAPI-I",21141,"TELA DE ACO SOLDADA NERVURADA, CA-60, Q-92, (1,48 KG/M2), DIAMETRO DO FIO = 4,2 MM, LARGURA = 2,45 X 60 M DE COMPRIMENTO, ESPACAMENTO DA MALHA = 15  X 15 CM","M2",1.1499999999999999,18.100000000000001,20.81,null,""]
[null,"SINAPI-I",39315,"ESPACADOR / DISTANCIADOR TIPO GARRA DUPLA, EM PLASTICO, COBRIMENTO *20* MM, PARA FERRAGENS DE LAJES E FUNDO DE VIGAS","UN",8,0.22,1.76,null,""]
[null,"SINAPI-I",6194,"TABUA *2,5 X 15 CM EM PINUS, MISTA OU EQUIVALENTE DA REGIAO - BRUTA","M",1.6666666666666667,4.25,7.08,null,"-"]
[null,"SINAPI-I",4517,"SARRAFO *2,5 X 7,5* CM EM PINUS, MISTA OU EQUIVALENTE DA REGIAO - BRUTA","M",0.15,2.08,0.31,null,"-"]
[null,"SINAPI-I",40304,"PREGO DE ACO POLIDO COM CABECA DUPLA 17 X 27 (2 1/2 X 11)","KG",1.4999999999999999E-2,25.73,0.38,null,"-","COLOCAR PIGMENTO"]
[null,"SINAPI-C",94971,"CONCRETO FCK = 25MPA, TRAÇO 1:2,3:2,7 (EM MASSA SECA DE CIMENTO/ AREIA MÉDIA/ BRITA 1) - PREPARO MECÂNICO COM BETONEIRA 600 L. AF_05/2021","M3",7.0000000000000007E-2,398.92,27.92,null,"-","https://www.maqblocos.com.br/produto/8/pigmentos-para-concreto"]
[null,"SINAPI-C",88309,"PEDREIRO COM ENCARGOS COMPLEMENTARES","H",0.25,23.98,5.99,null,"-"]
[null,"SINAPI-C",88316,"SERVENTE COM ENCARGOS COMPLEMENTARES","H",0.7,18.75,13.12,null,"-"]
[null,null,null,null,null,"",null,null,null,"-"]
[null,"COMPOSIÇÃO","CEL004","PONTO DE TOMADA 2P+T - 10A COM INTERLIGAÇÃO PARA ALARME PCD (02 CAIXAS, ELETRODUTO EMBUTIDO NA ALVENARIA, CABOS 2,5MM² E 01 TOMADA COM PLACA E 01 TAMPA CEGA) (FORNECIMENTO E INSTALAÇÃO)","UN",null,null,1157.0700000000002]
[null,"SINAPI-C",90447,"RASGO EM ALVENARIA PARA ELETRODUTOS COM DIAMETROS MENORES OU IGUAIS A 40 MM. AF_05/2015","M",4.4000000000000004,12.09,53.19]
[null,"SINAPI-C",90456,"QUEBRA EM ALVENARIA PARA INSTALAÇÃO DE CAIXA DE TOMADA (4X4 OU 4X2). AF_05/2015","UN",2,9.06,18.12]
[null,"SINAPI-C",90466,"CHUMBAMENTO LINEAR EM ALVENARIA PARA RAMAIS/DISTRIBUIÇÃO COM DIÂMETROS MENORES OU IGUAIS A 40 MM. AF_05/2015","M",4.4000000000000004,3.74,16.45]
[null,"SINAPI-C",91854,"ELETRODUTO FLEXÍVEL CORRUGADO, PVC, DN 25 MM (3/4\"), PARA CIRCUITOS TERMINAIS, INSTALADO EM PAREDE - FORNECIMENTO E INSTALAÇÃO. AF_12/2015","M",4.4000000000000004,9.25,40.700000000000003]
[null,"SINAPI-C",91926,"CABO DE COBRE FLEXÍVEL ISOLADO, 2,5 MM², ANTI-CHAMA 450/750 V, PARA CIRCUITOS TERMINAIS - FORNECIMENTO E INSTALAÇÃO. AF_12/2015","M",12.6,14.21,179.04]
[null,"SINAPI-C",91940,"CAIXA RETANGULAR 4\" X 2\" MÉDIA (1,30 M DO PISO), PVC, INSTALADA EM PAREDE - FORNECIMENTO E INSTALAÇÃO. AF_12/2015","UN",2,353.2,706.4]
[null,"SINAPI-C",91992,"TOMADA ALTA DE EMBUTIR (1 MÓDULO), 2P+T 10 A, INCLUINDO SUPORTE E PLACA - FORNECIMENTO E INSTALAÇÃO. AF_12/2015","UN",1,93.26,93.26]
[null,"SINAPI-C",91947,"SUPORTE PARAFUSADO COM PLACA DE ENCAIXE 4\" X 2\" BAIXO (0,30 M DO PISO) PARA PONTO ELÉTRICO - FORNECIMENTO E INSTALAÇÃO. AF_12/2015","UN",1,49.91,49.91]
[null,null,null,null,null,"",null,null,null,"-"]
[null,"COMPOSIÇÃO","CEL006","Eletroduto PEAD 1 1/2\" (fornecimento, escavação, assentamento e reaterro)","M","",null,31.25,null,"-"]
[null,"SINAPI-I",39246,"ELETRODUTODUTO PEAD FLEXIVEL PAREDE SIMPLES, CORRUGACAO HELICOIDAL, COR PRETA, SEM ROSCA, DE 1 1/2\",  PARA CABEAMENTO SUBTERRANEO (NBR 15715)","M",1,4.51,4.51,null,"-"]
[null,"SINAPI-I",42015,"FITA PLASTICA ZEBRADA PARA DEMARCACAO DE AREAS, LARGURA = 7 CM, SEM ADESIVO (COLETADO CAIXA)","M",1,2.38,2.38,null,"-"]
[null,"SINAPI-C",88246,"ASSENTADOR DE TUBOS COM ENCARGOS COMPLEMENTARES","H",0.16,21.1,3.37,null,"-"]
[null,"SINAPI-C",93358,"ESCAVAÇÃO MANUAL DE VALA COM PROFUNDIDADE MENOR OU IGUAL A 1,30 M. AF_02/2021","M3",0.18,74.17,13.35,null,"-"]
[null,"SINAPI-C",96995,"REATERRO MANUAL APILOADO COM SOQUETE. AF_10/2017","M3",0.17,44.97,7.64,null,"-"]
[null,null,null,null,null,"",null,null,null,"-"]
[null,"COMPOSIÇÃO","CEL010","Caixa de Passagem 65x41x70 em alvenaria (PADRÃO CELESC) (fornecimento e instalação)","UN","",null,419.25,null,""]
[null,"SINAPI-I",7258,"TIJOLO CERAMICO MACICO COMUM *5 X 10 X 20* CM (L X A X C)","UN",195,0.9,175.5,null,""]
[null,"SINAPI-C",87292,"ARGAMASSA TRAÇO 1:2:8 (EM VOLUME DE CIMENTO, CAL E AREIA MÉDIA ÚMIDA) PARA EMBOÇO/MASSA ÚNICA/ASSENTAMENTO DE ALVENARIA DE VEDAÇÃO, PREPARO MECÂNICO COM BETONEIRA 400 L. AF_08/2019","M3",4.8500000000000001E-2,425.16,20.62,null,""]
[null,"SINAPI-C",87292,"ARGAMASSA TRAÇO 1:2:8 (EM VOLUME DE CIMENTO, CAL E AREIA MÉDIA ÚMIDA) PARA EMBOÇO/MASSA ÚNICA/ASSENTAMENTO DE ALVENARIA DE VEDAÇÃO, PREPARO MECÂNICO COM BETONEIRA 400 L. AF_08/2019","M3",2.23E-2,425.16,9.48,null,""]
[null,"SINAPI-C",88309,"PEDREIRO COM ENCARGOS COMPLEMENTARES","H",5,23.98,119.9,null,""]
[null,"SINAPI-C",88316,"SERVENTE COM ENCARGOS COMPLEMENTARES","H",5,18.75,93.75,null,""]
[null,null,null,null,null,"",null,null,null,""]
[null,"COMPOSIÇÃO","CEL013","Disjuntor Diferencial Residual (DR), 2 polos F-N, 25A (fornecimento e instalação)","UN","",null,142.71,null,""]
[null,"SINAPI-I",39445,"DISPOSITIVO DR, 2 POLOS, SENSIBILIDADE DE 30 MA, CORRENTE DE 25 A, TIPO AC","UN",1,133.97999999999999,133.97999999999999,null,""]
[null,"SINAPI-C",88264,"ELETRICISTA COM ENCARGOS COMPLEMENTARES","H",0.16,31.58,5.05,null,""]
[null,"SINAPI-C",88247,"AUXILIAR DE ELETRICISTA COM ENCARGOS COMPLEMENTARES","H",0.16,23.02,3.68,null,""]
[null,null,null,null,null,"",null,null,null,""]
[null,"COMPOSIÇÃO","CEL017","Disjuntor de Proteção Contra Raios (DPS), 45KA (fornecimento e instalação)","UN","",null,108.9,null,""]
[null,"SINAPI-I",39471,"DISPOSITIVO DPS CLASSE II, 1 POLO, TENSAO MAXIMA DE 275 V, CORRENTE MAXIMA DE *45* KA (TIPO AC)","UN",1,100.17,100.17,null,""]
[null,"SINAPI-C",88264,"ELETRICISTA COM ENCARGOS COMPLEMENTARES","H",0.16,31.58,5.05,null,""]
[null,"SINAPI-C",88247,"AUXILIAR DE ELETRICISTA COM ENCARGOS COMPLEMENTARES","H",0.16,23.02,3.68,null,""]
[null,null,null,null,null,"",null,null,null,""]
[null,"COMPOSIÇÃO","CEL101","LUMINÁRIA CALHA, COM 2 LÂMPADA LED TUBULAR DE 18W (FORNECIMENTO E INSTALAÇÃO)                                                                                                                                                                                                                                                                                                                                                                                                ","UN","",null,112.37,null,""]
[null,"SINAPI-I",39387,"LAMPADA LED TUBULAR BIVOLT 18/20 W, BASE G13","UN",2,16.579999999999998,33.159999999999997,null,""]
[null,"SINAPI-I",38784,"LUMINARIA DE SOBREPOR EM CHAPA DE ACO COM ALETAS PLASTICAS, PARA 2 LAMPADAS, BASE E27, POTENCIA MAXIMA 40/60 W (NAO INCLUI LAMPADAS)","UN",1,59.83,59.83,null,""]
[null,"SINAPI-C",88247,"AUXILIAR DE ELETRICISTA COM ENCARGOS COMPLEMENTARES","H",0.1963,23.02,4.51,null,""]
[null,"SINAPI-C",88264,"ELETRICISTA COM ENCARGOS COMPLEMENTARES","H",0.47099999999999997,31.58,14.87,null,""]
[null,null,null,null,null,"",null,null,null,""]
[null,"COMPOSIÇÃO","CEL200","INFRAESTRUTURA DOS PONTOS, INCLUINDO CAIXA ELÉTRICA, ELETRODUTO, RASGO, QUEBRA E CHUMBAMENTO","UN","\n",null,102.77,null,"-"]
[null,"SINAPI-C",90447,"RASGO EM ALVENARIA PARA ELETRODUTOS COM DIAMETROS MENORES OU IGUAIS A 40 MM. AF_05/2015","M",2.2000000000000002,7.6,16.72,null,"-"]
[null,"SINAPI-C",90466,"CHUMBAMENTO LINEAR EM ALVENARIA PARA RAMAIS/DISTRIBUIÇÃO COM DIÂMETROS MENORES OU IGUAIS A 40 MM. AF_05/2015","M",2.2000000000000002,12.09,26.59,null,"-"]
[null,"SINAPI-C",90456,"QUEBRA EM ALVENARIA PARA INSTALAÇÃO DE CAIXA DE TOMADA (4X4 OU 4X2). AF_05/2015","UN",1,3.87,3.87,null,"-"]
[null,"SINAPI-C",91844,"ELETRODUTO FLEXÍVEL CORRUGADO, PVC, DN 25 MM (3/4\"), PARA CIRCUITOS TERMINAIS, INSTALADO EM LAJE - FORNECIMENTO E INSTALAÇÃO. AF_12/2015","M",2,6.83,13.66,null,"-"]
[null,"SINAPI-C",91854,"ELETRODUTO FLEXÍVEL CORRUGADO, PVC, DN 25 MM (3/4\"), PARA CIRCUITOS TERMINAIS, INSTALADO EM PAREDE - FORNECIMENTO E INSTALAÇÃO. AF_12/2015","M",2.2000000000000002,9.76,21.47,null,"-"]
[null,"SINAPI-C",91937,"CAIXA OCTOGONAL 3\" X 3\", PVC, INSTALADA EM LAJE - FORNECIMENTO E INSTALAÇÃO. AF_12/2015","UN",0.375,11.61,4.3499999999999996,null,"-"]
[null,"SINAPI-C",91940,"CAIXA RETANGULAR 4\" X 2\" MÉDIA (1,30 M DO PISO), PVC, INSTALADA EM PAREDE - FORNECIMENTO E INSTALAÇÃO. AF_12/2015","UN",1,16.11,16.11,null,"-"]
[null,null,null,null,null,"",null,null,null,"-"]
[null,"COMPOSIÇÃO","CEL201","PONTO DE ILUMINAÇÃO, INCLUINDO INTERRUPTOR SIMPLES, CABO (EXCLUINDO LUMINÁRIA E LÂMPADA)","UN","\n",null,52.53,null,"-"]
[null,"SINAPI-C",91924,"CABO DE COBRE FLEXÍVEL ISOLADO, 1,5 MM², ANTI-CHAMA 450/750 V, PARA CIRCUITOS TERMINAIS - FORNECIMENTO E INSTALAÇÃO. AF_12/2015","M",8.4,3.01,25.28,null,"-"]
[null,"SINAPI-C",91953,"INTERRUPTOR SIMPLES (1 MÓDULO), 10A/250V, INCLUINDO SUPORTE E PLACA - FORNECIMENTO E INSTALAÇÃO. AF_12/2015","UN",1,27.25,27.25,null,"-"]
[null,null,null,null,null,"",null,null,null,"-"]
[null,"COMPOSIÇÃO","CEL202","PONTO DE TOMADA, INCLUINDO TOMADA 10A/250V, CABO","UN","\n",null,87.4,null,"-"]
[null,"SINAPI-C",91926,"CABO DE COBRE FLEXÍVEL ISOLADO, 2,5 MM², ANTI-CHAMA 450/750 V, PARA CIRCUITOS TERMINAIS - FORNECIMENTO E INSTALAÇÃO. AF_12/2015","M",12.600000000000001,4.34,54.68,null,"-"]
[null,"SINAPI-C",91996,"TOMADA MÉDIA DE EMBUTIR (1 MÓDULO), 2P+T 10 A, INCLUINDO SUPORTE E PLACA - FORNECIMENTO E INSTALAÇÃO. AF_12/2015","UN",1,32.72,32.72,null,"-"]
[null,null,null,null,null,"",null,null,null,"-"]
[null,"COMPOSIÇÃO","CEL203","PONTO DE TOMADA, INCLUINDO TOMADA 20A/250V, CABO","UN","\n",null,122.92999999999999,null,"-"]
[null,"SINAPI-C",91928,"CABO DE COBRE FLEXÍVEL ISOLADO, 4 MM², ANTI-CHAMA 450/750 V, PARA CIRCUITOS TERMINAIS - FORNECIMENTO E INSTALAÇÃO. AF_12/2015","M",12.600000000000001,6.99,88.07,null,"-"]
[null,"SINAPI-C",91997,"TOMADA MÉDIA DE EMBUTIR (1 MÓDULO), 2P+T 20 A, INCLUINDO SUPORTE E PLACA - FORNECIMENTO E INSTALAÇÃO. AF_12/2015","UN",1,34.86,34.86,null,"-"]
[null,null,null,null,null,"",null,null,null,"-"]
[null,"COMPOSIÇÃO","CEL300","PAINEL LED 40W 50x50cm (FORNECIMENTO E INSTALAÇÃO)                                                                                                                                                                                                                                                                                                                                                                                                ","UN","",null,329.04,null,"-"]
[null,"MERCADO","MEL115","PAINEL LED 40W 50x50cm","UN",1,315,315,null,"-"]
[null,"SINAPI-C",88247,"CADASTRISTA DE REDES DE AGUA E ESGOTO COM ENCARGOS COMPLEMENTARES","H",0.1963,17.72,3.47,null,"-"]
[null,"SINAPI-C",88264,"MONTADOR (TUBO AÇO/EQUIPAMENTOS) COM ENCARGOS COMPLEMENTARES","H",0.47099999999999997,22.46,10.57,null,"-"]
[null,null,null,null,null,null,null,null,null,"-"]
[null,"COMPOSIÇÃO","CEL301","PAINEL LED 33W 40x40cm (FORNECIMENTO E INSTALAÇÃO)                                                                                                                                                                                                                                                                                                                                                                                                ","UN","",null,27.04,null,"-"]
[null,"MERCADO","MEL116","TAMPA PRESSÃO 50MM CHAPA 24            ","M",1,13,13,null,"-"]
[null,"SINAPI-C",88247,"CADASTRISTA DE REDES DE AGUA E ESGOTO COM ENCARGOS COMPLEMENTARES","H",0.1963,17.72,3.47,null,"-"]
[null,"SINAPI-C",88264,"MONTADOR (TUBO AÇO/EQUIPAMENTOS) COM ENCARGOS COMPLEMENTARES","H",0.47099999999999997,22.46,10.57,null,"-"]
[null,null,null,null,null,null,null,null,null,"-"]
[null,"COMPOSIÇÃO","CEL302","REFLETOR LED 150W, (FORNECIMENTO E INSTALAÇÃO)","UN","\n",null,57.14,null,"-"]
[null,"MERCADO","MEL117","ACIONADORES MANUAIS DE ALARME COM SIRENE","UN",1,43.1,43.1,null,"-"]
[null,"SINAPI-C",88247,"CADASTRISTA DE REDES DE AGUA E ESGOTO COM ENCARGOS COMPLEMENTARES","H",0.1963,17.72,3.47,null,"-"]
[null,"SINAPI-C",88264,"MONTADOR (TUBO AÇO/EQUIPAMENTOS) COM ENCARGOS COMPLEMENTARES","H",0.47099999999999997,22.46,10.57,null,"-"]
[null,null,null,null,null,""]
[null,"COMPOSIÇÃO","CEL302","REFLETOR LED 150W, (FORNECIMENTO E INSTALAÇÃO)","UN","\n",null,57.14,null,"-"]
[null,"MERCADO","MEL117","ACIONADORES MANUAIS DE ALARME COM SIRENE","UN",1,43.1,43.1,null,"-"]
[null,"SINAPI-C",88247,"CADASTRISTA DE REDES DE AGUA E ESGOTO COM ENCARGOS COMPLEMENTARES","H",0.1963,17.72,3.47,null,"-"]
[null,"SINAPI-C",88264,"MONTADOR (TUBO AÇO/EQUIPAMENTOS) COM ENCARGOS COMPLEMENTARES","H",0.47099999999999997,22.46,10.57,null,"-"]
[null,null,null,null,null,""]
[null,"COMPOSIÇÃO","CEL400","INFRAESTRUTURA DOS PONTOS DE CABEAMENTO, INCLUINDO CAIXA ELÉTRICA, ELETRODUTO, RASGO, QUEBRA E CHUMBAMENTO","UN","\n",null,127.73,null,"-"]
[null,"SINAPI-C",90447,"RASGO EM ALVENARIA PARA ELETRODUTOS COM DIAMETROS MENORES OU IGUAIS A 40 MM. AF_05/2015","M",2.2000000000000002,7.6,16.72,null,"-"]
[null,"SINAPI-C",90466,"CHUMBAMENTO LINEAR EM ALVENARIA PARA RAMAIS/DISTRIBUIÇÃO COM DIÂMETROS MENORES OU IGUAIS A 40 MM. AF_05/2015","M",2.2000000000000002,12.09,26.59,null,"-"]
[null,"SINAPI-C",90456,"QUEBRA EM ALVENARIA PARA INSTALAÇÃO DE CAIXA DE TOMADA (4X4 OU 4X2). AF_05/2015","UN",1,3.87,3.87,null,"-"]
[null,"SINAPI-C",91846,"ELETRODUTO FLEXÍVEL CORRUGADO, PVC, DN 32 MM (1\"), PARA CIRCUITOS TERMINAIS, INSTALADO EM LAJE - FORNECIMENTO E INSTALAÇÃO. AF_12/2015","M",4,9.4,37.6,null,"-"]
[null,"SINAPI-C",91856,"ELETRODUTO FLEXÍVEL CORRUGADO, PVC, DN 32 MM (1\"), PARA CIRCUITOS TERMINAIS, INSTALADO EM PAREDE - FORNECIMENTO E INSTALAÇÃO. AF_12/2015","M",2.2000000000000002,12.2,26.84,null,"-"]
[null,"SINAPI-C",91940,"CAIXA RETANGULAR 4\" X 2\" MÉDIA (1,30 M DO PISO), PVC, INSTALADA EM PAREDE - FORNECIMENTO E INSTALAÇÃO. AF_12/2015","UN",1,16.11,16.11,null,"-"]
[null,null,null,null,null,"",null,null,null,"-"]
[null,"COMPOSIÇÃO","CEL401","PONTO DE COMUNICAÇÃO, INCLUINDO SUPORTE","UN","\n",null,7.1,null,"-"]
[null,"SINAPI-C",91947,"SUPORTE PARAFUSADO COM PLACA DE ENCAIXE 4\" X 2\" BAIXO (0,30 M DO PISO) PARA PONTO ELÉTRICO - FORNECIMENTO E INSTALAÇÃO. AF_12/2015","UN",1,7.1,7.1,null,"-"]
[null,null,null,null,null,"",null,null,null,"-"]
[null,"COMPOSIÇÃO","CEL406","Rele fotoeletrico  ","UN","\n",null,39.589999999999996,null,"-"]
[null,"SINAPI-I",2510,"RELE FOTOELETRICO INTERNO E EXTERNO BIVOLT 1000 W, DE CONECTOR, SEM BASE","UN",1,31.7,31.7,null,"-"]
[null,"SINAPI-C",88264,"ELETRICISTA COM ENCARGOS COMPLEMENTARES","H",0.25,31.58,7.89,null,"-"]
[]
[null,"COMPOSIÇÃO","CEL407","Trilho eletrificado 2m + 4 spots de led 7w","UN","\n",null,218.52,null,"-"]
[null,"MERCADO","MEL118","TRILHO ELETRIFICADO 2M + 4  SPOTS DE LED 7W","UN",1,208,208,null,"-"]
[null,"SINAPI-C",88264,"ELETRICISTA COM ENCARGOS COMPLEMENTARES","H",0.33333333333333331,31.58,10.52,null,"-"]
[]
[null,"COMPOSIÇÃO","CEL408","Fita de led 6000k ","M","\n",null,13.76,null,"-"]
[null,"MERCADO","MEL119","FITA LED","M",1,8.5,8.5,null,"-"]
[null,"SINAPI-C",88264,"ELETRICISTA COM ENCARGOS COMPLEMENTARES","H",0.16666666666666666,31.58,5.26,null,"-"]
[]
[null,"COMPOSIÇÃO","CEL506","Refletores de led para arvores ângulo 90° -100 Watts","UN","\n",null,122.5,null,"-"]
[null,"MERCADO","MEL506","Refletores de led para arvores ângulo 90° -100 Watts","M",1,95.2,95.2,null,"-"]
[null,"SINAPI-C",88247,"AUXILIAR DE ELETRICISTA COM ENCARGOS COMPLEMENTARES","H",0.5,23.02,11.51,null,"-"]
[null,"SINAPI-C",88264,"ELETRICISTA COM ENCARGOS COMPLEMENTARES","H",0.5,31.58,15.79,null,"-"]
[]
[null,"COMPOSIÇÃO","CEL005","Eletroduto Flexível Corrugado 1\", fita plastica zebrada (fornecimento, escavação, assentamento e reaterro)","M","\n",null,17.68,null,"-"]
[null,"SINAPI-C",91847,"ELETRODUTO FLEXÍVEL CORRUGADO REFORÇADO, PVC, DN 32 MM (1\"), PARA CIRCUITOS TERMINAIS, INSTALADO EM LAJE - FORNECIMENTO E INSTALAÇÃO. AF_12/2015","M",1,11.93,11.93,null,"-"]
[null,"SINAPI-I",42015,"FITA PLASTICA ZEBRADA PARA DEMARCACAO DE AREAS, LARGURA = 7 CM, SEM ADESIVO (COLETADO CAIXA)","M",1,2.38,2.38,null,"-"]
[null,"SINAPI-C",88246,"ASSENTADOR DE TUBOS COM ENCARGOS COMPLEMENTARES","H",0.16,21.1,3.37,null,"-"]
[]
[null,"COMPOSIÇÃO","CEL500","Poste de iluminação H= 9m, 4 luminárias de led 180w ","UN","\n",null,5114.4299999999994,null,"-"]
[null,"SINAPI-I",14165,"POSTE CONICO CONTINUO EM ACO GALVANIZADO, RETO, ENGASTADO,  H = 9 M, DIAMETRO INFERIOR = *145* MM","UN",1,2073.98,2073.98,null,"-"]
[null,"MERCADO","MEL500","Luminaria de led 180w, Grau de Proteção contra Poeira e Umidade mínimo IP-65 , Fluxo Luminoso Efetivo ≥ a 19.800/lm, estrutura em alumínio injetado com pintura eletrostática, Led com vida útil igual ou superior a 60.000 hs, certificado de garantida de 5 anos.","M",4,690,2760,null,"-"]
[null,"SINAPI-C",88247,"AUXILIAR DE ELETRICISTA COM ENCARGOS COMPLEMENTARES","H",2,23.02,46.04,null,"-"]
[null,"SINAPI-C",88264,"ELETRICISTA COM ENCARGOS COMPLEMENTARES","H",2,31.58,63.16,null,"-"]
[null,"SINAPI-C",93401,"GUINDAUTO HIDRÁULICO, CAPACIDADE MÁXIMA DE CARGA 3300 KG, MOMENTO MÁXIMO DE CARGA 5,8 TM, ALCANCE MÁXIMO HORIZONTAL 7,60 M, INCLUSIVE CAMINHÃO TOCO PBT 16.000 KG, POTÊNCIA DE 189 CV - MATERIAIS NA OPERAÇÃO. AF_03/2016","H",1.5,114.17,171.25,null,"-"]
[null,null,null,null,null,"",null,null,null,"-"]
[null,"COMPOSIÇÃO","CEL505","Refletores de led para arvores ângulo 90° -100 Watts","UN","\n",null,53.199999999999996,null,"-"]
[null,"MERCADO","MEL505","Refletor de led com ângulo de 90° com iluminção verde para arvores - 10 Watts","M",1,25.9,25.9,null,"-"]
[null,"SINAPI-C",88247,"AUXILIAR DE ELETRICISTA COM ENCARGOS COMPLEMENTARES","H",0.5,23.02,11.51,null,"-"]
[null,"SINAPI-C",88264,"ELETRICISTA COM ENCARGOS COMPLEMENTARES","H",0.5,31.58,15.79,null,"-"]
[]
[null,"COMPOSIÇÃO","CEL502","Poste metalico de 3m, 1 luminárias de led de 50w.","UN","\n",null,490.94,null,"-"]
[null,"MERCADO","MEL502","Poste metalico de 3m, 1 luminária de led de 50w.","M",1,450,450,null,"-"]
[null,"SINAPI-C",88247,"AUXILIAR DE ELETRICISTA COM ENCARGOS COMPLEMENTARES","H",0.75,23.02,17.260000000000002,null,"-"]
[null,"SINAPI-C",88264,"ELETRICISTA COM ENCARGOS COMPLEMENTARES","H",0.75,31.58,23.68,null,"-"]
[]
[null,"COMPOSIÇÃO","CEL510","Projetor Solo 4W - 270 lumens\nFacho: 30°","UN","\n",null,207.96,null,"-"]
[null,"MERCADO","MEL503","Projetor Solo 4W - 270 lumens\nFacho: 30°","M",1,167.02,167.02,null,"-"]
[null,"SINAPI-C",88247,"AUXILIAR DE ELETRICISTA COM ENCARGOS COMPLEMENTARES","H",0.75,23.02,17.260000000000002,null,"-"]
[null,"SINAPI-C",88264,"ELETRICISTA COM ENCARGOS COMPLEMENTARES","H",0.75,31.58,23.68,null,"-"]
[]
[null,"COMPOSIÇÃO","CHD011","BUCHA DE REDUCAO DE PVC, SOLDAVEL, LONGA, COM 50 X 25 MM, PARA AGUA FRIA PREDIAL - FORNECIMENTO E INSTALAÇÃO","UN","",null,9.7800000000000011,null,"-"]
[null,"SINAPI-I",122,"ADESIVO PLASTICO PARA PVC, FRASCO COM 850 GR","UN",7.0000000000000001E-3,81.3,0.56000000000000005,null,"-"]
[null,"SINAPI-I",813,"BUCHA DE REDUCAO DE PVC, SOLDAVEL, LONGA, COM 50 X 25 MM, PARA AGUA FRIA PREDIAL","UN",1,4.84,4.84,null,"-"]
[null,"SINAPI-I",20083,"SOLUCAO LIMPADORA PARA PVC, FRASCO COM 1000 CM3","UN",8.0000000000000002E-3,70.599999999999994,0.56000000000000005,null,"-"]
[null,"SINAPI-I",38383,"LIXA D'AGUA EM FOLHA, GRAO 100","UN",0.03,2.0499999999999998,0.06,null,"-"]
[null,"SINAPI-C",88248,"AUXILIAR DE ENCANADOR OU BOMBEIRO HIDRÁULICO COM ENCARGOS COMPLEMENTARES","H",0.09,17.77,1.59,null,"-"]
[null,"SINAPI-C",88267,"ENCANADOR OU BOMBEIRO HIDRÁULICO COM ENCARGOS COMPLEMENTARES","H",0.09,24.15,2.17,null,"-"]
[null,null,null,null,null,"",null,null,null,"-"]
[null,"COMPOSIÇÃO","CHD019","JUNCAO SIMPLES, PVC, DN 100 X 50 MM, SERIE NORMAL PARA ESGOTO PREDIAL - FORNECIMENTOE INSTALAÇÃO","UN","",null,33.78,null,""]
[null,"SINAPI-I",296,"ANEL BORRACHA PARA TUBO ESGOTO PREDIAL DN 50 MM (NBR 5688)","UN",1,1.86,1.86,null,""]
[null,"SINAPI-I",301,"ANEL BORRACHA PARA TUBO ESGOTO PREDIAL, DN 100 MM (NBR 5688)","UN",1,3.3,3.3,null,""]
[null,"SINAPI-I",20078,"PASTA LUBRIFICANTE PARA TUBOS E CONEXOES COM JUNTA ELASTICA (USO EM PVC, ACO, POLIETILENO E OUTROS) ( DE *400* G)","UN",9.1999999999999998E-2,29.77,2.73,null,""]
[null,"SINAPI-I",3659,"JUNCAO SIMPLES, PVC, DN 100 X 50 MM, SERIE NORMAL PARA ESGOTO PREDIAL","UN",1,18.149999999999999,18.149999999999999,null,""]
[null,"SINAPI-C",88248,"AUXILIAR DE ENCANADOR OU BOMBEIRO HIDRÁULICO COM ENCARGOS COMPLEMENTARES","H",0.185,17.77,3.28,null,""]
[null,"SINAPI-C",88267,"ENCANADOR OU BOMBEIRO HIDRÁULICO COM ENCARGOS COMPLEMENTARES","H",0.185,24.15,4.46,null,""]
[null,null,null,null,null,"",null,null,null,""]
[null,"COMPOSIÇÃO","CHD030","TUBO DE POLIETILENO DE ALTA DENSIDADE (PEAD), PE-80, DE = 20 MM X 2,3 MM DE PAREDE, PARA LIGACAO DE AGUA PREDIAL (NBR 15561)","M","\n",null,14.08,null,"-"]
[null,"SINAPI-I",9813,"TUBO DE POLIETILENO DE ALTA DENSIDADE (PEAD), PE-80, DE = 20 MM X 2,3 MM DE PAREDE, PARA LIGACAO DE AGUA PREDIAL (NBR 15561)","M",1,5.5,5.5,null,"-"]
[null,"SINAPI-C",88316,"SERVENTE COM ENCARGOS COMPLEMENTARES","H",0.2,18.75,3.75,null,"-"]
[null,"SINAPI-C",88267,"ENCANADOR OU BOMBEIRO HIDRÁULICO COM ENCARGOS COMPLEMENTARES","H",0.2,24.15,4.83,null,"-"]
[null,null,null,null,null,"",null,null,null,"-"]
[null,"COMPOSIÇÃO","CHD200","CAIXA D'AGUA EM POLIETILENO 500 LITROS, COM TAMPA - FORNECIMENTO E INSTALAÇÃO. AF_04/2019","UN","",null,243.41000000000003,null,""]
[null,"SINAPI-I",34637,"CAIXA D'AGUA EM POLIETILENO 500 LITROS, COM TAMPA","UN",1,235.11,235.11,null,""]
[null,"SINAPI-C",88248,"AUXILIAR DE ENCANADOR OU BOMBEIRO HIDRÁULICO COM ENCARGOS COMPLEMENTARES","H",0.25,17.77,4.4400000000000004,null,""]
[null,"SINAPI-C",88267,"ENCANADOR OU BOMBEIRO HIDRÁULICO COM ENCARGOS COMPLEMENTARES","H",0.16,24.15,3.86,null,""]
[null,null,null,null,null,"",null,null,null,""]
[null,"COMPOSIÇÃO","CHD501","Dispositivo De Retorno Inox 50 Mm","UN","",null,61.879999999999995,null,"-"]
[null,"MERCADO","MPL001","Dispositivo De Retorno Inox 50 Mm","UN",1,53.5,53.5,null,"-"]
[null,"SINAPI-C",88248,"AUXILIAR DE ENCANADOR OU BOMBEIRO HIDRÁULICO COM ENCARGOS COMPLEMENTARES","H",0.2,17.77,3.55,null,"-"]
[null,"SINAPI-C",88267,"ENCANADOR OU BOMBEIRO HIDRÁULICO COM ENCARGOS COMPLEMENTARES","H",0.2,24.15,4.83,null,"-"]
[null,null,null,null,null,"",null,null,null,"-"]
[null,"COMPOSIÇÃO","CHD502","Válvula Redutora Reguladora De Pressão 3/4” C/ Manômetro","UN","",null,154.94999999999999,null,"-"]
[null,"MERCADO","MPL002","Válvula Redutora Reguladora De Pressão 3/4” C/ Manômetro","UN",1,134,134,null,"-"]
[null,"SINAPI-C",88248,"AUXILIAR DE ENCANADOR OU BOMBEIRO HIDRÁULICO COM ENCARGOS COMPLEMENTARES","H",0.5,17.77,8.8800000000000008,null,"-"]
[null,"SINAPI-C",88267,"ENCANADOR OU BOMBEIRO HIDRÁULICO COM ENCARGOS COMPLEMENTARES","H",0.5,24.15,12.07,null,"-"]
[null,null,null,null,null,"",null,null,null,"-"]
[null,"COMPOSIÇÃO","CHD503","Válvula Solenoide para Água 220V 180° (3/4 x 3/4) VA 04","UN","",null,79.949999999999989,null,"-"]
[null,"MERCADO","MPL003","Válvula Solenoide para Água 220V 180° (3/4 x 3/4) VA 04","UN",1,59,59,null,"-"]
[null,"SINAPI-C",88248,"AUXILIAR DE ENCANADOR OU BOMBEIRO HIDRÁULICO COM ENCARGOS COMPLEMENTARES","H",0.5,17.77,8.8800000000000008,null,"-"]
[null,"SINAPI-C",88267,"ENCANADOR OU BOMBEIRO HIDRÁULICO COM ENCARGOS COMPLEMENTARES","H",0.5,24.15,12.07,null,"-"]
[null,null,null,null,null,"",null,null,null,"-"]
[null,"COMPOSIÇÃO","CHD504","Filtro para Piscina com Bomba 1/4 CV Monofásica","UN","",null,1423.1399999999999,null,"-"]
[null,"MERCADO","MPL004","Filtro para Piscina com Bomba 1/4 CV Monofásica","UN",1,1339.3,1339.3,null,"-"]
[null,"SINAPI-C",88248,"AUXILIAR DE ENCANADOR OU BOMBEIRO HIDRÁULICO COM ENCARGOS COMPLEMENTARES","H",2,17.77,35.54,null,"-"]
[null,"SINAPI-C",88267,"ENCANADOR OU BOMBEIRO HIDRÁULICO COM ENCARGOS COMPLEMENTARES","H",2,24.15,48.3,null,"-"]
[null,null,null,null,null,"",null,null,null,"-"]
[null,"COMPOSIÇÃO","CHD505","Sensor De Nível De Água Interruptor De Bóia E Mini Bóia","UN","",null,34.380000000000003,null,"-"]
[null,"MERCADO","MPL005","Sensor De Nível De Água Interruptor De Bóia E Mini Bóia","UN",1,26,26,null,"-"]
[null,"SINAPI-C",88248,"AUXILIAR DE ENCANADOR OU BOMBEIRO HIDRÁULICO COM ENCARGOS COMPLEMENTARES","H",0.2,17.77,3.55,null,"-"]
[null,"SINAPI-C",88267,"ENCANADOR OU BOMBEIRO HIDRÁULICO COM ENCARGOS COMPLEMENTARES","H",0.2,24.15,4.83,null,"-"]
[null,null,null,null,null,""]
[null,"COMPOSIÇÃO","CAC001","DUCHA HIGIÊNICA METÁLICA DE PAREDE ARTICULÁVEL (fornecimento e instalação)","UN","",null,221.36,null,""]
[null,"SINAPI-I",38189,"DUCHA METALICA DE PAREDE, ARTICULAVEL, COM BRACO/CANO, SEM DESVIADOR","UN",1,201.42,201.42,null,""]
[null,"SINAPI-I",3148,"FITA VEDA ROSCA EM ROLOS DE 18 MM X 50 M (L X C)","UN",0.01,11.06,0.11,null,""]
[null,"SINAPI-C",88264,"ELETRICISTA COM ENCARGOS COMPLEMENTARES","H",0.45,31.58,14.21,null,""]
[null,"SINAPI-C",88316,"SERVENTE COM ENCARGOS COMPLEMENTARES","H",0.3,18.75,5.62,null,""]
[null,null,null,null,null,"",null,null,null,""]
[null,"COMPOSIÇÃO","CAC002","ALARME DE EMERGÊNCIA AUDIOVISUAL (fornecimento e instalação)","UN","",null,390.42,null,""]
[null,"MERCADO","MAC001","ALARME DE EMERGÊNCIA AUDIOVISUAL","UN",1,380,380,null,""]
[null,"SINAPI-C",88264,"ELETRICISTA COM ENCARGOS COMPLEMENTARES","H",0.33,31.58,10.42,null,""]
[null,null,null,null,null,"",null,null,null,""]
[null,"COMPOSIÇÃO","CAC007","TOALHEIRO PLÁSTICO TIPO DISPENSER PARA PAPEL TOALHA INTERFOLHADO (fornecimento e instalação)","UN","",null,55.12,null,""]
[null,"SINAPI-C",88316,"SERVENTE COM ENCARGOS COMPLEMENTARES","H",0.25,18.75,4.68,null,""]
[null,"SINAPI-I",37401,"TOALHEIRO PLASTICO TIPO DISPENSER PARA PAPEL TOALHA INTERFOLHADO","UN",1,50.44,50.44,null,""]
[null,null,null,null,null,"",null,null,null,""]
[null,"COMPOSIÇÃO","CAC008","PAPELEIRA TIPO DISPENSER PARA PAPEL HIGIÊNICO PARA ROLO DE 300M (fornecimento e instalação)","UN","",null,55.12,null,""]
[null,"SINAPI-C",88316,"SERVENTE COM ENCARGOS COMPLEMENTARES","H",0.25,18.75,4.68,null,""]
[null,"SINAPI-I",37400,"PAPELEIRA PLASTICA TIPO DISPENSER PARA PAPEL HIGIENICO ROLAO","UN",1,50.44,50.44,null,""]
[null,null,null,null,null,"",null,null,null,""]
[null,"COMPOSIÇÃO","CAC009","GANCHO PARA PENDURAR UTENSÍLIOS (fornecimento e instalação)","UN","",null,27.24,null,""]
[null,"SINAPI-I",37399,"CABIDE/GANCHO DE BANHEIRO SIMPLES EM METAL CROMADO","UN",1,21.06,21.06,null,""]
[null,"SINAPI-C",88316,"SERVENTE COM ENCARGOS COMPLEMENTARES","H",0.33,18.75,6.18,null,""]
[null,null,null,null,null,"",null,null,null,""]
[null,"COMPOSIÇÃO","CAC010","PORTA OBJETOS DE CANTO EM GRANITO, RAIO DE 25CM, COM 02 MÃOS-FRANCESAS DE 15CM (FORNECIMENTO E INSTALAÇÃO)","UN","",null,74.94,null,""]
[null,"SINAPI-I",11795,"GRANITO PARA BANCADA, POLIDO, TIPO ANDORINHA/ QUARTZ/ CASTELO/ CORUMBA OU OUTROS EQUIVALENTES DA REGIAO, E=  *2,5* CM","M2",6.25E-2,486.79,30.42,null,""]
[null,"SINAPI-C",100861,"SUPORTE MÃO FRANCESA EM AÇO, ABAS IGUAIS 30 CM, CAPACIDADE MINIMA 60 KG, BRANCO - FORNECIMENTO E INSTALAÇÃO. AF_01/2020","UN",1,41.52,41.52,null,""]
[null,"SINAPI-C",88316,"SERVENTE COM ENCARGOS COMPLEMENTARES","H",0.16,18.75,3,null,""]
[null,null,null,null,null,"",null,null,null,""]
[null,"COMPOSIÇÃO","CAC011","LIXEIRA BASCULANTE DE PVC 12 LITROS (fornecimento e instalação)","UN","",null,35,null,""]
[null,"SINAPI-C",88316,"SERVENTE COM ENCARGOS COMPLEMENTARES","H",0.16,18.75,3,null,""]
[null,"MERCADO","MED099","LIXEIRA BASCULANTE DE PVC 12 LITROS","UN",1,32,32,null,""]
[null,null,null,null,null,"",null,null,null,""]
[null,"COMPOSIÇÃO","CAC013","PLACA DE PROTEÇÃO DE IMPACTO NAS PORTAS (fornecimento e instalação)","M2","",null,254.86,null,""]
[null,"SINAPI-I",11026,"CHAPA DE ACO GALVANIZADA BITOLA GSG 14, E = 1,95 MM (15,60 KG/M2)","KG",15.6,15.89,247.88,null,""]
[null,"SINAPI-C",88316,"SERVENTE COM ENCARGOS COMPLEMENTARES","H",0.33,18.75,6.18,null,""]
[null,"SINAPI-I",4356,"PARAFUSO DE ACO ZINCADO COM ROSCA SOBERBA, CABECA CHATA E FENDA SIMPLES, DIAMETRO 4,8 MM, COMPRIMENTO 45 MM","UN",4,0.2,0.8,null,""]
[null,null,null,null,null,"",null,null,null,""]
[null,"COMPOSIÇÃO","CAC020","PLACA DE SINALIZAÇÃO EM ACRÍLICO, 12X20CM (FORNECIMENTO E INSTALAÇÃO)","UN","",null,72.55,null,""]
[null,"SINAPI-I",10851,"PLACA TÁTIL BRAILLER PARA SINALIZAÇÃO DE AMBIENTES, COM FITA DUPLA FACE","UN",1.2,57.96,69.55,null,""]
[null,"SINAPI-C",88316,"SERVENTE COM ENCARGOS COMPLEMENTARES","H",0.16,18.75,3,null,""]
[null,null,null,null,null,"",null,null,null,""]
[null,"COMPOSIÇÃO","CAC021","PLACA DE SINALIZAÇÃO EM ACRÍLICO, 20X20CM (FORNECIMENTO E INSTALAÇÃO)","UN","",null,118.92,null,""]
[null,"SINAPI-I",10851,"PLACA TÁTIL BRAILLER PARA SINALIZAÇÃO DE AMBIENTES, COM FITA DUPLA FACE","UN",2,57.96,115.92,null,""]
[null,"SINAPI-C",88316,"SERVENTE COM ENCARGOS COMPLEMENTARES","H",0.16,18.75,3,null,""]
[null,null,null,null,null,""]
[null,"COMPOSIÇÃO","CPR002","PLACA INDICATIVA DE LOTAÇÃO MÁXIMA, EM PVC 30x20cm","UN","",null,42.86,null,""]
[null,"SINAPI-I",4350,"BUCHA DE NYLON, DIAMETRO DO FURO 8 MM, COMPRIMENTO 40 MM, COM PARAFUSO DE ROSCA SOBERBA, CABECA CHATA, FENDA SIMPLES, 4,8 X 50 MM","UN",2,0.49,0.98,null,""]
[null,"SINAPI-I",34721,"PLACA DE SINALIZACAO EM CHAPA DE ALUMINIO COM PINTURA REFLETIVA, E = 2 MM","M2",0.06,648,38.880000000000003,null,""]
[null,"SINAPI-C",88316,"SERVENTE COM ENCARGOS COMPLEMENTARES","H",0.16,18.75,3,null,""]
[null,null,null,null,null,""]
[null,"COMPOSIÇÃO","COM001","REVESTIMENTO EM PEDRA SÃO TOME ASSENTADO SOBRE ARGAMASSA 1:3 (CIMENTO E AREIA) REJUNTADO COM CIMENTO BRANCO (FORNECIMENTO E INSTALAÇÃO)","M2","",null,74.350000000000009,null,"-"]
[null,"SINAPI-I",1380,"CIMENTO BRANCO","KG",1.468,2.0099999999999998,2.95,null,"-"]
[null,"MERCADO","MED902","REVESTIMENTO EM PEDRA FILETE SÃO TOMÉ","M2",1.05,68,71.400000000000006,null,"-"]
[null,"SINAPI-C",88309,"PEDREIRO COM ENCARGOS COMPLEMENTARES","H",0.8,23.98,19.18,null,"-"]
[null,"SINAPI-C",88316,"SERVENTE COM ENCARGOS COMPLEMENTARES","H",0.4,18.75,7.5,null,"-"]
[null,"SINAPI-C",88629,"ARGAMASSA TRAÇO 1:3 (EM VOLUME DE CIMENTO E AREIA MÉDIA ÚMIDA), PREPARO MANUAL. AF_08/2019","M3",0.03,561.54999999999995,16.84,null,"-"]
[]
[null,"COMPOSIÇÃO","COM002","MAPA TÁTIL 60X50CM EM AÇO INOX COM PEDESTAL (FORNECIMENTO E INSTALAÇÃO)","UN","",null,4583.75,null,"-"]
[null,"MERCADO","MED117","MAPA TÁTIL 60X50CM EM AÇO INOX","UN",1,1840,1840,null,"-"]
[null,"MERCADO","MED905","PEDESTAL EM AÇO INOX","M",1,2725,2725,null,"-"]
[null,"SINAPI-C",88316,"SERVENTE COM ENCARGOS COMPLEMENTARES","H",1,18.75,18.75,null,"-"]
[null,null,null,null,null,"",null,null,null,"-"]
[null,"COMPOSIÇÃO","COM004","SINALIZAÇÃO VISUAL PARA DEGRAUS 20X3CM EM PVC, TEXTURA GRÃO DE ARROZ, ANTIDERRAPANTE, COR AMARELA, FIXADO COM COLA DE CONTATO","UN","",null,3.5700000000000003,null,""]
[null,"MERCADO","MED118","FAIXA SINALIZAÇÃO VISUAL  EM PVC FIXADA NO PISO COM COLA DE CONTATO PARA AMBIENTES EXTERNOS, TEXTURA GRÃO DE ARROZ (ANTIDERRAPANTE), COR: AMARELA","UN",1,3.2,3.2,null,""]
[null,"SINAPI-C",88316,"SERVENTE COM ENCARGOS COMPLEMENTARES","H",0.02,18.75,0.37,null,""]
[null,null,null,null,null,""]
[null,"COMPOSIÇÃO","CPA009","MEIO FIO PRÉ-MOLDADO DE CONCRETO, ARREDONDADO, (6/10)X30X100 (FORNECIMENTO E ASSENTAMENTO)","M","",null,26.879999999999995,null,"-"]
[null,"MERCADO","MPA009","MEIO FIO 6/10X30X100 (ARREDONDADO)","M",1.0049999999999999,18,18.09,null,"-"]
[null,"SINAPI-C",88316,"SERVENTE COM ENCARGOS COMPLEMENTARES","H",0.19400000000000001,18.75,3.63,null,"-"]
[null,"SINAPI-C",88309,"PEDREIRO COM ENCARGOS COMPLEMENTARES","H",0.19400000000000001,23.98,4.6500000000000004,null,"-"]
[null,"SINAPI-I",370,"AREIA MEDIA - POSTO JAZIDA/FORNECEDOR (RETIRADO NA JAZIDA, SEM TRANSPORTE)","M3",2.2000000000000001E-3,85.78,0.18,null,"-"]
[null,"SINAPI-C",88629,"ARGAMASSA TRAÇO 1:3 (EM VOLUME DE CIMENTO E AREIA MÉDIA ÚMIDA), PREPARO MANUAL. AF_08/2019","M3",5.9999999999999995E-4,561.54999999999995,0.33,null,"-"]
[null,null,null,null,null,"",null,null,null,"-"]
[null,"COMPOSIÇÃO","CPA012","PAVIMENTACAO EM BLOCOS INTERTRAVADOS DE CONCRETO (PAVER VERMELHO PODOTATIL), ESPESSURA 6,0 CM, FCK 35MPA, ASSENTADOS SOBRE AREIA GROSSA E=6CM, PARA ALERTA E DIRECIONAL","M2","",null,77.900000000000006,null,"-"]
[null,"SINAPI-C",88260,"CALCETEIRO COM ENCARGOS COMPLEMENTARES","H",0.27,23.84,6.43,null,"-"]
[null,"SINAPI-C",88316,"SERVENTE COM ENCARGOS COMPLEMENTARES","H",0.27,18.75,5.0599999999999996,null,"-"]
[null,"SINAPI-I",370,"AREIA MEDIA - POSTO JAZIDA/FORNECEDOR (RETIRADO NA JAZIDA, SEM TRANSPORTE)","M3",5.0000000000000001E-3,85.78,0.42,null,"-"]
[null,"SINAPI-C",91277,"PLACA VIBRATÓRIA REVERSÍVEL COM MOTOR 4 TEMPOS A GASOLINA, FORÇA CENTRÍFUGA DE 25 KN (2500 KGF), POTÊNCIA 5,5 CV - CHP DIURNO. AF_08/2015","CHP",5.0000000000000001E-3,8.6999999999999993,0.04,null,"-"]
[null,"SINAPI-C",91278,"PLACA VIBRATÓRIA REVERSÍVEL COM MOTOR 4 TEMPOS A GASOLINA, FORÇA CENTRÍFUGA DE 25 KN (2500 KGF), POTÊNCIA 5,5 CV - CHI DIURNO. AF_08/2015","CHI",0.13,0.51,0.06,null,"-"]
[null,"SINAPI-C",91283,"CORTADORA DE PISO COM MOTOR 4 TEMPOS A GASOLINA, POTÊNCIA DE 13 HP, COM DISCO DE CORTE DIAMANTADO SEGMENTADO PARA CONCRETO, DIÂMETRO DE 350 MM, FURO DE 1\" (14 X 1\") - CHP DIURNO. AF_08/2015","CHP",1.4E-2,19.93,0.27,null,"-"]
[null,"SINAPI-C",91285,"CORTADORA DE PISO COM MOTOR 4 TEMPOS A GASOLINA, POTÊNCIA DE 13 HP, COM DISCO DE CORTE DIAMANTADO SEGMENTADO PARA CONCRETO, DIÂMETRO DE 350 MM, FURO DE 1\" (14 X 1\") - CHI DIURNO. AF_08/2015","CHI",0.13,0.8,0.1,null,"-"]
[null,"SINAPI-I",367,"AREIA GROSSA - POSTO JAZIDA/FORNECEDOR (RETIRADO NA JAZIDA, SEM TRANSPORTE)","M3",0.06,82,4.92,null,"-"]
[null,"MERCADO","MPA018","PODOTATIL DE PAVER 20X20X6","M2",1.01,60,60.6,null,"-"]
[null,null,null,null,null,null,null,null,null,"-"]